Every Living Language in the World - Statistics

General Stats
  • This quiz has been taken 514 times
    70 since last reset
  • The average score is 551 of 6787
Answer Stats
Code Language Country % Correct
eee E China
90%
rme Angloromani United Kingdom
88%
uuu U China
88%
aqr Arhâ France
86%
spq Charapa Spanish Peru
86%
kcq Kamo Nigeria
86%
mjn Ma Papua New Guinea
86%
msj Ma Democratic Republic of the Congo
86%
spa Spanish Spain
86%
jpn Japanese Japan
83%
soc So Democratic Republic of the Congo
83%
sss So Laos
83%
arq Algerian Arabic Algeria
81%
aao Algerian Saharan Arabic Algeria
81%
ara Arabic Egypt
81%
abv Bahraini Arabic Bahrain
81%
rmn Balkan Romani Romania
81%
rml Baltic Romani Poland
81%
rmc Carpathian Romani Slovakia
81%
shu Chadian Arabic Chad
81%
acy Cypriot Arabic Cyprus
81%
adf Dhofari Arabic Oman
81%
arz Egyptian Arabic Egypt
81%
enc En Vietnam
81%
eng English United Kingdom
81%
hmj Ge Hmong China
81%
afb Gulf Arabic Saudi Arabia
81%
ayh Hadhrami Arabic Yemen
81%
acw Hejazi Arabic Saudi Arabia
81%
hoe Horom Nigeria
81%
ita Italian Italy
81%
pga Juba Arabic South Sudan
81%
jrb Judeo-Arabic Algeria
81%
yhd Judeo-Iraqi Arabic Israel
81%
itk Judeo-Italian Italy
81%
ajw Judeo-Moroccan Arabic Morocco
81%
yud Judeo-Tripolitanian Arabic Israel
81%
aju Judeo-Tunisian Arabic Tunisia
81%
jye Judeo-Yemeni Arabic Yemen
81%
rmf Kalengo Tšibbaha Finland
81%
apc Levantine Arabic Syria
81%
ayl Libyan Arabic Libya
81%
mlf Ma'di Thailand
81%
acm Mesopotamian Arabic Iraq
81%
ary Moroccan Arabic Morocco
81%
ars Najdi Arabic Saudi Arabia
81%
ayp North Mesopotamian Arabic Iraq
81%
avl Northwest Arabian Arabic Egypt
81%
acx Omani Arabic Oman
81%
ppt Pa Papua New Guinea
81%
pdc Pennsylvania German United States
81%
tdk Rom Nigeria
81%
rmm Roma Indonesia
81%
rmx Roman Vietnam
81%
rom Romani Turkiye
81%
aec Ṣa'īdi Arabic Egypt
81%
ayn San'ani Arabic Yemen
81%
ssh Shihhi Arabic Oman
81%
rmo Sinte Romani Germany
81%
apd Sudanese Arabic Sudan
81%
acq Ta'izzi-Adeni Arabic Yemen
81%
abh Tajiki Arabic Tajikistan
81%
rmu Tavringer Romani Sweden
81%
aeb Tunisian Arabic Tunisia
81%
auz Uzbeki Arabic Uzbekistan
81%
rmy Vlax Romani Romania
81%
bel Belarussian Belarus
79%
zbu Bu Nigeria
79%
bwx Bu-Nao China
79%
jid Bu-Ninkada Nigeria
79%
gct Colonia Tovar German Venezuela
79%
sax Dlo Kêt Vanuatu
79%
dty Doteli Nepal
79%
nld Dutch Netherlands
79%
fra French France
79%
deu German Germany
79%
hji Haji Indonesia
79%
geh Hutterite German Canada
79%
lou Louisiana Creole United States
79%
mmt Mala Papua New Guinea
79%
ped Mala Papua New Guinea
79%
ruy Mala Nigeria
79%
mxf Malagbe Cameroon
79%
ruq Megleno-Romanian Greece
79%
wkd Mo Indonesia
79%
nep Nepali Nepal
79%
npi Nepali Nepal
79%
gnj Ngen Côte d'Ivoire
79%
pea Peranakan Indonesian Indonesia
79%
ron Romanian Romania
79%
ruo Rumârește Croatia
79%
hns Saranami Hindustani Suriname
79%
abs Ambonese Malay Indonesia
76%
mbf Baba Malay Singapore
76%
btj Bacan Malay Indonesia
76%
zlm Bahasa Malayu Malaysia
76%
mhp Balinese Malay Indonesia
76%
bpq Banda Malay Indonesia
76%
mfb Bangka Indonesia
76%
bjn Banjar Indonesia
76%
nhb Beng Côte d'Ivoire
76%
ben Bengali Bangladesh
76%
bve Berau Malay Indonesia
76%
bew Betawi Malay Indonesia
76%
kxd Brunei Brunei
76%
bbx Bube Equatorial Guinea
76%
bvb Bube Equatorial Guinea
76%
bvu Bukit Malay Indonesia
76%
pse Central Malay Indonesia
76%
coa Cocos Malay Australia
76%
liw Col Indonesia
76%
prs Dari Afghanistan
76%
dup Duano' Indonesia
76%
gaa Ga Ghana
76%
gqa Ga'anda Nigeria
76%
hin Hindi India
76%
huo Hu China
76%
jak Jakun Malaysia
76%
gna Kaansa Burkina Faso
76%
vkk Kaur Indonesia
76%
kvr Kerinci Indonesia
76%
mqg Kota Bangun Kutai Malay Indonesia
76%
kvb Kubu Indonesia
76%
mkn Kupang Malay Indonesia
76%
lrt Larantuka Malay Indonesia
76%
lav Latvian Latvia
76%
lcf Lubu Indonesia
76%
msa Malay Malaysia
76%
ccm Malay Chetty Malaysia
76%
xmm Manado Malay Indonesia
76%
min Minangkabau Indonesia
76%
mnw Mon Myanmar
76%
mui Musi Indonesia
76%
nbt Na India
76%
zmi Negeri Sembilan Malay Malaysia
76%
max North Moluccan Malay Indonesia
76%
orn Orang Kanaq Malaysia
76%
ors Orang Seletar Malaysia
76%
pmy Papuan Malay Indonesia
76%
prd Parsi-Dari Iran
76%
ptn Patani Indonesia
76%
mfa Pattani Malay Thailand
76%
pel Pekal Indonesia
76%
meo Pelat Utagha Malaysia
76%
por Portuguese Portugal
76%
rus Russian Russia
76%
lce Sekak Indonesia
76%
lvs Standard Latvian Latvia
76%
zsm Standard Malay Malaysia
76%
tmw Temuan Malaysia
76%
vkt Tenggarong Kutai Malay Indonesia
76%
urk Urak Lawoi' Thailand
76%
ymo Yangum Mon Papua New Guinea
76%
yue Yue China
76%
sqi Albanian Albania
74%
aae Arbëresh Italy
74%
bng Benga Equatorial Guinea
74%
nob Bokmål Norway
74%
bnr Butmas Vanuatu
74%
gxx Central Guéré Côte d'Ivoire
74%
hrv Croatian Croatia
74%
est Estonian Estonia
74%
aln Gheg Albania
74%
haq Ha Tanzania
74%
hun Hungarian Hungary
74%
irr Ir Laos
74%
lao Lao Laos
74%
nlq Lao Naga Myanmar
74%
lit Lithuanian Lithuania
74%
nor Norwegian Norway
74%
nno Nynorsk Norway
74%
thy Tha Nigeria
74%
mjg Tu China
74%
wob Wɛɛ Côte d'Ivoire
74%
wec Wè Western Côte d'Ivoire
74%
cat Catalan Spain
71%
dnj Dan Côte d'Ivoire
71%
fuj Fungor Sudan
71%
hnu Hung Laos
71%
nbi Imela India
71%
pes Iranian Persian Iran
71%
kaz Kazakh Kazakhstan
71%
kmz Khorasani Turkish Iran
71%
lda Kla-Dan Côte d'Ivoire
71%
lol Lɔmɔngɔ Democratic Republic of the Congo
71%
dni Lower Grand Valley Dani Indonesia
71%
dnt Mid Grand Valley Dani Indonesia
71%
tts Northeastern Thai Thailand
71%
nod Northern Thai Thailand
71%
fas Persian Iran
71%
pmm Pol Cameroon
71%
pol Polish Poland
71%
rsb Romano-Serbian Serbia
71%
sco Scots United Kingdom
71%
srp Serbian Serbia
71%
som Somali Ethiopia
71%
sou Southern Thai Thailand
71%
tgk Tajik Tajikistan
71%
tha Thai Thailand
71%
soa Thai Song Thailand
71%
rmg Traveller Norwegian Norway
71%
trl Traveller Scottish United Kingdom
71%
tur Turkish Turkiye
71%
tuk Türkmen Turkmenistan
71%
dna Upper Grand Valley Dani Indonesia
71%
dnw Western Dani Indonesia
71%
asz As Indonesia
69%
aze Azeri Azerbaijan
69%
zlu Bi Zule China
69%
bpw Bo Papua New Guinea
69%
bmq Bomu Burkina Faso
69%
rar Cook Islands Maori New Zealand
69%
dan Danish Denmark
69%
fil Filipino Philippines
69%
fin Finnish Finland
69%
heb Hebrew Israel
69%
ykh Khamnigan Mongol China
69%
bdl Maleng Laos
69%
cmn Mandarin China
69%
mri Māori New Zealand
69%
sym Maya Samo Burkina Faso
69%
azj North Azeri Azerbaijan
69%
gla Scottish Gaelic United Kingdom
69%
sry Sera Papua New Guinea
69%
slk Slovak Slovakia
69%
azb South Azeri Iran
69%
swe Swedish Sweden
69%
tgl Tagalog Philippines
69%
urd Urdu Pakistan
69%
vie Vietnamese Vietnam
69%
cym Welsh United Kingdom
69%
hye Armenian Armenia
67%
bos Bosnia Bosnia and Herzegovina
67%
bul Bulgarian Bulgaria
67%
ces Czech Czechia
67%
dzo Dzongkha Bhutan
67%
isl Icelandic Iceland
67%
ind Indonesian Indonesia
67%
gle Irish Ireland
67%
khm Khmer Cambodia
67%
cdz Koda India
67%
kor Korean South Korea
67%
khb China
67%
pcb Pear Cambodia
67%
raq Saam Nepal
67%
slv Slovene Slovenia
67%
snx Songumsam Papua New Guinea
67%
ukr Ukrainian Ukraine
67%
hyw Western Armenian Turkiye
67%
eus Basque Spain
64%
sro Campidanese Sardinian Italy
64%
sdn Gallurese Sardinian Italy
64%
kat Georgian Georgia
64%
ell Greek Greece
64%
jge Judeo-Georgian Georgia
64%
src Logudorese Sardinian Italy
64%
ate Mand Papua New Guinea
64%
stj Matya Samo Burkina Faso
64%
uzn Northern Uzbek Uzbekistan
64%
prk Parauk Wa Myanmar
64%
rge Romano-Greek Greece
64%
srd Sardinian Italy
64%
sdc Sassarese Sardinian Italy
64%
sbd Southern Samo Burkina Faso
64%
uzs Southern Uzbek Uzbekistan
64%
tmy Tami Papua New Guinea
64%
mwm Tà Sàᶉ̄ Chad
64%
uzb Uzbek Uzbekistan
64%
wbm Vo Wa China
64%
zul Zulu South Africa
64%
swc Congo Swahili Democratic Republic of the Congo
62%
gap Gal Papua New Guinea
62%
gan Gan China
62%
khk Halh Mongolian Mongolia
62%
bag Ki Cameroon
62%
ccl Kutchi-Swahili Tanzania
62%
kir Kyrgyz Kyrgyzstan
62%
glv Manx United Kingdom
62%
mon Mongolian Mongolia
62%
mvf Peripheral Mongolian China
62%
qup Southern Pastaza Quechua Peru
62%
swa Swahili Tanzania
62%
tam Tamil India
62%
xho Xhosa South Africa
62%
afr Afrikaans South Africa
60%
qva Ambo-Pasco Quechua Peru
60%
qxu Arequipa-La Unión Quechua Peru
60%
quy Ayacucho Quechua Peru
60%
mya Burmese Myanmar
60%
qvc Cajamarca Quechua Peru
60%
qvl Cajatambo North Lima Quechua Peru
60%
qud Calderón Highland Quichua Ecuador
60%
qxr Cañar Highland Quichua Ecuador
60%
quk Chachapoyas Quechua Peru
60%
qur Chaupihuaranga Quechua Peru
60%
qug Chimborazo Highland Quichua Ecuador
60%
qxc Chincha Quechua Peru
60%
qxa Chiquián Quechua Peru
60%
cos Corsican France
60%
qve Eastern Apurímac Quechua Peru
60%
pan Eastern Punjabi India
60%
qub Huallaga Quechua Peru
60%
qvh Huamalíes-Dos de Mayo Quechua Peru
60%
qwh Huaylas Ancash Quechua Peru
60%
qvw Huaylla Wanca Quechua Peru
60%
qvi Imbabura Highlands Quichua Ecuador
60%
qxw Jauja Wanca Quechua Peru
60%
jpr Judeo-Persian Iran
60%
quf Lambayeque Quechua Peru
60%
qwa Llaqwash Peru
60%
qvj Loja Highland Quichua Ecuador
60%
mgs Manda Tanzania
60%
mha Manda India
60%
qvm Margos-Yarowilca-Lauricocha Quechua Peru
60%
mqu Mundari South Sudan
60%
qvo Napo Quichua Ecuador
60%
qul North Bolivian Quechua Bolivia
60%
qxn Northern Conchucos Quechua Peru
60%
qvn North Junín Quechua Peru
60%
ojv Ontong Java Solomon Islands
60%
oor Oorlams South Africa
60%
qvp Pacaraos Quechua Peru
60%
qxh Panao Quechua Peru
60%
qxp Qhichwa Simi Peru
60%
que Quechua Peru
60%
quz Qusqu Quechua Peru
60%
qxl Salasca Highland Quechua Ecuador
60%
qvs San Martín Quechua Peru
60%
qxt Santa Ana de Tusi Pasco Quechua Peru
60%
qus Santiago del Estero Quichua Argentina
60%
qws Sihuas Ancash Quechua Peru
60%
quh South Bolivian Quechua Bolivia
60%
qxo Southern Conchucos Quechua Peru
60%
rif Tarifit Morocco
60%
quw Tena Lowland Quichua Ecuador
60%
pnb Western Punjabi Pakistan
60%
qux Yauyos Quechua Peru
60%
amh Amharic Ethiopia
57%
bre Breton France
57%
jvn Caribbean Javanese Suriname
57%
ckb Central Kurdish Iraq
57%
pst Central Pashto Pakistan
57%
chr Cherokee United States
57%
cor Cornish United Kingdom
57%
glg Galician Spain
57%
guj Gujarati India
57%
hat Haitian Creole Haiti
57%
hvc Haitian Vodoun Culture Language Haiti
57%
ibo Igbo Nigeria
57%
icr Islander English Creole Colombia
57%
jav Javanese Indonesia
57%
kmv Karipuna French Creole Brazil
57%
kuv Kur Indonesia
57%
kur Kurdish Iraq
57%
ymm Maay Somalia
57%
mdr Mandar Indonesia
57%
nav Navajo United States
57%
jas New Caledonian Javanese France
57%
kxm Northern Khmer Thailand
57%
kmr Northern Kurdish Turkiye
57%
pbu Northern Pashto Pakistan
57%
oci Occitan France
57%
pus Pushto Afghanistan
57%
roh Romansh Switzerland
57%
sjs Senhaja Berber Morocco
57%
scn Sicilian Italy
57%
sdh Southern Kurdish Iran
57%
pbt Southern Pashto Afghanistan
57%
wuu Wu China
57%
smn Aanaar Saami Finland
55%
aih Ai-Cham China
55%
clw Chulym Russia
55%
dao Dai Chin Myanmar
55%
fao Faroese Denmark
55%
hif Fiji Hindi Fiji
55%
gwx Gua Ghana
55%
hwc Hawaiian Pidgin United States
55%
knz Kalamsé Burkina Faso
55%
smj Lule Saami Norway
55%
mkd Macedonian North Macedonia
55%
mal Malayalam India
55%
mlt Maltese Malta
55%
fuv Nigerian Fula Nigeria
55%
sme North Saami Finland
55%
sje Pite Saami Sweden
55%
smq Samon Papua New Guinea
55%
sma South Saami Sweden
55%
sjt Ter Saami Russia
55%
sju Ume Saami Sweden
55%
uig Uyghur China
55%
vls West Flemish Belgium
55%
xmv Antankarana Malagasy Madagascar
52%
avt Au Papua New Guinea
52%
bhr Bara Malagasy Madagascar
52%
bje Biao Min China
52%
tog Chitonga Malawi
52%
toi Chitonga Zambia
52%
frs East Frisian Low Saxon Germany
52%
toh Guitonga Mozambique
52%
jbe Judeo-Berber Morocco
52%
jdt Judeo-Tat Azerbaijan
52%
sjd Kildin Saami Russia
52%
jct Krymchak Russia
52%
ltz Luxembourgish Luxembourg
52%
mlg Malagasy Madagascar
52%
msh Masikoro Malagasy Madagascar
52%
plt Merina Malagasy Madagascar
52%
ttt Muslim Tat Azerbaijan
52%
bmm Northern Betsimisaraka Malagasy Madagascar
52%
frr North Frisian Germany
52%
sms Sää'mǩiõll Finland
52%
skg Sakalava Malagasy Madagascar
52%
sty Siberian Tatar Russia
52%
bzc Southern Betsimisaraka Malagasy Madagascar
52%
tdx Tandroy-Mahafaly Malagasy Madagascar
52%
txy Tanosy Malagasy Madagascar
52%
tat Tatar Russia
52%
tkg Tesaka Malagasy Madagascar
52%
ton Tongan Tonga
52%
xmw Tsimihety Malagasy Madagascar
52%
fry West Frisian Netherlands
52%
ywq Wuding-Luquan Yi China
52%
guq Aché Guaraní Paraguay
50%
nhd Ava-Guaraní Paraguay
50%
bfr Bazigar India
50%
che Chechen Russia
50%
cre Cree Canada
50%
bpn Dzao-Min China
50%
crj East Cree Canada
50%
gui Eastern Bolivian Guaraní Bolivia
50%
grn Guaraní Paraguay
50%
hau Hausa Nigeria
50%
moe Innu Canada
50%
kan Kannada India
50%
gil Kiribati Kiribati
50%
gun Mbyá Guaraní Brazil
50%
cnr Montenegrin Montenegro
50%
crm Moose Cree Canada
50%
pcm Nigerian Pidgin Nigeria
50%
crl Northern Cree Canada
50%
ojs Oji-Cree Canada
50%
abw Pal Papua New Guinea
50%
gug Paraguayan Guaraní Paraguay
50%
crk Plains Cree Canada
50%
smo Samoan Samoa
50%
sin Sinhala Sri Lanka
50%
sun Sunda Indonesia
50%
csw Swampy Cree Canada
50%
tal Tal Nigeria
50%
tel Telugu India
50%
tig Tigre Eritrea
50%
tir Tigrinya Eritrea
50%
gnw Western Bolivian Guaraní Bolivia
50%
cwd Woods Cree Canada
50%
ain Ainu Japan
48%
adx Amdo Tibetan China
48%
aib Äynu China
48%
bar Bavarian Germany
48%
czo Central Min China
48%
chf Chontal Maya Mexico
48%
cdo Eastern Min China
48%
fij Fijian Fiji
48%
jam Jamaican English Creole Jamaica
48%
kfi Kannada Kurumba India
48%
khg Khams Tibetan China
48%
luh Leizhou China
48%
bod Lhasa Tibetan China
48%
mah Marshallese Marshall Islands
48%
slz Ma'ya Indonesia
48%
mnp Min Bei China
48%
nan Min Nan China
48%
mop Mopán Maya Belize
48%
nso Northern Sotho South Africa
48%
oss Ossetian Russia
48%
cpx Putian-Xianyou Min China
48%
sot Sesotho Lesotho
48%
sjc Shaojiang Min China
48%
shx She China
48%
wyy Western Fijian Fiji
48%
yor Yoruba Nigeria
48%
aym Aymara Peru
45%
ayr Central Aymara Peru
45%
ydd Eastern Yiddish Israel
45%
haw Hawaiian United States
45%
idb Indo-Portuguese India
45%
kbn Kare Central African Republic
45%
kmf Kare Papua New Guinea
45%
kas Kashmiri India
45%
dsb Lower Sorbian Germany
45%
hlt Matu Chin Myanmar
45%
orx Oro Nigeria
45%
ayc Southern Aymara Bolivia
45%
tpi Tok Pisin Papua New Guinea
45%
hsb Upper Sorbian Germany
45%
yid Yiddish Israel
45%
gbz Zoroastrian Dari Iran
45%
alx Amol Papua New Guinea
43%
csh Asho Chin Myanmar
43%
bcn Bali Nigeria
43%
bcp Bali Democratic Republic of the Congo
43%
cbl Bualkhal Chin Myanmar
43%
cnb Chinbon Chin Bangladesh
43%
dln Darlong Chin India
43%
dcc Deccan India
43%
cey Ekai Chin Myanmar
43%
cfm Falam Chin Myanmar
43%
wof Gambian Wolof Gambia
43%
hoc Ho India
43%
ckn Kaang Chin Myanmar
43%
kal Kalaallisut Denmark
43%
mwq K'cho Myanmar
43%
cnk Khumi Chin Myanmar
43%
cnh Lai Chin Myanmar
43%
cli Laitu Chin Myanmar
43%
clt Lautu Chin Myanmar
43%
mrh Mara Reih Myanmar
43%
mar Marathi India
43%
mec Marra Australia
43%
cmr Mro-Khimi Chin Myanmar
43%
nau Nauruan Nauru
43%
cnw Ngawn Chin Myanmar
43%
pck Paite Chin India
43%
weu Rawngtu Chin Myanmar
43%
rtc Rungtu Chin Myanmar
43%
sez Senthang Chin Myanmar
43%
tsn Setswana Botswana
43%
crs Seychellois Creole Seychelles
43%
ssw Siswati Eswatini
43%
csy Sizang Chin Myanmar
43%
csj Songlai Chin Myanmar
43%
csv Sumtu Chin Myanmar
43%
tah Tahitian France
43%
tcp Tawr Chin Myanmar
43%
ctd Tedim Chin Myanmar
43%
tcz Thado Chin India
43%
cth Thaiphum Chin Myanmar
43%
wln Walloon Belgium
43%
czt Zotung Chin Myanmar
43%
zyp Zyphe Chin Myanmar
43%
abk Abkhaz Georgia
40%
gsw Alemannic Switzerland
40%
aii Assyrian Iraq
40%
ast Asturian Spain
40%
ceb Cebuano Philippines
40%
ryu Central Okinawan Japan
40%
hae Eastern Oromo Ethiopia
40%
hak Hakka China
40%
kdx Kam Nigeria
40%
lld Ladin Italy
40%
lmo Lombard Italy
40%
orc Orma Kenya
40%
orm Oromo Ethiopia
40%
pms Piedmontese Italy
40%
gax Southern Oromo Ethiopia
40%
vec Venetian Italy
40%
gaz West Central Oromo Ethiopia
40%
aiw Aari Ethiopia
38%
aar Afar Ethiopia
38%
akq Ak Papua New Guinea
38%
aac Ari Papua New Guinea
38%
asm Assamese India
38%
bvj Baan Nigeria
38%
hmm Central Mashan Hmong China
38%
krl Karelian Russia
38%
kwy Kikongo Democratic Republic of the Congo
38%
ktu Kituba Democratic Republic of the Congo
38%
mkw Kituba Republic of the Congo
38%
kng Koongo Democratic Republic of the Congo
38%
olo Livvin Kieli Russia
38%
ndd Nde-Nsele-Nta Nigeria
38%
nap Neapolitan Italy
38%
hmp Northern Mashan Hmong China
38%
nde Northern Ndebele Zimbabwe
38%
otd Ot Danum Indonesia
38%
snd Sindhi Pakistan
38%
sbn Sindhi Bhil Pakistan
38%
nbl Southern Ndebele South Africa
38%
hmw Western Mashan Hmong China
38%
tsc Xitswa Mozambique
38%
sah Yakut Russia
38%
fub Adamawa Fula Cameroon
36%
arg Aragonese Spain
36%
aka Ashanti Ghana
36%
avv Avá-Canoeiro Brazil
36%
fui Bagirmi Fula Chad
36%
nsw Balen Vanuatu
36%
ban Balinese Indonesia
36%
bis Bislama Vanuatu
36%
fue Borgu Fula Benin
36%
fuq Central-Eastern Niger Fula Niger
36%
hmc Central Huishui Hmong China
36%
cqd Chuanqiandian Cluster Miao China
36%
dak Dakota United States
36%
dso Desia India
36%
dee Dewoin Liberia
36%
hme Eastern Huishui Hmong China
36%
hmq Eastern Qiandong China
36%
muq Eastern Xiangxi Miao China
36%
kah Fer Central African Republic
36%
ful Fula Nigeria
36%
bwn Hm Nai China
36%
hmn Hmong China
36%
mww Hmongb Dleub China
36%
hmv Hmong Dô Vietnam
36%
hmf Hmong Don Vietnam
36%
hnj Hmong Njua Laos
36%
hrm Horned Hmong China
36%
sto Ĩyãħé Nakoda Canada
36%
leu Kara Papua New Guinea
36%
reg Kara Tanzania
36%
bkm Kom Cameroon
36%
kmm Kom India
36%
lkt Lakota United States
36%
lir Liberian English Liberia
36%
lij Ligurian Italy
36%
lif Limbu Nepal
36%
hml Luobohe Hmong China
36%
ffm Maasina Fula Mali
36%
ned Nde-Gbite Nigeria
36%
nqn Nen Papua New Guinea
36%
hmd Northeastern Dian Hmong China
36%
huj Northern Guiyang Hmong China
36%
hmi Northern Huishui Hmong China
36%
hea Northern Qiandong Hmong China
36%
ory Odia Oriya India
36%
ori Oriya India
36%
phh Phula Vietnam
36%
rsk Ruthenian Serbia
36%
hmz Sinicized Hmong China
36%
sfm Small Flowery Miao China
36%
hmy Southern Guiyang Hmong China
36%
hma Southern Mashan Hmong China
36%
hms Southern Qiandong China
36%
hmg Southwestern Guiyang Hmong China
36%
hmh Southwestern Huishui Hmong China
36%
tct T'en China
36%
tdt Tetum Timor-Leste
36%
tet Tetun Indonesia
36%
fuh Western Niger Fula Niger
36%
mmr Western Xiangxi Miao China
36%
wol Wolof Senegal
36%
buh Younuo China
36%
amm Ama Papua New Guinea
33%
nyi Ámá Sudan
33%
ava Avar Russia
33%
bqo Balo Cameroon
33%
bal Balochi Pakistan
33%
bjf Barzani Jewish Neo-Aramaic Iraq
33%
bhn Bohtan Neo-Aramaic Syria
33%
wes Cameroon Pidgin Cameroon
33%
bcl Central Bikol Philippines
33%
clc Chaldean Neo-Aramaic Iraq
33%
crh Crimean Tatar Russia
33%
bgp Eastern Balochi Pakistan
33%
fur Friulian Italy
33%
kvq Geba Karen Myanmar
33%
mrj Hill Mari Russia
33%
ong Il Papua New Guinea
33%
aij Inter-Zab Jewish Neo-Aramaic Israel
33%
lbe Lak Russia
33%
lin Lingala Democratic Republic of the Congo
33%
chm Mari Russia
33%
hob Mari Papua New Guinea
33%
mbx Mari Papua New Guinea
33%
mhr Meadow Mari Russia
33%
mhz Mor Indonesia
33%
moq Mor Indonesia
33%
pau Palauan Palau
33%
kjt Phrae Pwo Karen Myanmar
33%
pcd Picard France
33%
wmx Pin Papua New Guinea
33%
kjp Pwo Eastern Karen Myanmar
33%
shn Shan Myanmar
33%
xsi Sio Papua New Guinea
33%
bcc Southern Balochi Pakistan
33%
huy Trans-Zab Jewish Neo-Aramaic Israel
33%
tvl Tuvaluan Tuvalu
33%
bgn Western Balochi Iran
33%
kyu Western Kayah Myanmar
33%
njo Ao Naga India
31%
bwe Bwe Myanmar
31%
hmo Hiri Motu Papua New Guinea
31%
inh Ingush Russia
31%
ykm Kap Papua New Guinea
31%
bql Karian Papua New Guinea
31%
kin Kinyarwanda Rwanda
31%
run Kirundi Burundi
31%
kum Kumyk Russia
31%
liv Liv Latvia
31%
sli Lower Silesian Poland
31%
mwl Mirandese Portugal
31%
jkm Mopwa Karen Myanmar
31%
mfe Morisyen Mauritius
31%
jkp Paku Karen Myanmar
31%
pis Pijin Solomon Islands
31%
pww Pwo Northern Karen Myanmar
31%
pwo Pwo Western Karen Myanmar
31%
szl Silesian Poland
31%
ldp Tso Nigeria
31%
muu Yaaku Kenya
31%
avn Avatime Ghana
29%
bak Bashkir Russia
29%
bho Bhojpuri India
29%
bqw Buru Nigeria
29%
mhs Buru Indonesia
29%
nya Chicheŵa Malawi
29%
zhd Dai Zhuang China
29%
cfa Dikaka Nigeria
29%
cjm Eastern Cham Philippines
29%
egl Emilian Italy
29%
epo Esperanto Poland
29%
gpe Ghanaian Pidgin English Ghana
29%
xal Kalmyk-Oirat Russia
29%
kaa Karakalpak Uzbekistan
29%
csb Kashubian Poland
29%
koi Komi-Permyak Russia
29%
kpv Komi-Zyrian Russia
29%
lad Ladino Israel
29%
lim Limburgish Netherlands
29%
nds Low Saxon Germany
29%
yrk Nenets Russia
29%
rue Rusyn Ukraine
29%
rwk Rwa Tanzania
29%
acf Saint Lucian Creole Saint Lucia
29%
xsr Sherpa Nepal
29%
sna Shona Zimbabwe
29%
sip Sikkimese India
29%
swg Swabian Germany
29%
ten Tama Colombia
29%
tma Tama Chad
29%
urz Uru-Eu-Wau-Wau Brazil
29%
cja Western Cham Philippines
29%
axk Aka Central African Republic
26%
gwd Ale Ethiopia
26%
bxo Barikanchi Pidgin Nigeria
26%
bmc Biem Papua New Guinea
26%
bpl Broome Pearling Lugger Pidgin Australia
26%
bua Buryat Russia
26%
chy Cheyenne United States
26%
bxu Chinese Buryat China
26%
cpi Chinese Pidgin English China
26%
chv Chuvash Russia
26%
gom Goan Konkani India
26%
haa Hän United States
26%
ihb Iha-Based Pidgin Indonesia
26%
apj Jicarilla United States
26%
cjy Jin China
26%
juu Ju Nigeria
26%
ksp Kabba Chad
26%
kon Kongo Democratic Republic of the Congo
26%
knn Konkani India
26%
dic Lakota Dida Côte d'Ivoire
26%
lok Landogo Sierra Leone
26%
apl Lipan Mexico
26%
swb Maore Comorian France
26%
amo Map Nigeria
26%
apm Mescalero-Chiricahua Mexico
26%
ukk Muak Sa-aak Myanmar
26%
ppl Nahuat El Salvador
26%
onx Onin Based Pidgin Indonesia
26%
pap Papiamentu Netherlands
26%
pdt Plautdietsch Canada
26%
pna Punan Bah-Biau Malaysia
26%
bxr Russian Buryat Russia
26%
zgh Standard Moroccan Tamazight Morocco
26%
tjo Temacine Tamazight Algeria
26%
tia Tidikelt Tamazight Algeria
26%
tzm Tmaziɣt Morocco
26%
trf Trinidadian English Creole Trinidad and Tobago
26%
sxu Upper Saxon Germany
26%
apw Western Apache Mexico
26%
tso Xitsonga Mozambique
26%
abo Abon Nigeria
24%
soh Aka Sudan
24%
aok Arhö France
24%
tei Aro Papua New Guinea
24%
rup Aromanian Albania
24%
asv Asoa Democratic Republic of the Congo
24%
nch Central Huasteca Nahuatl Mexico
24%
nhn Central Nahuatl Mexico
24%
ncx Central Puebla Nahuatl Mexico
24%
cib Ci Gbe Benin
24%
naz Coatepec Nahuatl Mexico
24%
ike Eastern Canadian Inuktitut Canada
24%
nhe Eastern Huasteca Nahuatl Mexico
24%
nhq Huaxcaleca Nahuatl Mexico
24%
ikt Inuinnaqtun Canada
24%
iku Inuktitut Canada
24%
nhk Isthmus Cosoleacaque Nahuatl Mexico
24%
nhp Isthmus-Pajapan Nahuatl Mexico
24%
kcl Kala Papua New Guinea
24%
lbj Ladakhi India
24%
lug Luganda Uganda
24%
cma Maa Vietnam
24%
mai Maithili India
24%
nhx Mela'tájto̱l Mexico
24%
azd Mexicanero Mexico
24%
ncl Michoacán Nahuatl Mexico
24%
nhm Morelos Nahuatl Mexico
24%
mus Muskogee United States
24%
wlc Mwali Comorian Comoros
24%
ngu Nauatlajtojli Mexico
24%
wni Ndzwani Comorian Comoros
24%
zdj Ngazidja Comorian Comoros
24%
niu Niuē New Zealand
24%
nhy Northern Oaxaca Nahuatl Mexico
24%
ncj Northern Puebla Nahuatl Mexico
24%
nht Ometepec Nahuatl Mexico
24%
nlv Orizaba Nahuatl Mexico
24%
nhz Santa María la Alta Nahuatl Mexico
24%
nsu Sierra Negra Nahuatl Mexico
24%
azz Sierra Puebla Nahuatl Mexico
24%
npl Southeastern Puebla Nahuatl Mexico
24%
nhc Tabasco Nahuatl Mexico
24%
nhv Temascaltepec Nahuatl Mexico
24%
nhg Tetelcingo Nahuatl Mexico
24%
nuz Tlamacazapa Nahuatl Mexico
24%
tyv Tuvan Russia
24%
ven Venda South Africa
24%
aml War India
24%
azn Western Durango Nahuatl Mexico
24%
nhw Western Huasteca Nahuatl Mexico
24%
ztg Xanaguía Zapotec Mexico
24%
hsn Xiang China
24%
nhi Zacatlán-Ahuacatlán-Tepetzintla Nahuatl Mexico
24%
ace Acehnese Indonesia
21%
aiy Ali Central African Republic
21%
aig Antiguan and Barbudan Creole Antigua and Barbua
21%
atk Ati Philippines
21%
yha Baha Buyang China
21%
bgx Balkan Gagauz Turkiye
21%
bam Bambara Mali
21%
bta Bata Nigeria
21%
bib Bissa Burkina Faso
21%
caq Car India
21%
zch Central Hongsuihe Zhuang China
21%
ess Central Siberian Yupik Russia
21%
esu Central Yupik Russia
21%
div Dhivehi Maldives
21%
vmf Eastern Franconian Germany
21%
zeh Eastern Hongsuihe Zhuang China
21%
frp Franco-Provençal France
21%
gag Gagauz Moldova
21%
gwj Gǀui Botswana
21%
zgb Guibei Zhuang China
21%
zgn Guibian Zhuang China
21%
kbd Kabardian Russia
21%
xnr Kangri India
21%
zhn Kauq Daez China
21%
kri Krio Sierra Leone
21%
ltg Latgalian Latvia
21%
zln Lianshan Zhuang China
21%
zlj Liujiang Zhuang China
21%
zlq Liuqian Zhuang China
21%
gcc Mali Papua New Guinea
21%
mnc Manchu China
21%
zgm Minz Zhuang China
21%
bzk Miskito Coast Creole Nicaragua
21%
lus Mizo India
21%
ynk Naukan Yup'ik Russia
21%
aqn Northern Alta Philippines
21%
bdi Northern Burun Sudan
21%
zqe Qiubei Zhuang China
21%
snj Riverain Sango Central African Republic
21%
ckh Sak Bangladesh
21%
sag Sängö Central African Republic
21%
san Sanskrit India
21%
mdc Soq Papua New Guinea
21%
sqq Sou Laos
21%
agy Southern Alta Philippines
21%
srn Sranan Tongo Suriname
21%
cks Tayo France
21%
udm Udmurt Russia
21%
vep Veps Russia
21%
zyg Yang Zhuang China
21%
zyb Yongbei Zhuang China
21%
zyn Yongnan Zhuang China
21%
zyj Youjiang Zhuang China
21%
zea Zeêuws Netherlands
21%
zha Zhuang China
21%
zzj Zuojiang Zhuang China
21%
kad Adara Nigeria
19%
ady Adyghe Russia
19%
ale Aleut United States
19%
alt Altai Russia
19%
njm Angami Naga India
19%
hnh ǁAni Botswana
19%
ypn Ani Phowa China
19%
bzj Belizean Creole Belize
19%
bik Bikol Philippines
19%
bpy Bishnupriya India
19%
ubl Buhi'non Bikol Philippines
19%
cky Caqué Mayan Guatemala
19%
ojc Central Ojibwa Canada
19%
ctg Chittagonian Bangladesh
19%
dgo Dogri India
19%
doi Dogri India
19%
mgp Eastern Magar Nepal
19%
ojg Eastern Ojibwa Canada
19%
ewe Ewe Ghana
19%
cab Garifuna Honduras
19%
kik Gikuyu Kenya
19%
gju Gujari India
19%
gyn Guyanese Creole Guyana
19%
hil Hiligaynon Philippines
19%
ilo Ilocano Philippines
19%
agk Inagta Partigo Philippines
19%
kea Kabuverdianu Cape Verde
19%
kab Kabyle Algeria
19%
moh Kanien'kéha Canada
19%
lbl Libon Bikol Philippines
19%
xkl Mainstream Kenyah Indonesia
19%
arn Mapuche Chile
19%
mni Meitei India
19%
rbl Miraya Bikol Philippines
19%
atl Mount Iraya Agta Philippines
19%
nio Nganasan Russia
19%
atv Northern Altai Russia
19%
ojb Northwestern Ojibwa Canada
19%
oji Ojibwa Canada
19%
ovd Övkallmå̢leð Sweden
19%
pfl Palatinate Franconian Germany
19%
cts Pandan Bikol Philippines
19%
pmo Pom Indonesia
19%
pnt Pontic Greece
19%
ray Reo Rapa France
19%
rcf Réunion French Creole France
19%
bto Rinconada Bikol Philippines
19%
bln Southern Cataduanes Bikol Philippines
19%
tkl Tokelauan New Zealand
19%
ure Uru Bolivia
19%
vae Vale Central African Republic
19%
whk Wahau Kenyah Indonesia
19%
tci Wára Papua New Guinea
19%
wbf Wara Burkina Faso
19%
war Waray-Waray Philippines
19%
fbl West Albay Bikol Philippines
19%
ojw Western Ojibwa Canada
19%
abq Abaza Russia
17%
mim Alacatlatzala Mixtec Mexico
17%
btz Alas-Kluet Indonesia
17%
xta Alcozauca Mixtec Mexico
17%
mbz Amoltepec Mixtec Mexico
17%
akb Angkola Indonesia
17%
mip Apasco-Apoala Mixtec Mexico
17%
mib Atatlahuca Mixtec Mexico
17%
miy Ayutla Mixtec Mexico
17%
bgq Bagri India
17%
bdw Baham Indonesia
17%
btd Batak Dairi Indonesia
17%
boy Bodo Central African Republic
17%
brx Bodo India
17%
bli Bolia Democratic Republic of the Congo
17%
abr Bono Ghana
17%
buy Bullom So Sierra Leone
17%
miu Cacaloxtepec Mixtec Mexico
17%
cha Chamorro United States
17%
mih Chayuco Mixtec Mexico
17%
xtb Chazumba Mixtec Mexico
17%
nqq Chen-Kayu Naga Myanmar
17%
hne Chhattisgarhi India
17%
mii Chigmecatitlán Mixtec Mexico
17%
cho Choctaw United States
17%
miz Coatzospan Mixtec Mexico
17%
xtu Cuyamecalco Mixtec Mexico
17%
bwy Cwi Bwamu Burkina Faso
17%
xtd Diluxi-Tilantongo Mixtec Mexico
17%
diq Dimli Turkiye
17%
ext Extremaduran Spain
17%
gda Gade Lohar India
17%
gej Gen Gbe Benin
17%
gka Guya Papua New Guinea
17%
hoj Haroti India
17%
hop Hopi United States
17%
mxs Huitepec Mixtec Mexico
17%
blx Indi Philippines
17%
mce Itunduija Mixtec Mexico
17%
vmj Ixtayutla Mixtec Mexico
17%
mxt Jamiltepec Mixtec Mexico
17%
wsi Jo Vanuatu
17%
jow Jowulu Mali
17%
vmc Juxtlahuaca Mixtec Mexico
17%
krc Karachay-Balkar Russia
17%
lub Kiluba Democratic Republic of the Congo
17%
trp Kokborok India
17%
xtm Magdalena Peñasco Mixtec Mexico
17%
mkg Mak China
17%
pbl Mak Nigeria
17%
mup Malvi India
17%
mam Mam Guatemala
17%
btm Mandailing Indonesia
17%
mxv Metlatónoc Mixtec Mexico
17%
vmm Mitlatongo Mixtec Mexico
17%
mix Mixtepec Mixtec Mexico
17%
mqt Mok Myanmar
17%
mos Mòoré Burkina Faso
17%
ssv Ngen Vanuatu
17%
nog Nogai Russia
17%
pih Norf'k Australia
17%
xtn Northern Tlaxiaco Mixtec Mexico
17%
kiu Northern Zazaki Turkiye
17%
mxa Northwest Oaxaca Mixtec Mexico
17%
mie Ocotepec Mixtec Mexico
17%
mio Pinotepa Nacional Mixtec Mexico
17%
raj Rajasthani India
17%
rap Rapa Nui Chile
17%
rgn Romagnol Italy
17%
apb Sa'a Solomon Islands
17%
mjc San Juan Colorado Mixtec Mexico
17%
xtj San Juan Teita Mixtec Mexico
17%
mig San Miguel el Grande Mixtec Mexico
17%
xtp San Miguel Piedras Mixtec Mexico
17%
mdv Santa Lucía Monteverde Mixtec Mexico
17%
mza Santa María Zacatepec Mixtec Mexico
17%
sat Santhali India
17%
mks Silacayoapan Mixtec Mexico
17%
bts Simalungun Indonesia
17%
xts Sindihui Mixtec Mexico
17%
xti Sinicahua Mixtec Mexico
17%
mxy Southeastern Nochixtlán Mixtec Mexico
17%
mit Southern Puebla Mixtec Mexico
17%
meh Southwestern Tlaxiaco Mixtec Mexico
17%
vmq Soyaltepec Mazatec Mexico
17%
sqm Suma Central African Republic
17%
xtt Tacahua Mixtec Mexico
17%
vmx Tamazola Mixtec Mexico
17%
mxb Tezoatlán Mixtec Mexico
17%
mtx Tidaá Mixtec Mexico
17%
xtl Tijaltepec Mixtec Mexico
17%
mqh Tlazoyaltepec Mixtec Mexico
17%
mil Tnúhu dàú Mexico
17%
mto Totontepec Mixtec Mexico
17%
lua Tshiluba Democratic Republic of the Congo
17%
mtu Tututepec Mixtec Mexico
17%
vor Voro Nigeria
17%
vro Võro Estonia
17%
wbr Wagdi India
17%
myp Xapaitíiso Brazil
17%
xty Yoloxóchitl Mixtec Mexico
17%
mpm Yosondúa Mixtec Mexico
17%
mvg Yucuañe Mixtec Mexico
17%
mab Yutanduchi Mixtec Mexico
17%
zza Zaza Turkiye
17%
nqy Akyaung Ari Naga Myanmar
14%
dti Ana Dogon Mali
14%
awb Awa Papua New Guinea
14%
vwa Awa China
14%
kwi Awa-Cuaiquer Colombia
14%
ayo Ayoreo Paraguay
14%
bah Bahamian Creole Bahamas
14%
snw Bale Ghana
14%
bya Batak Philippines
14%
bla Blackfoot United States
14%
clk Chala Ghana
14%
cbk Chavacano Philippines
14%
nri Chokri Naga India
14%
nct Chothe Naga India
14%
chk Chuukese Micronesia
14%
dij Dai Indonesia
14%
mor Dhimorong Sudan
14%
doa Dom Papua New Guinea
14%
dof Domu Papua New Guinea
14%
bru Eastern Bru Thailand
14%
emk Eastern Maninkakan Guinea
14%
ert Eritai Indonesia
14%
erg Erromangan Vanuatu
14%
myv Erzya Russia
14%
fla Flathead United States
14%
gqr Gor Chad
14%
gvj Guajá Brazil
14%
nkf Inpui Naga India
14%
pzn Jejara Naga Myanmar
14%
koe Kacipo-Bale Suri South Sudan
14%
kbj Kari Democratic Republic of the Congo
14%
kfw Kharam Naga India
14%
nkh Khezha Naga India
14%
kix Khiamniungan Naga Myanmar
14%
nkb Khoibu Naga India
14%
mwk Kita Maninkakan Mali
14%
nxk Kokak Naga Myanmar
14%
nbe Konyak Naga India
14%
mku Konyanka Guinea-Bissau
14%
rop Kriol Australia
14%
lzn Lainong Naga Myanmar
14%
lzz Lazuri Turkiye
14%
lez Lezgi Russia
14%
njn Liangmai Naga India
14%
lpn Long Phuri Naga Myanmar
14%
pre Lung'le São Tomé and Príncipe
14%
mev Mã́ã́ Liberia
14%
mew Maaka Nigeria
14%
mas Maasai Kenya
14%
mdh Maguindanaon Philippines
14%
mca Mak'á Paraguay
14%
man Mandingo Guinea
14%
mnk Mandinka Senegal
14%
nma Maram Naga India
14%
nng Maringa Tlou India
14%
mic Mi'kmaq Canada
14%
xmf Mingrelian Georgia
14%
nbc Mochungrr India
14%
mdf Moksha Russia
14%
nmh Monsang Naga India
14%
nmo Moyon Naga India
14%
nme Mzieme Naga India
14%
new Newar Nepal
14%
njb Nocte Naga India
14%
nnl Northern Rengma Naga India
14%
kcn Nubi Uganda
14%
daj Nyala Sudan
14%
oog Ong Laos
14%
umn Paungnyuan Naga Myanmar
14%
nph Phom Naga India
14%
npo Pochuri Naga India
14%
pon Pohnpeian Micronesia
14%
npg Ponyo-Gongwang Naga Myanmar
14%
pmx Poumai Naga India
14%
npu Puimei Naga India
14%
nbu Rongmei India
14%
nsa Sangtam Naga India
14%
msc Sankaran Maninka Guinea
14%
sce Santa China
14%
cri Sãotomense São Tomé and Príncipe
14%
nik Southern Nicobarese India
14%
nsm Sümi Naga India
14%
suq Surichɛn Ethiopia
14%
nmf Tangkhul Naga India
14%
ntx Tangkhul Naga Myanmar
14%
nst Tangshang Naga Myanmar
14%
tro Tarao Naga India
14%
nki Thangal Naga India
14%
jic Tol Honduras
14%
nre Tseminyu India
14%
tcy Tulu India
14%
rak Tulu-Bohuai Papua New Guinea
14%
tvt Tutsa Naga India
14%
uro Ura Papua New Guinea
14%
nnp Wancho Naga India
14%
brv Western Bru Laos
14%
mlq Western Maninkakan Mali
14%
sjo Xibe China
14%
nmn !Xóõ Botswana
14%
yim Yimchungru Naga India
14%
nzm Zeme Naga India
14%
wsg Adilabad Gondi India
12%
esg Aheri Gondi India
12%
alq Algonquin United States
12%
zaq Aloápam Zapotec Mexico
12%
zpo Amatlán Zapotec Mexico
12%
aah Apu' Papua New Guinea
12%
arw Arawak Brazil
12%
zoo Asunción Mixtepec Zapotec Mexico
12%
atm Ata Philippines
12%
atd Ata Manobo Philippines
12%
awa Awadhi India
12%
zaf Ayoquesco Zapotec Mexico
12%
bdj Bai South Sudan
12%
bjs Bajan Creole Barbados
12%
dbw Bankan Tey Dogon Mali
12%
bem Bemba Zambia
12%
bug Buginese Indonesia
12%
car Carib Suriname
12%
cen Cèn Nigeria
12%
leb Chilala Zambia
12%
zpc Choapan Zapotec Mexico
12%
ckt Chukchi Russia
12%
zca Coatecas Atlas Zapotec Mexico
12%
zps Coatlán Zapotec Mexico
12%
com Comanche United States
12%
cro Crow United States
12%
nrf Dgèrnésiais United Kingdom
12%
dia Dia Papua New Guinea
12%
zpv Dxi'zah Mexico
12%
zpp El Alto Zapotec Mexico
12%
zte Elotepec Zapotec Mexico
12%
mcq Ese Papua New Guinea
12%
enf Forest Enets Russia
12%
zos Francisco León Zapotec Mexico
12%
gon Gondi India
12%
zpg Guevea de Humboldt Zapotec Mexico
12%
ztu Güilá Zapotec Mexico
12%
haz Hazaragi Afghanistan
12%
zai Isthmus Zapotec Mexico
12%
jje Jeju South Korea
12%
kac Jingphaw Myanmar
12%
ktz Juǀ'hoan Botswana
12%
khx Kanu Democratic Republic of the Congo
12%
kau Kanuri Nigeria
12%
kjh Khakas Russia
12%
naq Khoekhoegowab Namibia
12%
fkv Kven Norway
12%
zpa Lachiguiri Zapotec Mexico
12%
ztl Lapaguía-Guivini Zapotec Mexico
12%
ztp Loxicha Zapotec Mexico
12%
gwg Mɔɔ Nigeria
12%
mak Makasar Indonesia
12%
kby Manga Kanuri Niger
12%
shr Mashi Democratic Republic of the Congo
12%
zpy Mazaltepec Zapotec Mexico
12%
zam Miahuatlán Zapotec Mexico
12%
hna Mina Cameroon
12%
zaw Mitla Zapotec Mexico
12%
zpm Mixtepec Zapotec Mexico
12%
gno Northern Gondi India
12%
glh Northwest Pashai Afghanistan
12%
zac Ocotlán Zapotec Mexico
12%
see Onödowá'ga United States
12%
zao Ozoltepec Zapotec Mexico
12%
aee Pashayi Afghanistan
12%
ata Pele-Ata Papua New Guinea
12%
zpe Petapa Zapotec Mexico
12%
qxq Qashqai Iran
12%
tob Qom L'aqtac Argentina
12%
zpj Quiavicuzas Zapotec Mexico
12%
ztq Quioquitani-Quierí Zapotec Mexico
12%
zar Rincón Zapotec Mexico
12%
ksh Ripuarian Germany
12%
ztm San Agustín Mixtepec Zapotec Mexico
12%
zpx San Baltazar Loxicha Zapotec Mexico
12%
zpf San Pedro Quiatoni Zapotec Mexico
12%
ztn Santa Catarina Albarradas Zapotec Mexico
12%
zpn Santa Inés Yatzechi Zapotec Mexico
12%
zpi Santa Maria Quiegolani Zapotec Mexico
12%
zpr Santiago Xanica Zapotec Mexico
12%
zas Santo Domingo Albarradas Zapotec Mexico
12%
zpt San Vicente Coatlán Zapotec Mexico
12%
nco Sibe Papua New Guinea
12%
zaa Sierra de Juárez Zapotec Mexico
12%
zpd Southeastern Ixtlán Zapotec Mexico
12%
psi Southeast Pashai Afghanistan
12%
zsr Southern Rincon Zapotec Mexico
12%
psh Southwest Pashai Afghanistan
12%
zat Tabaa Zapotec Mexico
12%
ztt Tejalapan Zapotec Mexico
12%
zpz Texmelucan Zapotec Mexico
12%
zts Tilquiapan Zapotec Mexico
12%
zpk Tlacolulita Zapotec Mexico
12%
zph Totomachapan Zapotec Mexico
12%
tsd Tsakonian Greece
12%
krt Tumari Kanuri Niger
12%
enh Tundra Enets Russia
12%
zab Western Tlacolula Valley Zapotec Mexico
12%
wym Wymysorys Poland
12%
zax Xadani Zapotec Mexico
12%
zad Xtill'chona' Mexico
12%
zpu Yalálag Zapotec Mexico
12%
yap Yapese Micronesia
12%
zae Yareni Zapotec Mexico
12%
zty Yatee Zapotec Mexico
12%
zav Yatzachi Zapotec Mexico
12%
zpb Yautepec Zapotec Mexico
12%
knc Yerwa Kanuri Nigeria
12%
ztx Zaachila Zapotec Mexico
12%
atb Zaiwa China
12%
zpw Zaniza Zapotec Mexico
12%
zap Zapotec Mexico
12%
zpq Zoogocho Zapotec Mexico
12%
act Achterhooks Netherlands
10%
akl Aklanon Philippines
10%
xua Alu Kurumba India
10%
amb Ambo Nigeria
10%
aqd Ampari Dogon Mali
10%
ani Andi Russia
10%
aut Austral France
10%
bca Bai China
10%
liy Banda-Bambari Central African Republic
10%
bfa Bari South Sudan
10%
mot Barí Colombia
10%
bbl Bats Russia
10%
bek Bebeli Papua New Guinea
10%
bej Beja Sudan
10%
bey Beli Papua New Guinea
10%
blm 'Bëlï South Sudan
10%
bus Bisa Nigeria
10%
glc Bon Gula Chad
10%
kvn Border Kuna Panama
10%
brh Brahui Pakistan
10%
buv Bun Papua New Guinea
10%
bfu Bunan India
10%
bqp Busa Nigeria
10%
chp Chipewyan Canada
10%
dwk Dawik Kui India
10%
luo Dholuo Kenya
10%
din Dinka South Sudan
10%
dyu Dyula Burkina Faso
10%
tmf Enenlhet Paraguay
10%
fak Fang Cameroon
10%
fan Fang Equatorial Guinea
10%
fon Fon Gbe Benin
10%
fgr Fongoro Chad
10%
ghr Ghera Pakistan
10%
gog Gogo Tanzania
10%
gcl Grenadian Creole Grenada
10%
gcf Guadeloupean Creole France
10%
gcr Guianese Creole France
10%
gul Gullah United States
10%
bga Gwamhi-Wuri Nigeria
10%
hai Haida Canada
10%
her Herero Namibia
10%
ikx Ik Uganda
10%
izh Ingrian Russia
10%
onk Kabore One Papua New Guinea
10%
pam Kapampangan Philippines
10%
ker Kera Chad
10%
quc K'iche' Guatemala
10%
pov Kiriol Guinea-Bissau
10%
kos Kosraean Micronesia
10%
nqk Kura Ede Nago Benin
10%
bko Kwa' Cameroon
10%
kwb Kwa Nigeria
10%
okk Kwamtim One Papua New Guinea
10%
lay Lama Bai China
10%
loj Lou Papua New Guinea
10%
lwo Luwo South Sudan
10%
mag Magahi India
10%
zng Mang China
10%
myy Masa Ye Colombia
10%
bme Massa Cameroon
10%
mfc Mbanɨ Democratic Republic of the Congo
10%
miq Mískitu Nicaragua
10%
unx Munda India
10%
dip Northeastern Dinka South Sudan
10%
bfc Northern Bai China
10%
bbo Northern Bobo Burkina Faso
10%
hdn Northern Haida United States
10%
onr Northern One Papua New Guinea
10%
diw Northwestern Dinka South Sudan
10%
nus Nuer South Sudan
10%
tmt Oa Vanuatu
10%
aun One Papua New Guinea
10%
ons Ono Papua New Guinea
10%
otw Ottawa United States
10%
fpe Pichinglis Equatorial Guinea
10%
rax Rang Nigeria
10%
rhg Rohingya Myanmar
10%
saj Sahu Indonesia
10%
ndi Samba Leko Cameroon
10%
sas Sasak Indonesia
10%
sel Selkup Russia
10%
bcv Shoo-Minda-Nye Nigeria
10%
shh Shoshoni United States
10%
den Slavey Canada
10%
snk Sooninkanxanne Mali
10%
dib South Central Dinka South Sudan
10%
dks Southeastern Dinka South Sudan
10%
bfs Southern Bai China
10%
bwq Southern Bobo Burkina Faso
10%
hax Southern Haida Canada
10%
osu Southern One Papua New Guinea
10%
dik Southwestern Dinka South Sudan
10%
stl Stellingwarfs Netherlands
10%
smw Sumbawa Indonesia
10%
sva Svan Georgia
10%
syl Sylheti Bangladesh
10%
thv Tahaggart Tamaha Algeria
10%
taq Tamasheq Mali
10%
ttq Tawallammat Tamajaq Mali
10%
taw Tay Papua New Guinea
10%
tyz Tày Vietnam
10%
thz Tayart Tamajeq Niger
10%
cir Tîrî France
10%
tli Tlingít United States
10%
tgh Tobagonian English Creole Trinidad and Tobago
10%
umb Umbundu Angola
10%
ubu Umbu-Ungu Papua New Guinea
10%
rnd Uruund Democratic Republic of the Congo
10%
svc Vincentian Creole English Saint Vincent and the Grenadines
10%
bao Waimajã Colombia
10%
yuw Yaö Papua New Guinea
10%
afs Afro-Seminole Creole United States
7%
ahh Aghu Indonesia
7%
awu Aghu Indonesia
7%
agx Aghul Russia
7%
aja Aja Sudan
7%
ajg Aja Benin
7%
piy Ambandi Nigeria
7%
ami Amis Taiwan
7%
boj Anjam Papua New Guinea
7%
aum Asu Nigeria
7%
bbw Baba Cameroon
7%
tsg Bahasa Sūg Philippines
7%
bft Balti Pakistan
7%
blq Baluan-Pam Papua New Guinea
7%
bnd Banda Indonesia
7%
bpd Banda-Banda Central African Republic
7%
bqk Banda-Mbrès Central African Republic
7%
bfl Banda Ndélé Central African Republic
7%
yaj Banda-Yangere Central African Republic
7%
sda Basa Tora'a Indonesia
7%
bxb Belanda Bor South Sudan
7%
beq Bembe Republic of the Congo
7%
bmb Bembe Democratic Republic of the Congo
7%
dbt Ben Tey Dogon Mali
7%
ibh Bih Vietnam
7%
bhl Bim Papua New Guinea
7%
bhp Bima Indonesia
7%
bmf Bom Sierra Leone
7%
dbu Bondum Dogon Mali
7%
bot Bongo South Sudan
7%
cay Cayuga Canada
7%
cic Chickasaw United States
7%
cdr Cinda-Regi-Kuki-Kuru-Maruba-Rogo-Shiyabe Nigeria
7%
yao Ciyawo Malawi
7%
dar Dargwa Russia
7%
kwa Dâw Brazil
7%
dhd Dhundari India
7%
dbg Dogul Dogon Mali
7%
dds Donno Sɔ Dogon Mali
7%
eve Even Russia
7%
fax Fala Spain
7%
ttb Gaa Nigeria
7%
adl Galo India
7%
gay Gayo Indonesia
7%
gri Ghari Solomon Islands
7%
glk Gilaki Iran
7%
gor Gorontalo Indonesia
7%
guw Gun Benin
7%
gjr Gurindji Kriol Australia
7%
hrx Hunsrik Brazil
7%
iba Iban Malaysia
7%
lam Ichilamba Zambia
7%
ili Ili Turki China
7%
llb Ilolo Mozambique
7%
ina Interlingua Spain
7%
ipk Iñupiaq United States
7%
ist Istriot Croatia
7%
djm Jamsay Dogon Mali
7%
jaf Jara Nigeria
7%
jvd Javindo Indonesia
7%
kfr Kacchi India
7%
kdr Karaim Lithuania
7%
btx Karo Indonesia
7%
kxh Karo Ethiopia
7%
kca Khanty Russia
7%
kha Khasi India
7%
kia Kim Chad
7%
smx Kitsamba Democratic Republic of the Congo
7%
kge Komering Indonesia
7%
mcm Kristang Malaysia
7%
kdn Kunda Zimbabwe
7%
nbn Kuri Indonesia
7%
kru Kurux India
7%
kww Kwinti Suriname
7%
lhu Lahu China
7%
ldh Lamja-Dengsa-Tola Nigeria
7%
kxx Likuba Democratic Republic of the Congo
7%
nia Li Nias Indonesia
7%
ljl Li'o Indonesia
7%
lpo Lipo China
7%
loi Loma Côte d'Ivoire
7%
mda Mada Nigeria
7%
mxu Maɗa Cameroon
7%
mdy Male Ethiopia
7%
mma Mama Nigeria
7%
mns Mansi Russia
7%
zns Mansi Nigeria
7%
mad Mathura Indonesia
7%
mzn Mazandarani Iran
7%
fit Meänkieli Sweden
7%
bjo Mid-Southern Banda Central African Republic
7%
mpx Misima-Panaeati Papua New Guinea
7%
dmb Mombo Dogon Mali
7%
unr Muṇḍari India
7%
mnb Muna Indonesia
7%
erk Nafsan Vanuatu
7%
nzz Nanga Dama Dogon Mali
7%
djk Ndyuka Suriname
7%
neu Neo Belgium
7%
nez Nez Perce United States
7%
esi North Alaskan Iñupiatun United States
7%
llp North Efate Vanuatu
7%
lrc Northern Luri Iran
7%
mrq Northern Marquesan France
7%
esk Northwest Alaska Iñupiatun United States
7%
one Onuyota'a'ka Canada
7%
bdu Oroko Cameroon
7%
ndo Oshiwambo Namibia
7%
plz Paluan Murut Malaysia
7%
pmn Pam Cameroon
7%
pnq Pana Burkina Faso
7%
pnz Pana Central African Republic
7%
pag Pangasinan Philippines
7%
blk Pa'O Myanmar
7%
asa Pare Tanzania
7%
pey Petjo Indonesia
7%
ypa Phala China
7%
kek Q'eqchi' Guatemala
7%
rki Rakhine Myanmar
7%
arr Ramarama Brazil
7%
rkt Rangpuri Bangladesh
7%
rej Rejang Indonesia
7%
ree Rejang Kayan Malaysia
7%
sqt Saqátri Yemen
7%
sre Sara Bakati' Indonesia
7%
skr Saraiki Pakistan
7%
dau Sila Chad
7%
srb Sora India
7%
sus Sosoxui Guinea
7%
lnl South Central Banda Central African Republic
7%
luz Southern Luri Iran
7%
mqm Southern Marquesan France
7%
qxs Southern Qiang China
7%
tab Tabasaran Russia
7%
rob Tae' Indonesia
7%
dtu Tebul Dogon Mali
7%
kdh Tem Togo
7%
dtk Tene Kan Dogon Mali
7%
tde Tiranige Diga Dogon Mali
7%
tiv Tiv Nigeria
7%
tor Togbo-Vara Banda Democratic Republic of the Congo
7%
lbw Tolaki Indonesia
7%
dto Tommo So Dogon Mali
7%
dtm Tomo Kan Dogon Mali
7%
dts Toro So Dogon Mali
7%
dtt Toro So Dogon Mali
7%
tcs Torres Strait Creole Australia
7%
hio Tsoa Botswana
7%
tqq Tunni Somalia
7%
tch Turks and Caicos English Creole United Kingdom
7%
aoz Uab Meto Timor-Leste
7%
uum Urum Georgia
7%
gel u̠t-Ma'in Nigeria
7%
vah Varhadi-Nagpuri India
7%
vic Virgin Islands English Creole United States
7%
wbp Warlpiri Australia
7%
bbp West Banda Central African Republic
7%
dym Yanda Dogon Mali
7%
yua Yucatec Maya Mexico
7%
sgs Žemaitiu Lithuania
7%
zia Zia Papua New Guinea
7%
zun Zuni United States
7%
tpx Acatepec Me'phaa Mexico
5%
yif Ache China
5%
ort Adivasi Oriya India
5%
ahl Ahlon Togo
5%
utp Amba Solomon Islands
5%
ajz Amri India
5%
hca Andaman Creole India
5%
aoa Angolar Creole São Tomé and Príncipe
5%
fab Annobonese Creole Equatorial Guinea
5%
ena Apalɨ Papua New Guinea
5%
mjw Arleng Alam India
5%
aat Arvanitika Albania
5%
pny Àshwəŋnə̀ Pìnyinə Cameroon
5%
auu Auye Indonesia
5%
baf Baca Cameroon
5%
bfd Bafut Cameroon
5%
bsp Baga Sitemu Guinea
5%
bcz Bainouk-Gunyaamolo Senegal
5%
bcb Bainouk-Samik Senegal
5%
bno Bantoanan Philippines
5%
bab Banyun Senegal
5%
bba Bariba Nigeria
5%
btu Batu Nigeria
5%
bzv Bebe Cameroon
5%
xub Betta Kurumba India
5%
bhb Bhili India
5%
bhw Biak Indonesia
5%
bsb Bisaya Brunei
5%
bmj Bote-Majhi Nepal
5%
plw Brooke's Point Palawano Philippines
5%
bbh Bugan China
5%
bmv Bum Cameroon
5%
bns Bundeli India
5%
bsk Burushaski Pakistan
5%
rmq Caló Spain
5%
cal Carolinian United States
5%
plc Central Palawano Philippines
5%
the Central Tharu Nepal
5%
luu Chhathare Yakkha Nepal
5%
lun Chilunda Zambia
5%
ciw Chippewa United States
5%
cim Cimbrian Italy
5%
seh Cisena Mozambique
5%
csz Coos United States
5%
tuz Cuurammã Burkina Faso
5%
dgz Daga Papua New Guinea
5%
dgk Dagba Central African Republic
5%
dag Dagbani Ghana
5%
drb Dair Sudan
5%
ada Dangme Ghana
5%
daz Dao Indonesia
5%
dro Daro-Matu Malaysia
5%
dzd Daza Nigeria
5%
del Delaware United States
5%
xsl Dene Zhatie Canada
5%
dlg Dolgan Russia
5%
dhv Drehu France
5%
duc Duna Papua New Guinea
5%
dng Dungan Kazakhstan
5%
ldb Dũya Nigeria
5%
tge Eastern Gorkha Tamang Nepal
5%
kif Eastern Parbate Kham Nepal
5%
taj Eastern Tamang Nepal
5%
igb Ebira Nigeria
5%
twp Ede Papua New Guinea
5%
bin Edo Nigeria
5%
ntk Eghiikoma Tanzania
5%
yzg E'ma Buyang China
5%
evn Evenki Russia
5%
fqs Fas Papua New Guinea
5%
nud Gala Papua New Guinea
5%
gid Gidar Cameroon
5%
gol Gola Liberia
5%
gvf Golin Papua New Guinea
5%
hac Gorani Iran
5%
bqu Guru Democratic Republic of the Congo
5%
gvr Gurung Nepal
5%
gwb Gwa Nigeria
5%
jgk Gwak Nigeria
5%
hag Hanga Ghana
5%
mey Hassaniyya Mauritania
5%
tox Hatohobei Palau
5%
czh Huizhou China
5%
umu Huluníixsuwaakan Canada
5%
huz Hunzib Russia
5%
ibg Ibanag Philippines
5%
ido Ido Finland
5%
ssc Ikisimbëtë Tanzania
5%
twq Ingalkoyyu Niger
5%
ile Interlingue Esonia
5%
kpj Iny Rybe Brazil
5%
itl Itelmen Russia
5%
ivv Ivatan Philippines
5%
ijc Izon Nigeria
5%
jax Jambi Malay Indonesia
5%
jqr Jaqaru Peru
5%
kyp Kang Laos
5%
cak Kaqchikel Guatemala
5%
kyd Karey Indonesia
5%
tkt Kathariya Tharu India
5%
kcr Katla Sudan
5%
kem Kemak Timor-Leste
5%
ket Ket Russia
5%
kio Kiowa United States
5%
kis Kis Papua New Guinea
5%
sub Kisuku Democratic Republic of the Congo
5%
yaf Kiyaka Democratic Republic of the Congo
5%
rad Klei Êđê Vietnam
5%
kfa Kodava India
5%
plk Kohistani Shina Pakistan
5%
jkr Koro India
5%
kfo Koro Côte d'Ivoire
5%
krf Koro Vanuatu
5%
kxr Koro Papua New Guinea
5%
kpy Koryak Russia
5%
avk Kotava France
5%
tyu Kua Botswana
5%
kfn Kuk Cameroon
5%
kfl Kung Cameroon
5%
knw Kung-Ekoka Namibia
5%
kuy Kuuku-Ya'u Australia
5%
ksq Kwaami Nigeria
5%
rwm Kwamba Uganda
5%
kvt Lahta Myanmar
5%
nrz Lala Papua New Guinea
5%
lla Lala-Roba Nigeria
5%
las Lama Tofo
5%
lmn Lambadi India
5%
lep Lepcha India
5%
kmk Limos Kalinga Philippines
5%
lis Li-Su China
5%
ruf Luguru Tanzania
5%
mzs Macanese China
5%
grg Madi Papua New Guinea
5%
mhi Mã'dí Uganda
5%
snm Ma'di Urúléti Uganda
5%
mjz Majhi Nepal
5%
xsq Makhuwa-Seka Mozambique
5%
swk Malawi Sena Malawi
5%
mmo Mangga Buang Papua New Guinea
5%
mqy Manggarai Indonesia
5%
dad Marik Papua New Guinea
5%
mve Marwari Pakistan
5%
mwr Marwari India
5%
gwa Mbato Côte d'Ivoire
5%
gdq Mehri Yemen
5%
hkn Mel-Khaonh Cambodia
5%
men Mende Sierra Leone
5%
sim Mende Papua New Guinea
5%
tpl Me'pa̱a̱ Wí'i̱i̱n Mexico
5%
wry Merwari India
5%
mtr Mewari India
5%
fum Mfumte Cameroon
5%
thq Mid-Eastern Tharu Nepal
5%
zna More Chad
5%
mtq Muong Vietnam
5%
bio Nai Papua New Guinea
5%
nrb Nara Eritrea
5%
anh Nend Papua New Guinea
5%
nij Ngaju Indonesia
5%
noe Nimadi India
5%
nqo N'Ko Guinea
5%
jen Nnwa' Dza Nigeria
5%
kqs Northern Kissi Guinea
5%
xkb Northern Nago Benin
5%
ykg Northern Yukaghir Russia
5%
vaj Northwestern !Kung Angola
5%
vkp Nou Ling India
5%
iii Nuosu China
5%
nuk Nuu-chah-nuth Canada
5%
oks Oko-Eni-Osayen Nigeria
5%
sxb Olusuba Kenya
5%
kua Oshiwambo Namibia
5%
oyb Oy Laos
5%
pli Pali India
5%
prt Prai Laos
5%
pnm Punan Batu Malaysia
5%
pxm Quetzaltepec Mixe Mexico
5%
thr Rana Tharu India
5%
ckz Ron Nigeria
5%
rut Rutul Russia
5%
saa Saɓɓoŋ Chad
5%
scs Sahtúot'ı̨nę Yatı̨́ Canada
5%
shq Sala Zambia
5%
sdz Sallands Netherlands
5%
cuk San Blas Kuna Panama
5%
sth Shelta Ireland
5%
kip Sheshi Kham Nepal
5%
scl Shina Pakistan
5%
ske Ske Vanuatu
5%
ssq So'a Indonesia
5%
sbh Sori-Harengan Papua New Guinea
5%
dga Southern Dagaare Burkina Faso
5%
kss Southern Kissi Sierra Leone
5%
nqg Southern Nago Benin
5%
yux Southern Yukaghir Russia
5%
plv Southwest Palawano Philippines
5%
szn Sula Indonesia
5%
sgd Surigaonon Philippines
5%
tcl Taman Myanmar
5%
tmn Taman Indonesia
5%
tvm Tela-Masbuar Indonesia
5%
tou Tho Vietnam
5%
dgr Tlicho Canada
5%
tok Toki Pona United States
5%
als Tosk Albania
5%
tkr Ts'exna Miz Azerbaijan
5%
ddo Tsez Russia
5%
ubi Ubu Chad
5%
uni Uni Papua New Guinea
5%
uln Unserdeutsch Papua New Guinea
5%
ute Ute-Southern Paiute United States
5%
vel Veluws Netherlands
5%
wae Walser Austria
5%
wan Wan Côte d'Ivoire
5%
wbh Wanda Tanzania
5%
www Wawa Cameroon
5%
mrd Western Magar Nepal
5%
kjl Western Parbate Kham Nepal
5%
tdg Western Tamang Nepal
5%
kao Xaasongaxango Mali
5%
iyx Yaka Republic of the Congo
5%
yak Yakama United States
5%
yka Yakan Philippines
5%
ybh Yakkha Nepal
5%
tmu Yav Ba Indonesia
5%
jei Yei Indonesia
5%
zne Zande Democratic Republic of the Congo
5%
jjr Zhár Nigeria
5%
zom Zogam Myanmar
5%
aba Abé Côte d'Ivoire
2%
acz Acheron Sudan
2%
adn Adang Indonesia
2%
adi Adi India
2%
ado Adjora Papua New Guinea
2%
awi Aekyom Papua New Guinea
2%
aeq Aer India
2%
agd Agarabi Papua New Guinea
2%
agc Agatu Nigeria
2%
agq Aghem Cameroon
2%
ail Aimele Papua New Guinea
2%
akv Akhvakh Azerbaijan
2%
ala Alago Nigeria
2%
alh Alawa Australia
2%
all Allar India
2%
alz Alur Uganda
2%
ems Alutiiq United States
2%
aly Alyawarr Australia
2%
aad Amal Papua New Guinea
2%
wer Amam Papua New Guinea
2%
aie Amara Papua New Guinea
2%
wgo Ambel Indonesia
2%
amj Amdang Chad
2%
huc ǂ'Amkhoe Botswana
2%
anw Anaang Nigeria
2%
amx Anmatjirra Australia
2%
stk Aramba Papua New Guinea
2%
arp Arapaho United States
2%
aqc Archi Russia
2%
mwc Are Papua New Guinea
2%
luc Ãrị̃ngã tị Uganda
2%
zkd Asak Myanmar
2%
asb Assiniboine United States
2%
tay Atayal Taiwan
2%
plb Atin Vanuatu
2%
teo Atεsᴐ Uganda
2%
cch Atsam Nigeria
2%
avu Avokaya South Sudan
2%
azo Awing Cameroon
2%
yix Axi China
2%
bqx Baangi Nigeria
2%
bbk Babanki Cameroon
2%
bcy Bacama Nigeria
2%
bde Bade Nigeria
2%
bgo Baga Koga Guinea
2%
bmd Baga Manduri Guinea
2%
bfy Bagheli India
2%
tsb Bago Ts'amakkilo Ethiopia
2%
bdq Bahnar Vietnam
2%
bdh Baka South Sudan
2%
bkc Baka Cameroon
2%
sse Balangingih Sama Philippines
2%
bjt Balanta-Ganja Gambia
2%
ble Balanta-Kentohe Senegal
2%
bbq Bamali Cameroon
2%
bmo Bambalang Cameroon
2%
bcf Bamu Papua New Guinea
2%
bax Bamum Cameroon
2%
bmg Bamwe Democratic Republic of the Congo
2%
bcw Bana Cameroon
2%
bxg Bangala Democratic Republic of the Congo
2%
bgf Bangando Gbaya Cameroon
2%
bni Bangi Democratic Republic of the Congo
2%
bbm Bango Democratic Republic of the Congo
2%
bdj Bangolan Cameroon
2%
bxw Banka Mali
2%
bci Baoulé Côte d'Ivoire
2%
brd Baram Nepal
2%
brm Barambu Democratic Republic of the Congo
2%
ptu Basa Bambam Indonesia
2%
ppk Basa Uma Indonesia
2%
bsq Bassa Liberia
2%
bsr Bassa-Kontagora Nigeria
2%
bsc Bassari Guinea
2%
bnm Batanga Cameroon
2%
bhm Baṭḥari Oman
2%
bdc Baudó-Emberá Colombia
2%
led Bbaledha Democratic Republic of the Congo
2%
buu Ɨbʉdhʉ Democratic Republic of the Congo
2%
bfp Beba' Cameroon
2%
bcq Bench Ethiopia
2%
taa Benhti Kokhwt'ana Kenag'a United States
2%
bhy Bhele Democratic Republic of the Congo
2%
byk Biao China
2%
bim Bimoba Togo
2%
byj Bina Nigeria
2%
bqq Biritai Indonesia
2%
bvq Birri Central African Republic
2%
bdk Bit China
2%
brt Bitare Nigeria
2%
gso Biyanda Gbaya Central African Republic
2%
bqc Boko Benin
2%
bol Bole Nigeria
2%
bvx Bole Democratic Republic of the Congo
2%
blv Bolo Angola
2%
bof Bolon Burkina Faso
2%
bml Bomboli Democratic Republic of the Congo
2%
bws Bomboma Democratic Republic of the Congo
2%
zmx Bomitaba Gabon
2%
bui Bongili Republic of the Congo
2%
bob Boni Kenya
2%
bok Bonjo Republic of the Congo
2%
ebo Boo Democratic Republic of the Congo
2%
boa Bora Colombia
2%
bwo Boro Ethiopia
2%
bor Bororo Brazil
2%
bph Botlikh Russia
2%
nku Bouna Kulango Côte d'Ivoire
2%
bzo Bozaba Democratic Republic of the Congo
2%
boo Bozo Mali
2%
dgb Budu Dogon Mali
2%
bdk Budukh Azerbaijan
2%
bja Budza Democratic Republic of the Congo
2%
bxk Bukusu Kenya
2%
bwu Buli Ghana
2%
bzq Buli Indonesia
2%
uly Buli Nigeria
2%
bjl Bulu Papua New Guinea
2%
bum Bulu Cameroon
2%
bvn Buna Papua New Guinea
2%
bmu Burum Papua New Guinea
2%
bhf Busa Papua New Guinea
2%
buf Bushong Democratic Republic of the Congo
2%
byi Buyu Democratic Republic of the Congo
2%
jiy Buyuan Jinuo China
2%
bwl Bwela Democratic Republic of the Congo
2%
msq Caac France
2%
ckx Caka Cameroon
2%
cfd Cara Nigeria
2%
cbr Cashibo Peru
2%
cto Catío Emberá Colombia
2%
sef Cebaara Sénoufo Côte d'Ivoire
2%
sml Central Sama Philippines
2%
csm Central Sierra Miwok United States
2%
bec Ceve Cameroon
2%
cmi Chamí-Emberá Colombia
2%
leh Chilenje Zambia
2%
csa Chiltepec Chinantec Mexico
2%
nmq Chinambya Botswana
2%
ndc Chindau Mozambique
2%
chn Chinook Jargon United States
2%
tbt Chitembo Democratic Republic of the Congo
2%
cjk Chokwe Angola
2%
cce Chopi Mozambique
2%
cje Chru Vietnam
2%
cvg Chug India
2%
cnq Chung Cameroon
2%
scq Chung Cambodia
2%
nyu Cinyungwe Mozambique
2%
mco Coatlán Mixe Mexico
2%
cco Comaltepec Chinantec Mexico
2%
pbf Coyotepec Popoloca Mexico
2%
shw Cwaya Sudan
2%
dta Dagur China
2%
das Daho-Doo Côte d'Ivoire
2%
dkk Dakka Indonesia
2%
bea Dane-Zaa Canada
2%
mzw Dɛg Ghana
2%
ing Deg Xinag United States
2%
row Dela-Oenale Indonesia
2%
ntr Delo Ghana
2%
dem Dem Indonesia
2%
koy Denaakk'e United States
2%
ddn Dendi Benin
2%
deq Dendi Democratic Republic of the Congo
2%
dez Dengese Democratic Republic of the Congo
2%
tcb Dihthaad Xt'een lin Aanděeg' United States
2%
kuu Dinak'i United States
2%
diz Ding Democratic Republic of the Congo
2%
nzr Dir-Nyamzak-Mbarimi Nigeria
2%
dyi Djimini Côte d'Ivoire
2%
dos Dogosé Burkina Faso
2%
dgs Dogoso Burkina Faso
2%
doh Dong Nigeria
2%
drt Drents Netherlands
2%
dua Duala Cameroon
2%
dux Duungooma Mali
2%
dzn Dzando Democratic Republic of the Congo
2%
add Dzodinka Cameroon
2%
dnn Dzùùngoo Burkina Faso
2%
aaq East Abenaki United States
2%
aer Eastern Arrernte Australia
2%
dtb Eastern Kadazan Malaysia
2%
eky Eastern Kayah Myanmar
2%
lma East Limba Sierra Leone
2%
ica Ede Ica Benin
2%
efi Efik Nigeria
2%
eip Eipo Indonesia
2%
nii Ek Nii Papua New Guinea
2%
ngl Elomwe Mozambique
2%
vmk Emakhuwa-Exirima Mozambique
2%
ags Esimbi Cameroon
2%
etn Eton Vanuatu
2%
eto Eton Cameroon
2%
bzz Evant Nigeria
2%
ewo Ewondo Cameroon
2%
wls Faka'uvea France
2%
bfj Fanji Cameroon
2%
fat Fanti Ghana
2%
gur Farefare Ghana
2%
fmp Fe'fe' Cameroon
2%
for Fore Papua New Guinea
2%
fvr Fur Sudan
2%
fuu Furu Democratic Republic of the Congo
2%
fut Futuna-Aniwa Vanuatu
2%
fud Futunan France
2%
fwe Fwe Namibia
2%
ged Gade Nigeria
2%
gnk ǁGana Botswana
2%
gnq Gana' Malaysia
2%
gga Gao Solomon Islands
2%
gbm Garhwali India
2%
gyb Garus Papua New Guinea
2%
ggu Gban Côte d'Ivoire
2%
diu Gciriku Namibia
2%
drs Gedeo Ethiopia
2%
syk Gemasakun Nigeria
2%
geq Geme Central African Republic
2%
geg Gengle Nigeria
2%
bbj Ghɔmálá' Cameroon
2%
gdo Ghodoberi Russia
2%
gjn Gonja Ghana
2%
bjm Gorani Iraq
2%
goy Goundo Chad
2%
gux Gourmanché Burkina Faso
2%
gos Gronings Netherlands
2%
gdf Guduf-Gava Nigeria
2%
gkp Guinea Kpelle Guinea
2%
glu Gula Chad
2%
kcm Gula Central African Republic
2%
guk Gumuz Ethiopia
2%
gbr Gwari Nigeria
2%
gwi Gwich'in United States
2%
kdm Gyong Nigeria
2%
hdy Hadiyya Ethiopia
2%
hts Hadza Tanzania
2%
bzx Hainyaxo Bozo Burkina Faso
2%
hao Hakö Papua New Guinea
2%
lml Hano Vanuatu
2%
har Harari Ethiopia
2%
hss Harsusi Oman
2%
bgc Haryanvi India
2%
yuf Havasupai-Walapai-Yavapai United States
2%
hay Haya Tanzania
2%
hbn Heiban Sudan
2%
poi Highland Popoluca Mexico
2%
gin Hinukh Russia
2%
lic Hlai China
2%
juh Hõne Nigeria
2%
win Hoocąk United States
2%
hul Hula Papua New Guinea
2%
hmb Humburi Senni Mali
2%
hya Hya Cameroon
2%
ibb Ibibio Nigeria
2%
bkp Iboko Democratic Republic of the Congo
2%
idu Idoma Nigeria
2%
igl Igala Nigeria
2%
ikv Iku-Gora-Ankwa Nigeria
2%
ilb Ila Zambia
2%
lup Ilumbu Gabon
2%
abx Inabaknon Philippines
2%
ass Ipulo Cameroon
2%
irk Iraqw Tanzania
2%
iru Irula India
2%
iso Isoko Nigeria
2%
mir Isthmus Mixe Mexico
2%
isu Isu Cameroon
2%
jab Jaba Nigeria
2%
jda Jad India
2%
etu Jagham Nigeria
2%
jad Jahanka Guinea
2%
jra Jarai Vietnam
2%
jyy Jaya Chad
2%
bze Jenaama Bozo Burkina Faso
2%
jek Jeri Kuo Côte d'Ivoire
2%
juo Jiba Nigeria
2%
jim Jimi Cameroon
2%
kaj Jju Nigeria
2%
eja Jola-Felupe Senegal
2%
dyo Jola-Fonyi Senegal
2%
mcu Jù Bà Cameroon
2%
jbu Jukun Cameroon
2%
mxq Juquila Mixe Mexico
2%
bex Jur Modo South Sudan
2%
ldl Kaan Nigeria
2%
kvf Kabalai Chad
2%
kbp Kabiyè Togo
2%
kzd Kadai Indonesia
2%
bqz Kaka Cameroon
2%
ijn Kalabari Nigeria
2%
kmh Kalam Papua New Guinea
2%
mgd Kala Moru South Sudan
2%
kls Kal'as'amon Pakistan
2%
keq Kamar India
2%
jmr Kamara Ghana
2%
kam Kamba Kenya
2%
kbl Kanembu Chad
2%
kcp Kanga Sudan
2%
xkt Kantosi Ghana
2%
kax Kao Indonesia
2%
kth Karanga Chad
2%
kgw Karon Dori Indonesia
2%
csk Kasa Senegal
2%
bsh Kata-Vari Afghanistan
2%
xtc Katcha-Kadugli-Miri Sudan
2%
kmg Kâte Papua New Guinea
2%
kei Kei Indonesia
2%
kec Keiga Sudan
2%
eyo Keiyo Kenya
2%
keb Kélé Gabon
2%
khy Kele Democratic Republic of the Congo
2%
sbc Kele Papua New Guinea
2%
kbo Keliko South Sudan
2%
xel Kelo Sudan
2%
dmo Kemezung Cameroon
2%
klf Kendeje Chad
2%
ndb Kenswei Nsei Cameroon
2%
xkv Kgalagadi Botswana
2%
kqg Khe Burkina Faso
2%
xuu Khwedam Botswana
2%
zmb Kibinja Democratic Republic of the Congo
2%
kic Kickapoo Mexico
2%
lag Kilaangi Tanzania
2%
kiv Kimbu Tanzania
2%
kmb Kimbundu Angola
2%
snf Kinoon Senegal
2%
sgc Kipsigis Kenya
2%
skt Kisakata Democratic Republic of the Congo
2%
kiz Kisi Tanzania
2%
suk Kisukuma Tanzania
2%
kqt Klias River Kadazan Malaysia
2%
kib Koalib Sudan
2%
kmw Komo Democratic Republic of the Congo
2%
kma Konni Ghana
2%
kcy Korandje Algeria
2%
kid Koshin Cameroon
2%
kfe Kota India
2%
koq Kota Gabon
2%
ses Koyraboro Senni Songhay Mali
2%
khq Koyra Chiini Mali
2%
xpe Kpɛlɛwoo Liberia
2%
kpe Kpelle Liberia
2%
krs Kresh-Hofra South Sudan
2%
kry Kryts Azerbaijan
2%
uan Kuan Laos
2%
ugh Kubachi Russia
2%
sbs Kuhane Botswana
2%
ght Kuke Nepal
2%
ukv Kuku Uganda
2%
tpg Kula Indonesia
2%
kfx Kullu Pahari India
2%
kue Kuman Papua New Guinea
2%
kun Kunama Eritrea
2%
kse Kuni Papua New Guinea
2%
kvg Kuni-Boazi Papua New Guinea
2%
krh Kurama Nigeria
2%
knk Kuranko Guinea
2%
vku Kurrama Australia
2%
kus Kusaal Ghana
2%
ksv Kusu Democratic Republic of the Congo
2%
blh Kuwaa Liberia
2%
kwk Kwakwala Canada
2%
kvi Kwang Chad
2%
kwj Kwanga Papua New Guinea
2%
kya Kwaya Tanzania
2%
cry Kyoli Nigeria
2%
jku Labir Nigeria
2%
lbt Lachi Vietnam
2%
lha Laha Vietnam
2%
lhh Laha Indonesia
2%
lmx Laimbue Cameroon
2%
cnl Lalana Chinantec Mexico
2%
lgo Lango South Sudan
2%
lbz Lardil Australia
2%
lro Laro Sudan
2%
cld Lealao Chinantec Mexico
2%
laj Lëblango Uganda
2%
lth Lëb Thur Uganda
2%
lgm Lega-Mwenga Democratic Republic of the Congo
2%
lea Lega-Shabunda Democratic Republic of the Congo
2%
ahi Lélé Côte d'Ivoire
2%
lel Lele Democratic Republic of the Congo
2%
llc Lele Guinea
2%
lle Lele Papua New Guinea
2%
lln Lele Chad
2%
leo Leti Cameroon
2%
lti Leti Indonesia
2%
tik Lɛ̀' Tikarì Cameroon
2%
lig Ligbi Ghana
2%
lio Liki Indonesia
2%
xon Likpakpaanl Togo
2%
kwc Likwala Republic of the Congo
2%
lof Logol Sudan
2%
log Lògòti Democratic Republic of the Congo
2%
bkt Loki Democratic Republic of the Congo
2%
lcd Lola Indonesia
2%
loo Lombo Democratic Republic of the Congo
2%
bzm Londo Democratic Republic of the Congo
2%
nkw Lonkfukfutu Democratic Republic of the Congo
2%
ldo Loo Nigeria
2%
frc Louisiana French United States
2%
lgg Lugbara Ti Democratic Republic of the Congo
2%
myx Lumasaaba Uganda
2%
lmd Lumun Sudan
2%
khl Lusi Papua New Guinea
2%
xog Lusoga Uganda
2%
lyn Luyana Zambia
2%
mcw Maaw Chad
2%
mde Maba Chad
2%
mqa Maba Indonesia
2%
bfz Mahasu Pahari India
2%
vmw Makhuwa Mozambique
2%
xmc Makhuwa-Marrevone Mozambique
2%
mgh Makhuwa-Meetto Mozambique
2%
mhm Makhuwa-Moniga Mozambique
2%
lon Malawi Lomwe Malawi
2%
pkt Maleng Laos
2%
mqr Mander Indonesia
2%
mdj Mangbetu Democratic Republic of the Congo
2%
mom Mangue Nicaragua
2%
mfv Manjáku Guinea-Bissau
2%
knf Mankanya Senegal
2%
msw Mansoanka Guinea-Bissau
2%
acb Manta Cameroon
2%
myg Manta Cameroon
2%
mrw Maranao Philippines
2%
mvu Marfa Chad
2%
rkm Marka Burkina Faso
2%
enb Markwet Kenya
2%
mls Masalit Sudan
2%
jms Mashi Nigeria
2%
mho Mashi Zambia
2%
mzl Mazatlán Mixe Mexico
2%
zmz Mbandja Democratic Republic of the Congo
2%
mdn Mbati Central African Republic
2%
mfo Mbe Nigeria
2%
emz Mbessa Cameroon
2%
baw Mbili Cameroon
2%
mbo Mbo Cameroon
2%
mtk Mbo' Cameroon
2%
zmw Mbo Democratic Republic of the Congo
2%
mxo Mbowe Zambia
2%
mka Mbre Côte d'Ivoire
2%
bpc Mbuk Cameroon
2%
mqb Mbuko Cameroon
2%
byv Medumba Cameroon
2%
mfx Melo Ethiopia
2%
bby Menchum Cameroon
2%
xmg Mengaka Cameroon
2%
mez Menominee United States
2%
mcr Menya Papua New Guinea
2%
mnu Mer Indonesia
2%
iyo Mesaka Cameroon
2%
pbe Mezontla Popoloca Mexico
2%
nfu Mfɨ́ti Cameroon
2%
mpt Mian Weng Papua New Guinea
2%
crg Michif Canada
2%
drc Minderico Portugal
2%
mfq Moba Togo
2%
mhn Mòcheno Italy
2%
mfg Mogɔfin Guinea
2%
zmo Molo Sudan
2%
mlw Moloko Cameroon
2%
mnz Moni Indonesia
2%
mnh Mono Democratic Republic of the Congo
2%
mnr Mono United States
2%
mru Mono Cameroon
2%
mte Mono Solomon Islands
2%
mtt Mota Vanuatu
2%
mwh Mouk-Aria Papua New Guinea
2%
kqa Mum Papua New Guinea
2%
boe Mundabli Cameroon
2%
muh Mündü South Sudan
2%
mij Mungbam Cameroon
2%
mwf Murrinh-Patha Australia
2%
moa Mwan Côte d'Ivoire
2%
mye Myene Gabon
2%
nao Naaba Nepal
2%
ntm Naàteǹni Benin
2%
mty Nabi Papua New Guinea
2%
niq Nandi Kenya
2%
sen Nanerigé Sénoufo Burkina Faso
2%
nnc Nangjere Chad
2%
nhr Naro Botswana
2%
nru Narua China
2%
nml Ndemli Cameroon
2%
ndl Ndolo Democratic Republic of the Congo
2%
nqm Ndom Indonesia
2%
ndq Ndombe Angola
2%
dno Ndrulo Democratic Republic of the Congo
2%
niy Ndrǔna Democratic Republic of the Congo
2%
wti Ndú Benishangulú Ethiopia
2%
tau Nee'aaneegn United States
2%
nen Nengone France
2%
pko Ngala Pökot Kenya
2%
nmc Ngam Central African Republic
2%
nnz Nga'nga' Cameroon
2%
gng Ngangam Togo
2%
nam Ngan'gityemerri Australia
2%
anc Ngas Nigeria
2%
tuv Ng'aturkana Kenya
2%
nbw Ngbandi-Ngiri Democratic Republic of the Congo
2%
agh Ngelima Democratic Republic of the Congo
2%
hed Ngeté-Herdé Chad
2%
pls Ngigua Mexico
2%
jle Ngile Sudan
2%
biz Ngiri Democratic Republic of the Congo
2%
nra Ngom Gabon
2%
jgo Ngomba Chad
2%
nla Ngombale Cameroon
2%
ngc Ngombe Democratic Republic of the Congo
2%
nmj Ngombe Central African Republic
2%
nwe Ngwe Cameroon
2%
yad Nijya̱mi̱ Niquejada Peru
2%
nin Ninzo Nigeria
2%
yso Nisi China
2%
niv Nivxgu Russia
2%
aqk Nka Nigeria
2%
isi Nkem-Nkum Nigeria
2%
nkx Nkoroo Nigeria
2%
khu Nkumbi Angola
2%
nut Nohng Vietnam
2%
nhu Nooni Cameroon
2%
neq North Central Mixe Mexico
2%
ryn Northern Amami-Oshima Japan
2%
bfo Northern Birifor Burkina Faso
2%
doc Northern Dong China
2%
emp Northern Emberá Colombia
2%
hno Northern Hindko Pakistan
2%
ncq Northern Katang Laos
2%
tji Northern Tujia China
2%
tnn North Tanna Vanuatu
2%
pca Nquivā Mexico
2%
bud Ntcham Togo
2%
blc Nuxalk Canada
2%
nwi Nɨvhaar Vanuatu
2%
sev Nyaʔafolido Côte d'Ivoire
2%
nwm Nyamusa-Molo South Sudan
2%
ayg Nyanga Togo
2%
nyj Nyanga Democratic Republic of the Congo
2%
nyc Nyanga-Li Democratic Republic of the Congo
2%
yes Nyenkpa Nigeria
2%
kzr Nzak Karaŋ Cameroon
2%
nzi Nzema Ghana
2%
chj Ojitlán Chinantec Mexico
2%
oki Okiek Kenya
2%
okd Okodia Nigeria
2%
oku Oku Cameroon
2%
lul Ọ́lụ́'bọ́ Tị South Sudan
2%
olu Olukuvale Angola
2%
nyk Oluñaneka Angola
2%
plo Oluta Popoluca Mexico
2%
oma Omaha-Ponca United States
2%
mbm Ombamba Republic of the Congo
2%
sdr Oraon Sadri Bangladesh
2%
orr Oruma Nigeria
2%
ost Osatu Cameroon
2%
osi Osing Indonesia
2%
tll Otetela Democratic Republic of the Congo
2%
chz Ozumacín Chinantec Mexico
2%
drl Paakantyi Australia
2%
phj Pahari Nepal
2%
phr Pahari-Potwari Pakistan
2%
lgt Pahi Papua New Guinea
2%
plr Palaka Sénoufo Côte d'Ivoire
2%
cpa Palantla Chinantec Mexico
2%
pnl Paleni Burkina Faso
2%
pmb Pambia Democratic Republic of the Congo
2%
bkj Pande Central African Republic
2%
mqz Pano Papua New Guinea
2%
pqm Passamaquoddy United States
2%
lae Pattani India
2%
pmt Pa'umotu France
2%
paw Pawnee United States
2%
bxd Pela China
2%
ypg Phola China
2%
pye Piɛwin Côte d'Ivoire
2%
pjt Pitjantjatjara Australia
2%
pof Poke Democratic Republic of the Congo
2%
tdc Ẽpẽra Pedea Colombia
2%
chq Quiotepec Chinantec Mexico
2%
rah Rabha India
2%
rma Rama Nicaraga
2%
rao Rao Papua New Guinea
2%
rwo Rawa Mande Papua New Guinea
2%
rei Reli India
2%
mrv Reo Magareva France
2%
iri Rigwe Nigeria
2%
kwn Rukwángali Namibia
2%
nyn Runyankore Uganda
2%
ttj Rutooro Uganda
2%
ssy Saaho Eritrea
2%
asj Saari Cameroon
2%
spy Sābāwōōt Kenya
2%
sck Sadri India
2%
slr Salar China
2%
nis Sama Papua New Guinea
2%
bdl Sama-Bajaw Malaysia
2%
sbl Sambal Botolan Philippines
2%
xsb Sambalì Philippines
2%
pow San Felipe Otlaltepec Popoloca Mexico
2%
sng Sanga Democratic Republic of the Congo
2%
xsn Sanga Nigeria
2%
poe San Juan Atzingo Popoloca Mexico
2%
pps San Luís Temalacayuca Popoloca Mexico
2%
kwg Sara Kaba Démé Chad
2%
pos Sayula Popoluca Mexico
2%
kdg Seba Democratic Republic of the Congo
2%
sgw Sebat Bet Gurage Ethiopia
2%
trv Seediq Taiwan
2%
srr Seereer Senegal
2%
hik Seit-Kaitetu Indonesia
2%
skj Seke Nepal
2%
seq Senara Sénoufo Burkina Faso
2%
std Sentinelese India
2%
swf Sere Democratic Republic of the Congo
2%
sbf Shabo Ethiopia
2%
sho Shanga Nigeria
2%
shv Shehri Oman
2%
cjs Shor Russia
2%
sid Sidamo Ethiopia
2%
sxe Sighu Gabon
2%
slt Sila Laos
2%
sie Simaa Zambia
2%
sys Sinyar Chad
2%
slm Siyama Pangutaran Philippines
2%
tsi Sm'algyax Canada
2%
cso Sochiapan Chinantec Mexico
2%
sby Soli Zambia
2%
sov Sonsorolese Palau
2%
teu Soo Uganda
2%
ijs Southeast Ijo Nigeria
2%
biv Southern Birifor Ghana
2%
kmc Southern Dong China
2%
hnd Southern Hindko Pakistan
2%
sct Southern Katang Laos
2%
csp Southern Pinghua China
2%
ssb Southern Sama Philippines
2%
skd Southern Sierra Miwok United States
2%
tjs Southern Tujia China
2%
sox Sùə̀ Cameroon
2%
swi Sui China
2%
sbj Surbakhal Chad
2%
sgj Surguija India
2%
syr Syriac Syria
2%
shy Tachawit Algeria
2%
shi Tachelhit Morocco
2%
dsq Tadaksahak Mali
2%
tda Tagdal Niger
2%
tag Tagoi Sudan
2%
tgw Tagwana Sénoufo Côte d'Ivoire
2%
tak Tala Nigeria
2%
mne Tar Melbene Chad
2%
trr Taushiro Peru
2%
ras Tegali Sudan
2%
teg Teke-Tege Gabon
2%
tmv Tembo Democratic Republic of the Congo
2%
cnt Tepetotutla Chinantec Mexico
2%
cte Tepinapa Chinantec Mexico
2%
tec Terik Kenya
2%
keg Tese Sudan
2%
poq Texistepec Popoluca Mexico
2%
mhw Thimbukushu Botswana
2%
thu Thuri South Sudan
2%
boz Tiéyaxo Bozo Mali
2%
txq Tii Indonesia
2%
tms Tima Sudan
2%
tin Tindi Russia
2%
upv Tirax Vanuatu
2%
tiw Tiwi Australia
2%
ctl Tlacoatzintepec Chinantec Mexico
2%
mxp Tlahuitoltepec Mixe Mexico
2%
bbc Toba Batak Indonesia
2%
tti Tobati Indonesia
2%
taz Tocho Sudan
2%
tcx Toda India
2%
ood Tohono O'odham United States
2%
tly Tolışi Azerbaijan
2%
tst Tondi Songway Kiini Mali
2%
don Toura Papua New Guinea
2%
tsj Tshangla Bhutan
2%
xom Tta Komo Ethiopia
2%
tuy Tukēn Kenya
2%
trd Turi India
2%
twd Twents Netherlands
2%
tzo Tzotzil Mexico
2%
udi Udi Muz Azerbaijan
2%
roe Uma Papua New Guinea
2%
mtg Una Indonesia
2%
ngj Ungie Cameroon
2%
uvh Uri Papua New Guinea
2%
cuc Usila Chinantec Mexico
2%
uss us-Saare Nigeria
2%
cvn Valle Nacional Chinantec Mexico
2%
say Vìk Zaar Nigeria
2%
vit Viti Nigeria
2%
vol Volapük United States
2%
fad Wagi Papua New Guinea
2%
whu Wahau Kayan Indonesia
2%
wbl Wakhi Afghanistan
2%
lgl Wala Solomon Islands
2%
neb Wɛɛn Côte d'Ivoire
2%
abe West Abenaki United States
2%
lia West-Central Limba Sierra Leone
2%
bdr West Coast Bajaw Malaysia
2%
are Western Arrernte Australia
2%
wep Westphalien Germany
2%
lwh White Lachi Vietnam
2%
ssj Wia Papua New Guinea
2%
wlv Wichí Argentina
2%
mzh Wichí Lhamtés Argentina
2%
wal Wolaytta Ethiopia
2%
wmo Wom Papua New Guinea
2%
wom Wom Nigeria
2%
xav Xavánte Brazil
2%
rng Xironga Mozambique
2%
yng Yango Democratic Republic of the Congo
2%
yyu Yau Papua New Guinea
2%
yle Yélî Dnye Papua New Guinea
2%
yss Yessan-Mayo Papua New Guinea
2%
ycr Yilan Creole Taiwan
2%
yok Yokuts United States
2%
yoi Yonaguni Japan
2%
mfy Yorem Nokpo Mexico
2%
jiu Youle Jinuo China
2%
sll Yui Papua New Guinea
2%
dje Zarma Niger
2%
ahn Ààhàn Nigeria
0%
hgm ǂAakhoe Namibia
0%
kbt Abadi Papua New Guinea
0%
abg Abaga Papua New Guinea
0%
abm Abanyom Nigeria
0%
aau Abau Papua New Guinea
0%
flh Abawiri Indonesia
0%
abt Abelam Papua New Guinea
0%
abp Abellan Ayta Philippines
0%
abi Abidji Côte d'Ivoire
0%
bsa Abinomn Indonesia
0%
pcn Abishi Nigeria
0%
aob Abom Papua New Guinea
0%
abn Abua Nigeria
0%
abz Abui Indonesia
0%
kgr Abun Indonesia
0%
abu Abure Côte d'Ivoire
0%
mgj Abureni Nigeria
0%
aca Achagua Colombia
0%
acn Achang Myanmar
0%
acc Achi Guatemala
0%
ach Acholi Uganda
0%
acv Achumawi United States
0%
tiu Adasen Philippines
0%
ade Adele Ghana
0%
adh Adhola Uganda
0%
gas Adiwasi Garasia India
0%
adj Adjukru Côte d'Ivoire
0%
adt Adnyamathanha Australia
0%
adr Adonara Indonesia
0%
adz Adzera Papua New Guinea
0%
aez Aeka Papua New Guinea
0%
kxc Afaa Xonso Ethiopia
0%
aal Afade Nigeria
0%
ets Afenmai Nigeria
0%
rel Afi Ren'dille Kenya
0%
aft Afitti Sudan
0%
afh Afrihili Ghana
0%
bjc Aga Bereho Papua New Guinea
0%
myw Aga-Muyuw Papua New Guinea
0%
aif Agi Papua New Guinea
0%
kit Agob Papua New Guinea
0%
adq Agotime Ghana
0%
agr Aguaruna Peru
0%
aug Aguna Benin
0%
agn Agutaynen Philippines
0%
ahb Ahamb Vanuatu
0%
thm Aheu Thailand
0%
ahr Ahirani India
0%
ahz Ahtna United States
0%
nfd Ahwai Nigeria
0%
rmp Aic Papua New Guinea
0%
aix Aigon Papua New Guinea
0%
tba Aikanã Brazil
0%
mwg Aiklep Papua New Guinea
0%
aiq Aimaq Afghanistan
0%
aim Aimol India
0%
aic Ainbai Papua New Guinea
0%
con A'ingae Colombia
0%
aki Aiome Papua New Guinea
0%
aew Aion Papua New Guinea
0%
air Airoran Indonesia
0%
mmq Aisi Papua New Guinea
0%
aio Aiton India
0%
nfl Äiwoo Solomon Islands
0%
aji Ajiё France
0%
idc Ajiya Nigeria
0%
muc Ajumbu Cameroon
0%
aks Akaselem Togo
0%
knj Akateko Guatemala
0%
aik Ake Nigeria
0%
tsr Akei Vanuatu
0%
aeu Akeu China
0%
spm Akɨghɨm Papua New Guinea
0%
ahk Akha China
0%
akt Akolet Papua New Guinea
0%
bss Akoose Cameroon
0%
miw Akoye Papua New Guinea
0%
akf Akpa Nigeria
0%
ibe Akpes Nigeria
0%
akd Akpet Nigeria
0%
afi Akrukay Papua New Guinea
0%
ayk Akuku Nigeria
0%
aku Akum Nigeria
0%
aqz Akuntsu Brazil
0%
ako Akurio Suriname
0%
akw Akwa Republic of the Congo
0%
asu Akwáwa Brazil
0%
xbi Akwun Papua New Guinea
0%
alw Alaba-K'abeena Kenya
0%
akz Alabama United States
0%
wbj Alagwaisa Tanzania
0%
alk Alak Laos
0%
amp Alamblak Papua New Guinea
0%
alj Alangan Philippines
0%
alf Alege Nigeria
0%
gah Alekano Papua New Guinea
0%
ald Alladian Côte d'Ivoire
0%
aol Alorese Indonesia
0%
aab Alumu-Tesu Nigeria
0%
alp Alune Indonesia
0%
yna Aluo China
0%
avd Alviri-Vidari Iran
0%
alr Alyutor Russia
0%
amq Amahai Indonesia
0%
amc Amahuaca Peru
0%
ali Amaimon Papua New Guinea
0%
koz Amako Papua New Guinea
0%
amn Amanab Papua New Guinea
0%
amr Amarakaeri Harákmbut Peru
0%
aaz Amarasi Indonesia
0%
amk Ambai Indonesia
0%
abc Ambala Ayta Philippines
0%
amv Ambelau Indonesia
0%
ael Ambele Cameroon
0%
alm Amblong Vanuatu
0%
aag Ambrak Papua New Guinea
0%
aey Amele Papua New Guinea
0%
ifa Amganad Ifugao Philippines
0%
let Amio-Gelimi Papua New Guinea
0%
apg Ampanang Indonesia
0%
amt Amto Papua New Guinea
0%
amg Amurdak Australia
0%
azg Amuzgo Mexico
0%
akg Anakalangu Indonesia
0%
anm Anāl India
0%
pda Anam Papua New Guinea
0%
aan Anambé Brazil
0%
imi Anamuxra Papua New Guinea
0%
bpo Anasi Indonesia
0%
afd Andai Papua New Guinea
0%
aod Andarum Papua New Guinea
0%
adg Andegerebinha Australia
0%
anr Andh India
0%
bzb Andio Indonesia
0%
ano Andoque Colombia
0%
anx Andra-Hus Papua New Guinea
0%
aty Anejom̃ Vanuatu
0%
anz Anêm Papua New Guinea
0%
aby Aneme Wake Papua New Guinea
0%
myo Anfillo Ethiopia
0%
agm Angaatiha Papua New Guinea
0%
aqt Angaité Paraguay
0%
age Angal Papua New Guinea
0%
akh Angal Papua New Guinea
0%
aoe Angal Papua New Guinea
0%
yli Angguruk Yali Indonesia
0%
anp Angika India
0%
agg Angor Papua New Guinea
0%
aog Angoram Papua New Guinea
0%
tnd Angosturas Tunebo Colombia
0%
blo Anii Togo
0%
anf Animere Ghana
0%
aoi Anindilyakwa Australia
0%
aak Ankave Papua New Guinea
0%
nun Anong Myanmar
0%
anj Anor Papua New Guinea
0%
and Ansus Indonesia
0%
ant Antakarinya Australia
0%
anu Anuak Ethiopia
0%
anl Anu-Hkongso Myanmar
0%
aui Anuki Papua New Guinea
0%
auq Anus Indonesia
0%
aud Anuta Solomon Islands
0%
any Anyin Ghana
0%
mtb Anyin Morofo Côte d'Ivoire
0%
pni Aoheng Indonesia
0%
aou A'ou China
0%
apy Apalaí Brazil
0%
apt Apatani India
0%
apn Apinayé Brazil
0%
app Apma Vanuatu
0%
kbx Ap Ma Papua New Guinea
0%
ahp Apro Côte d'Ivoire
0%
apu Apurinã Brazil
0%
cpc Apurucayali Ashéninka Peru
0%
taf Apyãwa Brazil
0%
ard Arabana Australia
0%
arl Arabela Peru
0%
akr Araki Vanuatu
0%
aro Araona Bolivia
0%
aap Arára Brazil
0%
awt Araweté Brazil
0%
awm Arawum Papua New Guinea
0%
arv Arbore Ethiopia
0%
alu 'Are'Are Vanuatu
0%
aem Arem Laos
0%
agj Argobba Ethiopia
0%
agf Arguni Papua New Guinea
0%
arh Arhuaco Colombia
0%
ylu Aribwaung Papua New Guinea
0%
aai Arifama Papua New Guinea
0%
ark Arikapú Brazil
0%
ari Arikara United States
0%
apr Arop-Lokep Papua New Guinea
0%
aps Arop-Sissano Papua New Guinea
0%
aia Arosi Solomon Islands
0%
atq Arrale-Tabulahan Indonesia
0%
atz Arta Philippines
0%
msy Aruamɨn Akam Papua New Guinea
0%
arx Aruáshi Brazil
0%
aur Aruek Papua New Guinea
0%
lsr Aruop Papua New Guinea
0%
kyy Asa'a Papua New Guinea
0%
seo Asaba Papua New Guinea
0%
mtv Asarɨ'o Papua New Guinea
0%
cni Asháninka Peru
0%
atn Ashtiani Iran
0%
asl Asilulu Indonesia
0%
eiv Askopan Papua New Guinea
0%
ask Âṣkuňu Afghanistan
0%
sjg Assangori Chad
0%
psa Asue Awyu Indonesia
0%
aua Asumbuo Solomon Islands
0%
asr Asuri India
0%
aph Athpare Nepal
0%
atj Atikamekw Canada
0%
aqm Atohwaim Indonesia
0%
aot A'tong India
0%
ato Atong Cameroon
0%
toq Ŋatoposa South Sudan
0%
aox Atorada Brazil
0%
tdv Atoro Nigeria
0%
ngn Atsó Ngwo Cameroon
0%
pkr Attapady Kurumba India
0%
ati Attié Côte d'Ivoire
0%
ocu Atzingo Matlatzinca Mexico
0%
kud 'Auhelawa Papua New Guinea
0%
aul Aulua Vanuatu
0%
auh Aushi Zambia
0%
smf Auwe Papua New Guinea
0%
avb Avau Papua New Guinea
0%
tmb Avava Vanuatu
0%
dix Aveteian Vanuatu
0%
avi Avikam Côte d'Ivoire
0%
bcu Awad Bing Papua New Guinea
0%
agu Awakatek Guatemala
0%
aya Awar Papua New Guinea
0%
awx Awara Papua New Guinea
0%
awh Awbono Indonesia
0%
awr Awera Indonesia
0%
awe Awetí Brazil
0%
auy Awiyaana Papua New Guinea
0%
auj Awjilah Libya
0%
awn Awngi Ethiopia
0%
kmn Awtuw Papua New Guinea
0%
yiu Awu China
0%
aww Awun Papua New Guinea
0%
afu Awutu Ghana
0%
auw Awyi Indonesia
0%
vmy Ayautla Mazatec Mexico
0%
aye Ayere Nigeria
0%
axe Ayerrerenge Australia
0%
ayq Ayi Papua New Guinea
0%
yyz Ayizi China
0%
ayb Ayizo Gbe Benin
0%
sgb Ayta Mag-Antsi Philippines
0%
ayu Ayu Nigeria
0%
aza Azha China
0%
yiz Azhe China
0%
ttc B'a'aj Guatemala
0%
baa Babatana Solomon Islands
0%
bcr Babine-Witsuwit'en Canada
0%
bzg Babuza Taiwan
0%
bkq Bacairí Brazil
0%
bhz Bada Indonesia
0%
bfq Badaga India
0%
bdz Badeshi Pakistan
0%
khd Bädi Kanum Indonesia
0%
bia Badimaya Australia
0%
bac Baduy Indonesia
0%
pbp Badyara Senegal
0%
bvd Baeggu Solomon Islands
0%
bvc Baelelea Solomon Islands
0%
btr Baetora Vanuatu
0%
bwt Bafaw-Balong Cameroon
0%
bmi Bagirmi Chad
0%
bqg Bago-Kusuntu Togo
0%
bpi Bagupi Papua New Guinea
0%
bqb Bagusa Indonesia
0%
kva Bagvalal Russia
0%
myl Baha Moma-Kulawi Indonesia
0%
bhv Bahau Indonesia
0%
bjh Bahinemo Papua New Guinea
0%
bhj Bahing Nepal
0%
bsu Bahonsuai Indonesia
0%
bbf Baibai Papua New Guinea
0%
bkx Baikeno Indonesia
0%
bmx Baimak Papua New Guinea
0%
bqh Baimak China
0%
bsw Baiso Ethiopia
0%
ppe Baiyamo Papua New Guinea
0%
vjk Bajjika Nepal
0%
bqi Bakhtiari Iran
0%
bki Baki Vanuatu
0%
kme Bakole Cameroon
0%
bbs Bakpinka Nigeria
0%
bkr Bakumpai Indonesia
0%
bjw Bakwé Côte d'Ivoire
0%
bls Balaesang Indonesia
0%
zba Balaibalan Turkiye
0%
blw Balangao Philippines
0%
blz Balantak Indonesia
0%
bjx Balao Itneng Philippines
0%
bdn Baldemu Cameroon
0%
bqt Bamukumbit Cameroon
0%
bvm Bamunka Cameroon
0%
vrt Banam Bay Vanuatu
0%
byz Banaro Papua New Guinea
0%
bza Bandi Liberia
0%
bqj Bandial Senegal
0%
bbe Bangba Democratic Republic of the Congo
0%
bgz Banggai Indonesia
0%
dba Bangime Mali
0%
bnx Bangubangu Democratic Republic of the Congo
0%
bsj Bangwinji Nigeria
0%
bwh Baniwa Cameroon
0%
bwi Baniwa Venezuela
0%
abb Bankon Cameroon
0%
bcm Bannoni Papua New Guinea
0%
bap Bantawa Nepal
0%
bfx Bantayanon Philippines
0%
bnq Bantik Indonesia
0%
pnw Banyjima Australia
0%
bbb Barai Papua New Guinea
0%
baj Barakai Indonesia
0%
kys Baram Kayam Philippines
0%
bmz Baramu Papua New Guinea
0%
brp Barapasi Indonesia
0%
brs Baras Indonesia
0%
bsn Barasana Colombia
0%
boi Barbariño United States
0%
gry Barclayville Grebo Liberia
0%
bcj Bardi Australia
0%
bva Barein Chad
0%
buq Barem Papua New Guinea
0%
mlp Bargam Papua New Guinea
0%
bch Bariai Papua New Guinea
0%
jbk Barikewa Papua New Guinea
0%
bjb Barngala Australia
0%
bjk Barok Papua New Guinea
0%
tbn Barro Negro Tunebo Colombia
0%
bjz Baruga Papua New Guinea
0%
bwg Barwe Mozambique
0%
bzw Basa Nigeria
0%
bas Basaa Cameroon
0%
bdb Basap Indonesia
0%
bsg Bashkardi Iran
0%
bst Basketo Ethiopia
0%
bsi Bassossi Cameroon
0%
ifb Batad Ifugao Philippines
0%
btq Batek Malaysia
0%
btv Bateri Pakistan
0%
btc Bati Cameroon
0%
bvt Bati Indonesia
0%
xby Batjala Australia
0%
zbt Batui Indonesia
0%
bay Batuley Indonesia
0%
bbd Bau Papua New Guinea
0%
sne Bau Bidayuh Malaysia
0%
bpe Bauni Papua New Guinea
0%
brg Bauré Bolivia
0%
bge Bauria India
0%
bxa Bauro Solomon Islands
0%
bsf Baushi Nigeria
0%
bwk Bauwaki Papua New Guinea
0%
bvz Bauzi Indonesia
0%
bgr Bawm Bangladesh
0%
byl Bayano Indonesia
0%
bvy Baybayanon Philippines
0%
bda Bayot Senegal
0%
beo Beami Papua New Guinea
0%
beb Bebele Cameroon
0%
bxp Bebil Cameroon
0%
bv Bedjond Chad
0%
bed Bedoanas Indonesia
0%
bkf Beeke Democratic Republic of the Congo
0%
bxq Ɓeele Nigeria
0%
bnz Beezen Cameroon
0%
bqv Begbere-Ejar Nigeria
0%
ebc Beginci Indonesia
0%
bep Behoa Indonesia
0%
bkv Bekwarra Nigeria
0%
bkw Bekwel Republic of the Congo
0%
beg Belait Brunei
0%
bvi Belanda Viri South Sudan
0%
byw Belhare Nepal
0%
brw Bellari India
0%
glb Belning Nigeria
0%
bez Bena Tanzania
0%
bef Benabena Papua New Guinea
0%
yun Ɓə́ná-Yungur Nigeria
0%
bdp Bende Tanzania
0%
bct Bendi Democratic Republic of the Congo
0%
egm Benemanga Tanzania
0%
bgy Benggoi Indonesia
0%
bnu Bentong Indonesia
0%
bie Bepour Papua New Guinea
0%
brf Bera Democratic Republic of the Congo
0%
beh Berba Benin
0%
bkl Berik Indonesia
0%
bom Berom Nigeria
0%
bes Besme Chad
0%
bfe Betaf Indonesia
0%
bei Betaki' Indonesia
0%
bet Bété Côte d'Ivoire
0%
byf Bete Nigeria
0%
btt Bete-Bendi Nigeria
0%
bev Bété Daloa Côte d'Ivoire
0%
kap Bezhta Russia
0%
bhd Bhadarwahi India
0%
bha Bhariati India
0%
bht Bhateali India
0%
bgw Bhatri India
0%
bhe Bhaya India
0%
bhi Bhilali India
0%
nes Bhoti Kinnauri India
0%
byh Bhujel Nepal
0%
bif Biafada Guinea-Bissau
0%
bdf Biage Papua New Guinea
0%
bpv Bian Marind Papua New Guinea
0%
bmt Biao Mon China
0%
bth Biatah Malaysia
0%
biu Biate India
0%
yuq Biá Yë Bolivia
0%
sdo Bidayŭh Malaysia
0%
bid Bidiyo Chad
0%
bym Bidjara Australia
0%
bnk Bierebo Vanuatu
0%
brj Bieria Vanuatu
0%
bhc Biga Indonesia
0%
bjg Bijago Guinea-Bissau
0%
jbm Bijim Nigeria
0%
byb Bikya Cameroon
0%
bip Bila Democratic Republic of the Congo
0%
kfs Bilaspuri India
0%
bpz Bilba Indonesia
0%
brz Bil Bil Papua New Guinea
0%
bil Bile Nigeria
0%
byn Bilen Eritrea
0%
bms Bilma Kanuri Niger
0%
blb Bilua Solomon Islands
0%
bxf Bilur Papua New Guinea
0%
bxz Binahari Papua New Guinea
0%
bhg Binandere Papua New Guinea
0%
bon Bine Papua New Guinea
0%
gup Bininj Kunwok Australia
0%
bpj Binji Democratic Republic of the Congo
0%
itb Binongan Itneg Philippines
0%
bne Bintauna Indonesia
0%
bny Bintulu Malaysia
0%
smk Binubolinao Philippines
0%
bjr Binumarien Papua New Guinea
0%
biq Bipi Papua New Guinea
0%
bgv Bipim Indonesia
0%
brr Birao Solomon Islands
0%
btf Birgit Chad
0%
biy Birhor India
0%
bix Birjia India
0%
brl Birwa South Africa
0%
bnw Bisis Papua New Guinea
0%
bzi Bisu Thailand
0%
bit Bitara Papua New Guinea
0%
mcc Bitur Papua New Guinea
0%
bwm Biwat Papua New Guinea
0%
bpm Biyom Papua New Guinea
0%
bpr Blaan Philippines
0%
blp Blablanga Solomon Islands
0%
bfh Blafe Papua New Guinea
0%
beu Blagar Indonesia
0%
blr Blang China
0%
zbl Blissymbolics Australia
0%
bzl Boano Indonesia
0%
bzn Boano Indonesia
0%
bgb Bobongko Indonesia
0%
bty Bobot Indonesia
0%
bdv Bodo Parja India
0%
bff Bofi Gbaya Central African Republic
0%
bvw Boga Nigeria
0%
boq Bogaya Papua New Guinea
0%
bux Boghom Nigeria
0%
ilk Bogkalot Philippines
0%
bzf Boiken Papua New Guinea
0%
ybk Bokha China
0%
gbq Bokoto Central African Republic
0%
bdt Bokoto Gbaya Central African Republic
0%
bky Bokyi Nigeria
0%
bnp Bola Papua New Guinea
0%
bld Bolango Indonesia
0%
bvo Bolgo Chad
0%
blj Bolongan Indonesia
0%
ply Bolyu China
0%
boh Bome Democratic Republic of the Congo
0%
bmw Bomwali Republic of the Congo
0%
viv Bona Iduna Papua New Guinea
0%
peh Bonan China
0%
bfw Bonda India
0%
bou Bondei Tanzania
0%
kzc Bondoukou Kolango Côte d'Ivoire
0%
bna Bonerate Indonesia
0%
bnv Bonerif or Beneraf Papua New Guinea
0%
bdg Bonggi Malaysia
0%
bpg Bonggo Indonesia
0%
bpu Bongu Papua New Guinea
0%
bvg Bonkeng Cameroon
0%
bop Bonkiman Papua New Guinea
0%
bnb Bookan Malaysia
0%
bnl Boon Somalia
0%
bvf Boor Chad
0%
ksr Borong Papua New Guinea
0%
brn Boruca Costa Rica
0%
mae Bo-Rukul Nigeria
0%
bwf Boselewa Papua New Guinea
0%
bqs Bosmun Papua New Guinea
0%
mux Bo-Ung Papua New Guinea
0%
suo Bouni Papua New Guinea
0%
bov Bowili Ghana
0%
aof Bragat Papua New Guinea
0%
bra Braj India
0%
brb Brao Cambodia
0%
bzd Bribri Costa Rica
0%
bzt Brithenig New Zealand
0%
bro Brokkat Bhutan
0%
sgt Brokpake Bhutan
0%
bkk Brokskat India
0%
bub Bua Chad
0%
box Buamu Burkina Faso
0%
btp Budibud Papua New Guinea
0%
bdx Budong-Budong Indonesia
0%
bgt Bughotu Solomon Islands
0%
sab Buglere Panama
0%
bgg Bugun India
0%
bku Buhid Philippines
0%
bxh Buhutu Papua New Guinea
0%
bvk Bukat Indonesia
0%
buk Bukawa Papua New Guinea
0%
bhh Bukharian Uzbekistan
0%
bkd Bukid Philippines
0%
bkn Bukitan Indonesia
0%
ape Bukiyip Papua New Guinea
0%
ukp Bukpe Nigeria
0%
tkb Buksa India
0%
buz Bukwen Nigeria
0%
bmp Bulgebi Papua New Guinea
0%
byp Bumaji Nigeria
0%
bvp Bumang China
0%
aon Bumbita Papua New Guinea
0%
kjz Bumthangkha Bhutan
0%
bdd Bunada Papua New Guinea
0%
bfn Bunak Indonesia
0%
bqd Bung Cameroon
0%
but Bungain Papua New Guinea
0%
bkz Bungku Indonesia
0%
bck Bunuba Australia
0%
bnn Bunun Taiwan
0%
blf Buol Indonesia
0%
bys Burak Nigeria
0%
bkg Buraka Democratic Republic of the Congo
0%
bwr Bura-Pabir Nigeria
0%
bvr Burarra Australia
0%
bti Burate Indonesia
0%
bxn Burduna Australia
0%
bvh Bure Nigeria
0%
lnd Buri' Lun Bawang Malaysia
0%
bji Burji Ethiopia
0%
bzu Burmeso Indonesia
0%
bry Burui Papua New Guinea
0%
aip Burumakok Indonesia
0%
bds Burunge Tanzania
0%
bqr Burusu Indonesia
0%
asi Buruwai Indonesia
0%
bxs Busam Cameroon
0%
bsm Busami Indonesia
0%
buc Bushi France
0%
bso Buso Chad
0%
bup Busoa Indonesia
0%
dox Bussa Ethiopia
0%
bju Busuu Cameroon
0%
kyb Butbut Kalinga Philippines
0%
btw Butuanon Philippines
0%
bhs Buwal Cameroon
0%
bww Bwa Democratic Republic of the Congo
0%
bwd Bwaidoka Papua New Guinea
0%
tte Bwanabwana Papua New Guinea
0%
bwa Bwatoo France
0%
bwc Bwile Zambia
0%
bwz Bwisi Democratic Republic of the Congo
0%
bee Byangsi India
0%
mkk Byep Cameroon
0%
cjp Cabécar Costa Rica
0%
cbb Cabiyarí Colombia
0%
roc Cacgia Roglai Vietnam
0%
cbv Cacua Colombia
0%
cad Caddo United States
0%
ccd Cafundó Brazil
0%
chl Cahuilla United States
0%
tbk Calamian Tagbanwa Philippines
0%
clu Caluyanon Philippines
0%
cml Campalagian Indonesia
0%
kbh Camsá Colombia
0%
cbu Candoshi-Shapra Peru
0%
ram Canela Brazil
0%
pac Cang Pacóh Vietnam
0%
mlc Cao Lan Vietnam
0%
cov Cao Miao China
0%
cps Capiznon Philippines
0%
cot Caquinte Peru
0%
cby Carabayo Colombia
0%
cbc Carapana Colombia
0%
cbd Carijona Colombia
0%
dgc Casiguran Dumagat Agta Philippines
0%
asc Casuarina Coast Asmat Papua New Guinea
0%
cav Cavineña Bolivia
0%
cyb Cayubaba Bolivia
0%
nat Cehungwə̀ryə̀ Nigeria
0%
cam Cèmuhî France
0%
asy Central Asmat Papua New Guinea
0%
cns Central Asmat Papua New Guinea
0%
zbc Central Berawan Malaysia
0%
lbk Central Bontok Philippines
0%
agt Central Cagayan Agta Philippines
0%
dtp Central Dusun Malaysia
0%
grv Central Grebo Liberia
0%
ywt Central Lalo China
0%
mwo Central Maewo Vanuatu
0%
mxz Central Masela Indonesia
0%
mel Central Melanau Malaysia
0%
cmo Central Mnong Cambodia
0%
syb Central Subanen Philippines
0%
tgt Central Tagbanwa Philippines
0%
tar Central Tarahumara Mexico
0%
cme Cerma Burkina Faso
0%
cxh Cha'ari Nigeria
0%
cao Chácobo Bolivia
0%
cdy Chadong China
0%
ciy Chaima Venezuela
0%
clh Chakali Ghana
0%
jrt Chakato Nigeria
0%
ckm Chakavian Croatia
0%
ccp Chakma Bangladesh
0%
cko Chakosi Ghana
0%
tgf Chalikha Bhutan
0%
ceg Chamacoco Paraguay
0%
cji Chamalal Russia
0%
ccg Chamba Daka Nigeria
0%
cdh Chambeali India
0%
can Chambri Papua New Guinea
0%
rab Chamling Nepal
0%
cga Changriwa Papua New Guinea
0%
cna Changthang Skad India
0%
cbi Cha'palaa Ecuador
0%
cra Chara Ethiopia
0%
cly Chatino Mexico
0%
cdn Chaudangsi India
0%
crv Chaura India
0%
cbt Chayahuita Peru
0%
mrn Cheke Holo Solomon Islands
0%
cjn Chenapian Papua New Guinea
0%
cde Chenchu India
0%
cdm Chepang Nepal
0%
ycp Chepya Laos
0%
cwg Cheq Wong Malaysia
0%
cpn Cherepon Ghana
0%
ych Chesu China
0%
chx Chhantyal Nepal
0%
tpq Chhoyul Kinnauri India
0%
cip Chiapanec Mexico
0%
chb Chibcha Colombia
0%
trs Chicahuaxtla Triqui Mexico
0%
pei Chichimeco-Jonaz Mexico
0%
lai Chilambya Zambia
0%
cle Chilisso Pakistan
0%
lch Chiluchazi Angola
0%
lue Chiluvale Angola
0%
zoh Chimalapa Zoque Mexico
0%
mck Chimbúùnda Angola
0%
cbg Chimila Colombia
0%
mpa Chimpoto Tanzania
0%
cih Chinali India
0%
mwn Chinamwanga Zambia
0%
ndh Chindali Tanzania
0%
xnj Chingoni Tanzania
0%
nse Chinsemba Mozambique
0%
ctn Chintang Nepal
0%
cap Chipaya Bolivia
0%
maq Chiquihuitlán Mazatec Mexico
0%
cax Chiquitano Bolivia
0%
cdf Chiru India
0%
cik Chitkuli Kinnauri India
0%
tum Chitumbuka Malawi
0%
vid Chividunda Tanzania
0%
cgk Chocha Ngacha Bhutan
0%
coz Chocho Mexico
0%
cdi Chodri India
0%
ctu Ch'ol Mexico
0%
cht Cholón Peru
0%
cog Chong Thailand
0%
cda Choni China
0%
coh Chonyi Kenya
0%
tgd Choogen Nigeria
0%
caa Ch'orti' Guatemala
0%
mzp Chosineɬ di' Mowi Maj Bolivia
0%
piw ƗChɨpɨmbwe Tanzania
0%
crw Chrau Vietnam
0%
cjv Chuave Papua New Guinea
0%
cac Chuj Guatemala
0%
cuw Chukwa Nepal
0%
cur Chulung Nepal
0%
cdj Churahi India
0%
scb Chut Vietnam
0%
chw Chuwabo Mozambique
0%
cwb Chuwabo Mozambique
0%
wun Chɨwʉngʉ Tanzania
0%
cia Cia-Cia Indonesia
0%
ckl Cibak Nigeria
0%
cie Cineni Nigeria
0%
cin Cinta Larga Brazil
0%
vif Civili Republic of the Congo
0%
sei Cmiique Iitom Mexico
0%
kjc Coastal Konjo Indonesia
0%
cod Cocama Peru
0%
gum Coconuco Colombia
0%
coc Cocopah United States
0%
crd Coeur d'Alene United States
0%
jmx Coicoyán Mexico
0%
cfg Como Karim Nigeria
0%
coo Comox Canada
0%
ndz Có Ndógó South Sudan
0%
cnc Cốông Vietnam
0%
zoc Copainalá Zoque Mexico
0%
toc Coyutla Totonac Mexico
0%
mfn Cross River Mbembe Nigeria
0%
cua Cua Vietnam
0%
cbq Cuba Laru Nigeria
0%
cub Cubeo Colombia
0%
cui Cuiba Colombia
0%
cuo Cumaná Venezuela
0%
cuq Cun China
0%
kpc Curripaco Colombia
0%
cuv Cuvok Cameroon
0%
cyo Cuyonon Philippines
0%
kzf Da'a Kaili Indonesia
0%
lni Daantanai' Papua New Guinea
0%
dsh Daasanach Ethiopia
0%
dtn Daats'iin Ethiopia
0%
dbq Daba Cameroon
0%
dbr Dabarre Somalia
0%
dbe Dabe Indonesia
0%
mps Dadibi Papua New Guinea
0%
dbd Dadiya Nigeria
0%
dgd Dagaari Dioula Burkina Faso
0%
dec Dagik Sudan
0%
dlk Dahalik Eritrea
0%
dal Dahalo Kenya
0%
dhs Daiso Kenya
0%
djc Daju Mongo Chad
0%
bpa Dakaka Vanuatu
0%
crx Dakelh Canada
0%
ngk Dalabon Australia
0%
dmm Dama Cameroon
0%
dam Damakawa Nigeria
0%
uhn Damal Indonesia
0%
dac Dambi Papua New Guinea
0%
dml Dameli Pakistan
0%
dms Dampelas Indonesia
0%
dnr Danaru Papua New Guinea
0%
dnu Danau Myanmar
0%
daq Dandami Maria India
0%
kkz Danezāgé’ Canada
0%
daa Dangaléat Chad
0%
thl Dangaura Thanu Nepal
0%
aso Dano Papua New Guinea
0%
dnv Danu Myanmar
0%
dnd Daonda Papua New Guinea
0%
dry Darai Nepal
0%
xda Darkinyung Australia
0%
drd Darmiya India
0%
tuo Dasea Ye Colombia
0%
dot Dass Nigeria
0%
tcc Datooga Tanzania
0%
dgw Daungwurrung Australia
0%
daw Davaoeño Philippines
0%
dww Dawawa Papua New Guinea
0%
ddw Dawera-Daweloor Indonesia
0%
dmk Dawoodi Pakistan
0%
dwr Dawro Ethiopia
0%
dai Day Chad
0%
dax Dayi Australia
0%
dzg Dazaga Chad
0%
ded Dedua Papua New Guinea
0%
gbh Defi Gbe Benin
0%
afn Deflaka Nigeria
0%
deg Dẹgẹma Nigeria
0%
dge Degenan Papua New Guinea
0%
deh Dehwari Pakistan
0%
dek Dek Gbaya Cameroon
0%
uya Deko-Dusanga Nigeria
0%
dmx Dema Mozambique
0%
dei Demisa Indonesia
0%
dmy Demta Indonesia
0%
dnk Dengka Indonesia
0%
dny Deni Brazil
0%
dbb Deno Nigeria
0%
anv Denya Cameroon
0%
der Deori India
0%
kna Dera Nigeria
0%
des Desano Colombia
0%
dwz Dewas Rai Nepal
0%
def Dezfuli Iran
0%
dgh Dghweɗe Nigeria
0%
dhl Dhalandji Australia
0%
dyn Dhangatti Australia
0%
dhg Dhangu-Djangu Australia
0%
dhn Dhanki India
0%
dhw Dhanwar Nepal
0%
dhr Dhargari Australia
0%
mki Dhatki Pakistan
0%
dhi Dhimal Nepal
0%
lkr Dhi-Pari South Sudan
0%
dho Dhodia India
0%
dhx Dhungaloo Australia
0%
dwu Dhuwal Australia
0%
dwy Dhuwaya Australia
0%
mbd Dibabawon Manobo Philippines
0%
dby Dibiyaso Papua New Guinea
0%
dio Dibo Nigeria
0%
did Didinga South Sudan
0%
dig Diga Kenya
0%
mhu Digaro-Mishimi India
0%
dur Dii Cameroon
0%
mdx Diizin Ethiopia
0%
dil Dilling Sudan
0%
jma Dima Papua New Guinea
0%
dis Dimasa India
0%
dim Dime Ethiopia
0%
mrx Dineor Indonesia
0%
ddi Diodio Papua New Guinea
0%
gdl Dirasha Ethiopia
0%
dwa Diri Nigeria
0%
dir Dirim Nigeria
0%
dsi Disa Chad
0%
tbz Ditammari Benin
0%
dtd Ditidaht Canada
0%
diy Diuwe Indonesia
0%
zcd Dizda Xhidza Mexico
0%
dyy Djabugay Australia
0%
djr Djambarrpuyngu Australia
0%
ddj Djaru Australia
0%
jbt Djeoromitxi Brazil
0%
dji Djinang Australia
0%
djb Djinba Australia
0%
jig Djingili Australia
0%
kbv Dla Indonesia
0%
mbp Dʉmʉna Colombia
0%
kvo Dobel Indonesia
0%
dob Dobu Papua New Guinea
0%
tue Docapúaraye Colombia
0%
doe Doe Tanzania
0%
dgg Doga Papua New Guinea
0%
dgx Doghoro Papua New Guinea
0%
dbi Doka Nigeria
0%
dsk Dokshi Nigeria
0%
lgr Doku Solomon Islands
0%
mhf Doloman Papua New Guinea
0%
dre Dolpo China
0%
rmt Domari Turkiye
0%
jbj Dombano Indonesia
0%
dov Dombe Zimbabwe
0%
doy Dompo Ghana
0%
dev Domung Papua New Guinea
0%
dok Dondo Indonesia
0%
doo Dongo Democratic Republic of the Congo
0%
dgl Dongolawi Sudan
0%
ddd Dongotono South Sudan
0%
yik Dongshanba Lalo China
0%
dde Doondo Republic of the Congo
0%
wwo Dorig Vanuatu
0%
dor Dori'o Solomon Islands
0%
kqc Doromu-Koki Papua New Guinea
0%
doz Dorze Ethiopia
0%
dol Doso Papua New Guinea
0%
tds Doutai Indonesia
0%
dow Doyayo Cameroon
0%
hld Duan Laos
0%
dva Duau Papua New Guinea
0%
dub Dubli India
0%
ynl Dubuporo Papua New Guinea
0%
duk Duduela Papua New Guinea
0%
nke Dughore Solomon Islands
0%
ndu Dugun Cameroon
0%
dme Ɗugwor Cameroon
0%
kbz Duhwa Nigeria
0%
dbo Dulbu Nigeria
0%
duu Dulong China
0%
dma Duma Gabon
0%
dus Dumi Nepal
0%
vam Dumo Papua New Guinea
0%
dmv Dumpas Malaysia
0%
dui Dumun Papua New Guinea
0%
raa Dungmali Nepal
0%
duh Dungra India
0%
dbv Dungu Nigeria
0%
giw Duoluo China
0%
duo Dupaningan Agta Philippines
0%
mvp Duri Indonesia
0%
dbn Duriankari Indonesia
0%
krp Durop Cameroon
0%
dug Duruma Tanzania
0%
pci Duruwa India
0%
dun Dusun Deyah Indonesia
0%
duq Dusun Malang Indonesia
0%
duw Dusun Witu Indonesia
0%
dws Dutton Speedwords United Kingdom
0%
otr Duṯuɽ Sudan
0%
dae Duupa Cameroon
0%
duv Duvle Indonesia
0%
dbp Ɗuwai Nigeria
0%
gve Duwet Papua New Guinea
0%
nnu Dwang Ghana
0%
dya Dyan Burkina Faso
0%
dyr Dyarim Nigeria
0%
dbl Dyirbal Australia
0%
oca Dyo'xaiya-o-lvo'tsa Peru
0%
dzl Dzala Bhutan
0%
lbq Dzob Wampar Papua New Guinea
0%
omb East Ambae Vanuatu
0%
zbe East Berawan Malaysia
0%
dmr East Damar Indonesia
0%
acp Eastern Acipa Nigeria
0%
ebk Eastern Bontok Philippines
0%
otm Eastern Highland Otomí Mexico
0%
xrb Eastern Karaboro Burkina Faso
0%
ktv Eastern Katu Vietnam
0%
kee Eastern Keres United States
0%
cek Eastern Khumi Myanmar
0%
kqo Eastern Krahn Liberia
0%
yit Eastern Lalu China
0%
lwl Eastern Lawa Thailand
0%
emg Eastern Meohang Nepal
0%
emq Eastern Minyag China
0%
mng Eastern Mnong Vietnam
0%
emu Eastern Muria India
0%
nea Eastern Ngad'a Indonesia
0%
nos Eastern Nisu China
0%
pez Eastern Penan Malaysia
0%
sfe Eastern Sinubanen Philippines
0%
bnj Eastern Tabuid Philippines
0%
gbx Eastern Xwla Gbe Benin
0%
kjs East Kewapi Papua New Guinea
0%
mky East Makian Indonesia
0%
vme East Masela Indonesia
0%
tre East Tarangan Indonesia
0%
yuy East Yugur China
0%
eber Ebrié Côte d'Ivoire
0%
ebg Ebughu Nigeria
0%
zin Echiziinza Tanzania
0%
cbj Ede Cabe Benin
0%
idd Ede Idaca Benin
0%
ijj Ede Ije Benin
0%
mkl Ede-Mɔkɔle Benin
0%
awy Edera Indonesia
0%
etr Edolo Papua New Guinea
0%
dbf Edopi Indonesia
0%
efa Efai Nigeria
0%
efe Efe Democratic Republic of the Congo
0%
ofu Efutop Nigeria
0%
ega Ega Côte d'Ivoire
0%
ego Eggon Nigeria
0%
ehu Ehuẹun Nigeria
0%
ekg Ekari Indonesia
0%
eki Eki Nigeria
0%
eke Ekit Nigeria
0%
zak Ekizanaki Tanzania
0%
crt Eklenhui Argentina
0%
ekp Ekpeye Nigeria
0%
elm Eleme Nigeria
0%
ele Elepi Papua New Guinea
0%
elh El Hugeirat South Sudan
0%
ekm Elip Cameroon
0%
elk Elkei Papua New Guinea
0%
elo El Molo Kenya
0%
crn El Nayar Cora Mexico
0%
afo Eloyi Nigeria
0%
mrf Elseng Indonesia
0%
elu Elu Papua New Guinea
0%
mmw Emae Vanuatu
0%
emn Eman Cameroon
0%
emb Embaloh Indonesia
0%
mdw Embɔ́sí Republic of the Congo
0%
ebu Embu Kenya
0%
enr Emem Indonesia
0%
eme Emerillon France
0%
ter Emo'u Xâne Brazil
0%
emw Emplawas Indonesia
0%
pbh E'ñapa Woromaipu Venezuela
0%
unk Enawené-Nawé Brazil
0%
end Ende Indonesia
0%
enq Enga Papua New Guinea
0%
eno Enganno Indonesia
0%
ngr Engdewu Solomon Islands
0%
enn Engenni Nigeria
0%
ngz Engungwel Republic of the Congo
0%
enl Enlhet Paraguay
0%
maa 'Én-ná Mexico
0%
ptt Enrekang Indonesia
0%
enu Enu China
0%
env Enwan Nigeria
0%
enw Enwang Nigeria
0%
emx Enxet Paraguay
0%
gey Enya Democratic Republic of the Congo
0%
eot Eotile Côte d'Ivoire
0%
sja Epena Colombia
0%
epi Epie Nigeria
0%
aaf Eranadan India
0%
era Eravallan Nigeria
0%
erw Erokwanas Indonesia
0%
emx Erromintxela Spain
0%
ers Ersu China
0%
erh Ẹrụwa Nigeria
0%
sfw Esahie Ghana
0%
ish Esan Nigeria
0%
ese Ese Ejja Bolivia
0%
esh Eshtehardi Iran
0%
esy Eskayan Philippines
0%
sso Essono Papua New Guinea
0%
ots Estado de México Otomí Mexico
0%
tke eTakwani Mozambique
0%
etb Etebi Nigeria
0%
etx Eten Nigeria
0%
eit Etiep Papua New Guinea
0%
ich Etkywan Nigeria
0%
utr Etulo Nigeria
0%
gev Eviya Gabon
0%
nou Ewage-Notu Papua New Guinea
0%
eza Ezaa Nigeria
0%
sps Faa Saposa Papua New Guinea
0%
faf Fagani Solomon Islands
0%
uve Fagauvea France
0%
fif Faifi Saudi Arabia
0%
azt Faire Atta Philippines
0%
fai Faiwol Papua New Guinea
0%
tkp Fakatikopia Solomon Islands
0%
fah Fali Nigeria
0%
fli Fali Nigeria
0%
fam Fam Nigeria
0%
fnb Fanbyak Vanuatu
0%
fni Fania Chad
0%
aha Fanti Ghana
0%
fmu Far Western Muria India
0%
faa Fasu Papua New Guinea
0%
far Fataleka Solomon Islands
0%
ddg Fataluku Timor-Leste
0%
fau Fayu Indonesa
0%
pdn Fedan Indonesia
0%
agl Fembe Papua New Guinea
0%
fer Feroge South Sudan
0%
tlp Filomena Mata-Coahuitlán Totonac Mexico
0%
fag Finongan Papua New Guinea
0%
fip Fipa Tanzania
0%
fir Firan Nigeria
0%
fiw Fiwaga Papua New Guinea
0%
foi Foi Papua New Guinea
0%
ffi Foia Foia Papua New Guinea
0%
ppo Folopa Papua New Guinea
0%
fom Foma Democratic Republic of the Congo
0%
fod Foodo Benin
0%
frq Forak Papua New Guinea
0%
frd Fordata Indonesia
0%
tya Foʔu Po Papua New Guinea
0%
flr Fuliiru Democratic Republic of the Congo
0%
fun Fulniô Brazil
0%
ula Fungwa Nigeria
0%
fuy Fuyug Papua New Guinea
0%
fwa Fwâi France
0%
fie Fyer Nigeria
0%
gab Gabri Chad
0%
gdg Ga'dang Philippines
0%
gdk Gadang Chad
0%
gad Gaddang Philippines
0%
gbk Gaddi India
0%
gaj Gadsup Papua New Guinea
0%
btg Gagnoa Bété Côte d'Ivoire
0%
gbf Gaikundi Papua New Guinea
0%
gcn Gaina-Bareji Papua New Guinea
0%
gdh Gajirrawoong Australia
0%
glo Galambi Nigeria
0%
gbi Galela Indonesia
0%
gar Galeya Papua New Guinea
0%
gal Galoli Timor-Leste
0%
kgj Gamal Kham Nepal
0%
gbl Gamit India
0%
gak Gamkonora Indonesia
0%
gmv Gamo Ethiopia
0%
zuh Gamoze Papua New Guinea
0%
gne Ganang Nigeria
0%
gzn Gane Indonesia
0%
ggl Ganglau Papua New Guinea
0%
gnb Gangte India
0%
snn Gantëya Coca Colombia
0%
gao Gants Papua New Guinea
0%
gza Ganza Sudan
0%
gnz Ganzi Central African Republic
0%
pwg Gapapaiwa Papua New Guinea
0%
gbd Garadjari Australia
0%
grt Garo India
0%
gex Garre Kenya
0%
dmc Gavak Papua New Guinea
0%
gou Gavar Cameroon
0%
gvo Gavião of Jiparaná Brazil
0%
gwt Gawar-Bati Afghanistan
0%
kqp Gawra Chad
0%
gwc Gawri Pakistan
0%
gyl Gayil Ethiopia
0%
gzi Gazi Iran
0%
gby Gbagyi Nigeria
0%
gbv Gbanu Gbaya Central African Republic
0%
gbg Gbanziri Democratic Republic of the Congo
0%
gba Gbäyä Central African Republic
0%
gbp Gbaya-Bossangoa Central African Republic
0%
gmm Gbaya-Mbodomo Cameroon
0%
gyg Gbayi Democratic Republic of the Congo
0%
gbs Gbesi Gbe Benin
0%
ggb Gbii Liberia
0%
agb Gbo Nigeria
0%
gec Gboloo Grebo Liberia
0%
gei Gebe Indonesia
0%
goi Gebusi Papua New Guinea
0%
gdd Gedaged Papua New Guinea
0%
tbi Gəəməndən Sudan
0%
gyz Geji Nigeria
0%
ghk Geko Karen Myanmar
0%
nlg Gela Solomon Islands
0%
gaf Gende Papua New Guinea
0%
ygp Gepo China
0%
gew Gera Nigeria
0%
gef Gerai Indonesia
0%
moz Gergiko Chad
0%
gea Geruma Nigeria
0%
ges Geser-Gorom Indonesia
0%
gha Ghadamès Libya
0%
ghn Ghanongga Solomon Islands
0%
bmk Ghayavi Papua New Guinea
0%
gho Ghomara Morocco
0%
aaa Ghotou Nigeria
0%
ghl Ghulfan Sudan
0%
kks Giiwo Nigeria
0%
gix Gilma Democratic Republic of the Congo
0%
mdp Gimbala Democratic Republic of the Congo
0%
gim Gimi Papua New Guinea
0%
gip Gimi Papua New Guinea
0%
kmp Gimme Cameroon
0%
gmn Gimnime Cameroon
0%
gnm Ginuman Papua New Guinea
0%
pem Giphende Democratic Republic of the Congo
0%
bbr Girawa Papua New Guinea
0%
gii Girirra Ethiopia
0%
soz Gitemi Tanzania
0%
gih Githabul Australia
0%
ggt Gitua Papua New Guinea
0%
git Gitxsan Canada
0%
giz Giziga Cameroon
0%
tof Gizrra Papua New Guinea
0%
glr Glaro-Twabo Liberia
0%
glw Glavada Nigeria
0%
kwo Glefe Papua New Guinea
0%
oub Glio-Oubi Côte d'Ivoire
0%
gnu Gnau Papua New Guinea
0%
gig Goaria Pakistan
0%
gox Gobu Democratic Republic of the Congo
0%
god Godié Côte d'Ivoire
0%
gdx Godwari India
0%
ank Goemai Nigeria
0%
gof Gofa Ethiopia
0%
ggw Gogodala Papua New Guinea
0%
gkn Gokana Nigeria
0%
lja Golpa Australia
0%
goo Gone Dau Fiji
0%
goe Gongduk Bhutan
0%
gov Goo Côte d'Ivoire
0%
gni Gooniyandi Australia
0%
goc Gorakor Papua New Guinea
0%
goq Gorap Indonesia
0%
grq Gorovu Papua New Guinea
0%
gow Gorowa Tanzania
0%
goj Gowlan India
0%
gok Gowli India
0%
gwf Gowro Pakistan
0%
goz Gozarkhani Iran
0%
nli Grangali Afghanistan
0%
grb Grebo Liberia
0%
giq Green Gelao Vietnam
0%
grs Gresi Indonesia
0%
gro Groma China
0%
gaq Gta' India
0%
guh Guahibo Colombia
0%
gub Guajajara Brazil
0%
gqn Guana Brazil
0%
gvc Guanano Colombia
0%
gyr Guarayu Bolivia
0%
gta Guató Brazil
0%
guo Guayabero Colombia
0%
gbw Gubbi Gubbi Australia
0%
gde Gude Nigeria
0%
gdu Gudu Nigeria
0%
gie Guébie Côte d'Ivoire
0%
amu Guerrero Amuzgo Mexico
0%
ghs Guhu-Samane Papua New Guinea
0%
gqi Guiqiong China
0%
gmb Gula'alaa Solomon Islands
0%
glj Gula Iro Chad
0%
gvl Gulay Chad
0%
gmu Gumalu Papua New Guinea
0%
gnn Gumatj Australia
0%
gvs Gumawana Papua New Guinea
0%
gdi Gundi Central African Republic
0%
gpa Gupa-Abawa Nigeria
0%
guf Gupapuyngu Australia
0%
gdj Gurdjar Australia
0%
ggg Gurgula Pakistan
0%
gue Gurindji Australia
0%
gvm Gurmana Nigeria
0%
goa Guro Côte d'Ivoire
0%
gge Gurr-Goni Australia
0%
grd Guruntum-Mbaaru Nigeria
0%
guz Gusii Kenya
0%
gsl Gusilay Senegal
0%
gbj Gutob India
0%
gvn Guugu Yalandji Australia
0%
kky Guugu Yimidhirr Australia
0%
ngs Gvoko Nigeria
0%
pbi Gwaɗi Parəkwa Cameroon
0%
dah Gwahatike Papua New Guinea
0%
gwn Gwandara Nigeria
0%
grw Gweda Papua New Guinea
0%
gwe Gweno Tanzania
0%
gwr Gwere Uganda
0%
yay Gwune Nigeria
0%
gyo Gyalsumdo Nepal
0%
gye Gyem Nigeria
0%
pcc Haausqyaix China
0%
hbu Habu Timor-Leste
0%
aek Haeke France
0%
hah Hahon Papua New Guinea
0%
hgw Haigwai Papua New Guinea
0%
has Haisla Canada
0%
haj Hajong India
0%
hal Halang Vietnam
0%
bhu Halbi India
0%
hlb Halbi India
0%
hla Halia Papua New Guinea
0%
hur Halkomelem Canada
0%
hmu Hamap Indonesia
0%
hba Hamba Democratic Republic of the Congo
0%
amf Hamer Ethiopia
0%
hmt Hamtai Papua New Guinea
0%
wos Hanga Hundi Papua New Guinea
0%
han Hangaza Tanzania
0%
hni Hani China
0%
hnn Hanunoo Philippines
0%
hro Haroi Vietnam
0%
tmd Haruai Papua New Guinea
0%
hrk Haruku Indonesia
0%
hrz Harzani Iran
0%
ybj Hasha Nigeria
0%
had Hatam Indonesia
0%
nnd Havakinau Vanuatu
0%
hvk Haveke France
0%
hav Havu Democratic Republic of the Congo
0%
hvn Hawu Indonesia
0%
xed Hdi Nigeria
0%
heh Hehe Tanzania
0%
hei Heiltsuk-Oowekyala Canada
0%
heg Helong Indonesia
0%
nix Hema Democratic Republic of the Congo
0%
hem Hemba Democratic Republic of the Congo
0%
mmi Hember Avu Papua New Guinea
0%
hrt Hértevin Turkiye
0%
ham Hewa Papua New Guinea
0%
auk Heyo Papua New Guinea
0%
hid Hidatsa United States
0%
mba Higaunon Philippines
0%
kjk Highland Konjo Indonesia
0%
chd Highland Oaxaca Chontal Mexico
0%
tos Highland Totonac Mexico
0%
hij Hijuk Cameroon
0%
xbr Hilu Humba Indonesia
0%
hir Himarimã Brazil
0%
hii Hinduri India
0%
htu Hitu Indonesia
0%
hiw Hiw Vanuatu
0%
hix Hixkaryána Brazil
0%
yhl Hlepho Phowa China
0%
hle Hlersu China
0%
hmr Hmar India
0%
mrk Hmwaveke France
0%
hoa Hoava Solomon Islands
0%
hoh Hobyót Yemen
0%
hoy Holiya India
0%
hoo Holoholo Democratic Republic of the Congo
0%
hol Holu Angola
0%
how Honi China
0%
ero Horpa China
0%
hov Hovongan Indonesia
0%
hoz Hozo Ethiopia
0%
hra Hrangkhol India
0%
hre Hre Vietnam
0%
hru Hruso India
0%
hug Huachipaeri Harákmbut Peru
0%
clo Huamelultec Mexico
0%
hud Huaulu Indonesia
0%
mau Huautla Mazatec Mexico
0%
hbb Huba Nigeria
0%
hch Huichol Mexico
0%
huh Huilliche Chile
0%
hui Huli Papua New Guinea
0%
huf Humeme Papua New Guinea
0%
hut Humla China
0%
bcs Humono Nigeria
0%
hke Hunde Democratic Republic of the Congo
0%
hum Hungana Democratic Republic of the Congo
0%
hng Hungu Angola
0%
hkk Hunjara Papua New Guinea
0%
jup Hup Colombia
0%
hup Hupa United States
0%
hap Hupla Indonesia
0%
lpx Hutuk na Lopit South Sudan
0%
hwo Hwana Nigeria
0%
scp Hyolmo Brazil
0%
iai Iaai France
0%
yml Iamalele Papua New Guinea
0%
ian Iatmul Papua New Guinea
0%
tek Ibali Teke Democratic Republic of the Congo
0%
ibl Ibaloi Philippines
0%
iby Ibani Nigeria
0%
ivb Ibatan Philippines
0%
ibn Ibino Nigeria
0%
ibu Ibu Indonesia
0%
ibr Ibuoro Nigeria
0%
mgr Ichimambwe Zambia
0%
dbj Ida'an Malaysia
0%
idt Idaté Timor-Leste
0%
ide Idere Nigeria
0%
ids Ides Nigeria
0%
idi Idi Papua New Guinea
0%
mft Idio Papua New Guinea
0%
clj Idu Mishmi India
0%
ife Ifè Benin
0%
igg Igana Papua New Guinea
0%
ige Igede Nigeria
0%
ign Ignaciano Bolivia
0%
nar Iguta Nigeria
0%
igw Igwe Nigeria
0%
ihp Iha Indonesia
0%
ihi Ihievbe Nigeria
0%
ikk Ika Nigeria
0%
shj Ikä Caning Sudan
0%
ikh Ikhin-Aoko Nigeria
0%
ikz Ikiikiizu Tanzania
0%
iki Iko Nigeria
0%
meb Ikobi Papua New Guinea
0%
kzn Ikokola Mozambique
0%
lgq Ikpana Ghana
0%
txi Ikpeng Brazil
0%
ikp Ikpeshi Nigeria
0%
kpo Ikposo Togo
0%
ikl Ikulu Nigeria
0%
ikw Ikwere Nigeria
0%
iqw Ikwo Nigeria
0%
ila Ile Ape Indonesia
0%
mbi Ilianen Manobo Philippines
0%
ilu Ili'uun Indonesia
0%
ilv Ilue Nigeria
0%
imo Imbongu Papua New Guinea
0%
imn Imonda Papua New Guinea
0%
imt Imotong South Sudan
0%
imr Imroing Indonesia
0%
dul Inagta Alabat Philippines
0%
agz Inagta Rinconada Philippines
0%
mzu Inapang Papua New Guinea
0%
inp Iñapari Peru
0%
idr Indri South Sudan
0%
mvy Indus Kohistani Pakistan
0%
oin Inebu One Papua New Guinea
0%
inb Inga Colombia
0%
jat Inku Afghanistan
0%
iti Inlaud Itneg Philippines
0%
ino Inoke-Yate Papua New Guinea
0%
loc Inonhan Philippines
0%
ior Inor Ethiopia
0%
igs Interglossa South Africa
0%
isv Interslavic Russia
0%
int Intha Myanmar
0%
azm Ipalapa Amuzgo Mexico
0%
ipo Ipiko Papua New Guinea
0%
ipi Ipili Papua New Guinea
0%
iqu Iquitu Peru
0%
irn Irántxe Brazil
0%
ilm Iranun Malaysia
0%
ilp Iranun Philippines
0%
irh Irarutu Indonesia
0%
iry Iraya Philippines
0%
sil Isaalɩŋ Ghana
0%
isa Isabi Papua New Guinea
0%
ksi I'saka Papua New Guinea
0%
isn Isanzu Tanzania
0%
isc Isconahua Peru
0%
igo Isebe Papua New Guinea
0%
its Isekiri Nigeria
0%
nih Ishinyiha Tanzania
0%
isk Ishkashimi Afghanistan
0%
inn Isinay Philippines
0%
srl Isirawa Rarara Indonesia
0%
brq Iski Papua New Guinea
0%
isd Isnag Philippines
0%
szv Isubu Cameroon
0%
uta Itang Nigeria
0%
yer iTárók Nigeria
0%
itv Itawit Philippines
0%
ite Itene Bolivia
0%
itx Itik Indonesia
0%
itw Ito Nigeria
0%
itm Itu Mbon Uzo Nigeria
0%
itz Itza' Guatemala
0%
ium Iu Mien China
0%
ibd Iwaidja Australia
0%
iwk I-wak Philippines
0%
kbm Iwal Papua New Guinea
0%
iwm Iwam Papua New Guinea
0%
mzi Ixcatlán Maxatec Mexico
0%
ixl Ixil Guatemala
0%
otz Ixtenco Otomí Mexico
0%
yns Iyansi Democratic Republic of the Congo
0%
yko Iyasa Cameroon
0%
iya Iyayu Nigeria
0%
uiv Iyive Cameroon
0%
nca Iyo Papua New Guinea
0%
crq Iyo'wujwa Chorote Argentina
0%
izr Izere Nigeria
0%
izz Izii Nigeria
0%
tui Jäāk Tüpürï Cameroon
0%
lab Jach-t'aan Mexico
0%
jdg Jaḍgālī Pakistan
0%
jah Jah Hut Malaysia
0%
jac Jakalteko Guatemala
0%
jal Jalahatan Indonesia
0%
maj Jalapa de Díaz Mazatec Mexico
0%
bxl Jalkunan Côte d'Ivoire
0%
yal Jalunga Xuwiina' Guinea
0%
jaa Jamamadí Brazil
0%
djd Jaminjung Australia
0%
jnd Jandavra Pakistan
0%
djo Jangkang Indonesia
0%
jna Jangshung India
0%
jni Janji Nigeria
0%
jru Japrería Venezuela
0%
jns Jaunsari India
0%
anq Jäwara India
0%
bau Jawara Nigeria
0%
jaz Jawe France
0%
djn Jawoyn Australia
0%
jeb Jebero Peru
0%
jeh Jeh Vietnam
0%
jhi Jehai Malaysia
0%
tow Jemez United States
0%
xuj Jennu Kurumba India
0%
jer Jere Nigeria
0%
jee Jerung Nepal
0%
jib Jibu Nigeria
0%
jii Jiiddu Somalia
0%
jie Jilbe Nigeria
0%
jil Jilim Papua New Guinea
0%
jio Jimao China
0%
jmi Jimi Nigeria
0%
jia Jina Cameroon
0%
pnu Jiongnai Bunu China
0%
jul Jirel Nepal
0%
jrr Jiru Nigeria
0%
jit Jita Tanzania
0%
maz Jñatjo Mexico
0%
yau Jodï Venezuela
0%
jbr Jofotek-Bromnya Indonesia
0%
jog Jogi Pakistan
0%
jeu Jonkor Bourmataguil Chad
0%
jun Juang India
0%
jua Júma Brazil
0%
jum Jumjum Sudan
0%
jml Jumli Nepal
0%
inj Jungle Inga Colombia
0%
mzk Ju Nɔri Nigeria
0%
juy Juray India
0%
jur Jurúna Brazil
0%
mwb Juwar Papua New Guinea
0%
jwi Jwira-Pepesa Ghana
0%
kye Kaakye Ghana
0%
dii Kaalong Cameroon
0%
xku Kaamba Republic of the Congo
0%
urb Kaapor Brazil
0%
xkp Kabatei Iran
0%
klz Kabola Indonesia
0%
uka Kaburi Indonesia
0%
kbu Kabutra Pakistan
0%
cwa Kabwa Tanzania
0%
kcw Kabwari Democratic Republic of the Congo
0%
kcx Kachama-Ganjule Ethiopia
0%
xac Kachari India
0%
gjk Kachi Koli Pakistan
0%
xkk Kachok Cambodia
0%
kej Kadar India
0%
kdu Kadaru Sudan
0%
kbc Kadiwéu Brazil
0%
dkg Kadung Nigeria
0%
ktp Kaduo China
0%
jka Kaera Indonesia
0%
kbr Kafa Ethiopia
0%
kpu Kafoa Indonesia
0%
kll Kagan Kalagan Philippines
0%
cgc Kagayanen Philippines
0%
mta Kagi Cotabato Menubù Philippines
0%
xkg Kagoro Mali
0%
kki Kagulu Tanzania
0%
pah Kagwahiva Brazil
0%
hka Kahe Tanzania
0%
agw Kahua Solomon Islands
0%
kzb Kaibobo Indonesia
0%
kzp Kaidipang Indonesia
0%
kbw Kaiep Papua New Guinea
0%
kep Kaikadi India
0%
kzq Kaike Nepal
0%
kkq Kaiku Democratic Republic of the Congo
0%
lew Kaili-Ledo Indonesia
0%
zka Kaimbulawa Indonesia
0%
kgp Kaingang Brazil
0%
ckr Kairak Papua New Guinea
0%
kxa Kairiru Papua New Guinea
0%
krd Kairui-Midiki Timor-Leste
0%
kzm Kais Indonesia
0%
kce Kaivi Nigeria
0%
kgk Kaiwá Brazil
0%
tcq Kaiy Indonesia
0%
ckq Kajakse Chad
0%
xkj Kajali Iran
0%
kag Kajaman Malaysia
0%
eka Kajuk Nigeria
0%
kqf Kakabai Papua New Guinea
0%
kke Kakabe Guinea
0%
ssg Kakai Seimat Papua New Guinea
0%
kka Kakanda Nigeria
0%
tbd Kaki Ae Papua New Guinea
0%
kkj Kako Cameroon
0%
keo Kakwa Uganda
0%
kve Kalabakan Murut Malaysia
0%
kzz Kalabra Indonesia
0%
kqe Kalagan Philippines
0%
kkf Kalaktang Monpa India
0%
mwp Kala Lagaw Ya Australia
0%
wkl Kalanadi India
0%
kck Kalanga Botswana
0%
kly Kalao Indonesia
0%
xka Kalkoti Pakistan
0%
caw Kallawaya Bolivia
0%
ywa Kalou Papua New Guinea
0%
bco Kaluli Papua New Guinea
0%
kli Kalumpang Indonesia
0%
woi Kamang Indonesia
0%
kbq Kamano Papua New Guinea
0%
kci Kamantan Nigeria
0%
kgx Kamaru Indonesia
0%
klp Kamasa Papua New Guinea
0%
kms Kamasau Papua New Guinea
0%
kyk Kamayo Philippines
0%
kay Kamayurá Brazil
0%
ktb Kambaatissata Ethiopia
0%
irx Kamberau Indonesia
0%
kcu Kami Tanzania
0%
kmi Kami Nigeria
0%
kgq Kamoro Indonesia
0%
xla Kamula Papua New Guinea
0%
hig Kamwe Nigeria
0%
xnb Kanakanabu Taiwan
0%
kav Kanamarí Brazil
0%
knm Kanamarí Brazil
0%
zkn Kanan Myanmar
0%
xns Kanashi India
0%
soq Kanasi Papua New Guinea
0%
kqw Kandas Papua New Guinea
0%
gam Kandawo Papua New Guinea
0%
kbs Kande Gabon
0%
kkv Kangean Indonesia
0%
igm Kanggape Papua New Guinea
0%
kxs Kangjia China
0%
kty Kango Democratic Republic of the Congo
0%
kzy Kango Democratic Republic of the Congo
0%
kev Kanikkaran India
0%
kzo Kaningi Gabon
0%
knr Kaningra Papua New Guinea
0%
wat Kaninuwa Papua New Guinea
0%
kmu Kanite Papua New Guinea
0%
pep Kanja Papua New Guinea
0%
kft Kanjari India
0%
kne Kankanaey Philippines
0%
bjj Kannauji India
0%
kxn Kanowit-Tanjong Melanau Malaysia
0%
kni Kanufi Nigeria
0%
kny Kanyok Democratic Republic of the Congo
0%
usi Kaobrung Bangladesh
0%
khp Kapauri Indonesia
0%
kpg Kapingamarangi Micronesia
0%
ake Kapóng Guyana
0%
dju Kapriman Papua New Guinea
0%
kbi Kaptiau Indonesia
0%
klo Kapya Nigeria
0%
kim Karagas Russia
0%
kai Karai-Karai Nigeria
0%
kyj Karao Philippines
0%
kgv Karas Indonesia
0%
kpt Karata Russia
0%
wrk Karawa Australia
0%
xrw Karawa Papua New Guinea
0%
tzx Karawari Papua New Guinea
0%
kgn Karingani Iran
0%
kuq Karipuna Brazil
0%
ktn Karitiâna Brazil
0%
kil Kariya Nigeria
0%
yuj Karkar-Yuri Papua New Guinea
0%
kko Karko Sudan
0%
bbv Karnai Papua New Guinea
0%
kyh Karok United States
0%
xkx Karore Papua New Guinea
0%
ccj Kasanga Guinea-Bissau
0%
kju Kashaya United States
0%
cbs Kashinawa Peru
0%
ksn Kasiguranin Philippines
0%
gva Kaskihá Paraguay
0%
xsm Kasɩm Burkina Faso
0%
khs Kasua Papua New Guinea
0%
xat Katawixi Brazil
0%
ykt Kathu China
0%
kfu Katkari India
0%
kaf Katso China
0%
kta Katua Vietnam
0%
txt Kau Atakum Indonesia
0%
ria Kau Bru India
0%
pss Kaulong Papua New Guinea
0%
bpp Kaure Indonesia
0%
xau Kauwera Indonesia
0%
ckv Kavalan Taiwan
0%
krv Kavet Cambodia
0%
kcb Kawacha Papua New Guinea
0%
adw Kawahíva Brazil
0%
xaw Kawaiisu United States
0%
kyz Kawaiwete Brazil
0%
kgb Kawe Indonesia
0%
alc Kawésqar Chile
0%
kxf Kawyaw Myanmar
0%
ktx Kaxararí Brazil
0%
kbb Kaxuiâna Brazil
0%
kyt Kayagar Indonesia
0%
bfg Kayan Indonesia
0%
kct Kayan Papua New Guinea
0%
pdu Kayăn Myanmar
0%
xay Kayan Mahakam Indonesia
0%
xkn Kayan River Kayan Indonesia
0%
kak Kayapa Kalanguya Philippines
0%
gyd Kayardild Australia
0%
kzl Kayeli Indonesia
0%
kxy Kayong Vietnam
0%
gbb Kaytete Australia
0%
kzu Kayupulau Indonesia
0%
khz Keapara Papua New Guinea
0%
ndp Kebu Democratic Republic of the Congo
0%
ksx Kedang Indonesia
0%
khh Kehu Indonesia
0%
kdy Keijar Indonesia
0%
bmh Kein Papua New Guinea
0%
keu Kekpǝǝ-kǝ Togo
0%
kel Kela Democratic Republic of the Congo
0%
kzi Kelabit Malaysia
0%
ify Keley-i Kallahan Philippines
0%
bzp Kemberano Indonesia
0%
xkw Kembra Indonesia
0%
kfj Kemiehua China
0%
kmt Kemtuik Indonesia
0%
gat Kenati Papua New Guinea
0%
knx Kendayan Indonesia
0%
kvm Kendem Cameroon
0%
kyq Kenga Chad
0%
ngq Kengoreme Tanzania
0%
kxi Keningau Murut Malaysia
0%
knl Keninjal Indonesia
0%
kns Kensiu Malaysia
0%
ken Kenyang Cameroon
0%
lke Kenye Uganda
0%
xxk Ke'o Indonesia
0%
xeu Keoru-Ahia Papua New Guinea
0%
kuk Kepo' Indonesia
0%
hhr Kerak Senegal
0%
xke Kereho Indonesia
0%
ked Kerewe Tanzania
0%
kxz Kerewo Papua New Guinea
0%
kcv Kete Democratic Republic of the Congo
0%
xte Ketengban Indonesia
0%
ktt Ketum Indonesia
0%
kyv Kewat Nepal
0%
kyg Keyagana Papua New Guinea
0%
hkh Khah India
0%
klj Khalaj Iran
0%
klr Khaling Nepal
0%
kbg Khamba India
0%
kht Khamti Myanmar
0%
ksu Khamyang India
0%
ogo Khana Nigeria
0%
khn Khandesi India
0%
kjm Kháng Vietnam
0%
xao Khao Vietnam
0%
ksy Kharia Thar India
0%
khr Khariya India
0%
xdq Khaytag Russia
0%
tlx Khehek Papua New Guinea
0%
xkf Khengkha Bhutan
0%
xhe Khetrani Pakistan
0%
kjj Khinalug Azerbaijan
0%
pbr Khipangwa Tanzania
0%
kwx Khirwar India
0%
kqm Khisa Côte d'Ivoire
0%
ykl Khlula China
0%
xkc Kho'ini Iran
0%
ktc Kholok Nigeria
0%
khw Khowar Pakistan
0%
jiq Khroskyabs China
0%
xhv Khua Vietnam
0%
khf Khuen Laos
0%
kkh Khün Myanmar
0%
kfm Khunsari Iran
0%
khv Khvarshi Russia
0%
frt Kiai Vanuatu
0%
awv Kia River Awyu Indonesia
0%
kie Kibet Chad
0%
prm Kibiri Papua New Guinea
0%
cgg Kiga Uganda
0%
nyf Kigiryama Kenya
0%
kqn Kiikaonde Zambia
0%
thk Kîîtharaka Kenya
0%
gia Kija Australia
0%
kzg Kikai Japan
0%
kij Kilivila Papua New Guinea
0%
klb Kiliwa Mexico
0%
kih Kilmeri Papua New Guinea
0%
kig Kimaghima Indonesia
0%
kqr Kimaragang Malaysia
0%
mer Kimîîru Kenya
0%
sbt Kimki Indonesia
0%
mji Kim Mun China
0%
wmw Kimwani Mozambique
0%
cbw Kinabalian Philippines
0%
kco Kinalakna Papua New Guinea
0%
mkx Kinamiging Manobo Philippines
0%
nnb Kinande Democratic Republic of the Congo
0%
krj Kinaray-a Philippines
0%
nim Kĩnilyamba Tanzania
0%
kfk Kinnauri India
0%
knq Kintaq Malaysia
0%
kkd Kinuku Nigeria
0%
nym Kinyamwezi Tanzania
0%
rim Kinyaturu Tanzania
0%
nyg Kinyindi Democratic Republic of the Congo
0%
ues Kioko Indonesia
0%
xko Kiorr Laos
0%
pkb Kipfokomu Kenya
0%
kyi Kiput Malaysia
0%
kkr Kir-Balar Nigeria
0%
geb Kire Papua New Guinea
0%
okr Kịrịkẹ Nigeria
0%
kiy Kirikiri Indonesia
0%
fkk Kirya-Konzəl Nigeria
0%
tga Kisagalla Kenya
0%
xis Kisan India
0%
kqh Kisankasa Tanzania
0%
kje Kisar Indonesia
0%
szg Kisengele Democratic Republic of the Congo
0%
gru Kistane Ethiopia
0%
tvs Kitubheta Kenya
0%
wei Kiunum Papua New Guinea
0%
job Kiviila Democratic Republic of the Congo
0%
vun Kivunjo Tanzania
0%
mlk Kiwilwana Kenya
0%
yom Kiyombe Democratic Republic of the Congo
0%
izm Kizamani Nigeria
0%
zaj Kizaramo Tanzania
0%
zga Kɨkɨnga Tanzania
0%
klu Klao Liberia
0%
bgi Klata Philippines
0%
kyo Klon Indonesia
0%
kjg Kmhmu' Laos
0%
czk Knaanic Czechia
0%
nyy Kɨnyakyʉsa Malawi
0%
cku Koasati United States
0%
kpd Koba Indonesia
0%
kcj Kobiana Guinea-Bissau
0%
okc Kobo Democratic Republic of the Congo
0%
kpw Kobon Papua New Guinea
0%
urg Kobuka Papua New Guinea
0%
kdq Koch India
0%
ksz Kodaku India
0%
vko Kodeoha Indonesia
0%
kod Kodi Indonesia
0%
kwp Kodia Côte d'Ivoire
0%
kcs Koenoem Nigeria
0%
kso Kofa Nigeria
0%
kpi Kofei Indonesia
0%
kwl Kofyar Nigeria
0%
kog Kogi Colombia
0%
bkh Kogo Cameroon
0%
kkx Kohin Indonesia
0%
kpm Koho Vietnam
0%
kbk Koiari Papua New Guinea
0%
nkd Koireng India
0%
kqi Koita Papua New Guinea
0%
kxt Koiwat Papua New Guinea
0%
ktd Kokata Australia
0%
kou Koke Chad
0%
kkp Koko-Bera Australia
0%
xod Kokoda Indonesia
0%
kkk Kokota Solomon Islands
0%
biw Kol Cameroon
0%
ekl Kol Bangladesh
0%
kol Kol Papua New Guinea
0%
kvv Kola Indonesia
0%
klc Kolbila Cameroon
0%
skn Kolibugan Sulabanon Philippines
0%
klx Koluwawa Papua New Guinea
0%
kmy Koma Cameroon
0%
kpf Komba Papua New Guinea
0%
tyn Kombai Indonesia
0%
nui Kombe Equatorial Guinea
0%
xoi Kominimung Papua New Guinea
0%
kvh Komodo Indonesia
0%
kvp Kompane Indonesia
0%
xvi Komviri Pakistan
0%
kzv Komyandaret Indonesia
0%
kxw Konai Papua New Guinea
0%
knd Konda Indonesia
0%
kfc Konda-Dora India
0%
gau Kondekor India
0%
kdw Koneraw Indonesia
0%
kkn Kon Keu China
0%
klk Kono Nigeria
0%
kno Kono Sierra Leone
0%
knu Kono Guinea
0%
koa Konomala Papua New Guinea
0%
kcz Konongo Tanzania
0%
ozm Koonzime Cameroon
0%
kqy Koorete Ethiopia
0%
xop Kopar Papua New Guinea
0%
opk Kopkaka Indonesia
0%
kpr Korafe-Yegha Papua New Guinea
0%
coe Korebaju Colombia
0%
okh Koresh-e Rostam Iran
0%
kfq Korku India
0%
kfz Koromfé Burkina Faso
0%
kqj Koromira Papua New Guinea
0%
xes Koromu Papua New Guinea
0%
xkq Koroni Indonesia
0%
vkn Koro Nulu Nigeria
0%
ktl Koroshi Iran
0%
ahs Koro Wachi Nigeria
0%
khe Korowai Indonesia
0%
vkz Koro Zuba Nigeria
0%
kfd Korra Koraga India
0%
xor Korubo Brazil
0%
kpq Korupun-Sela Indonesia
0%
kfp Korwa India
0%
kiq Kosare Indonesia
0%
kkl Kosarek Yale Indonesia
0%
kze Kóséna Papua New Guinea
0%
kqk Kotafon Gbe Benin
0%
grm Kota Marudu Talantang Malaysia
0%
eko Koti Mozambique
0%
snz Kou Papua New Guinea
0%
kyf Kouya Côte d'Ivoire
0%
kqb Kovai Papua New Guinea
0%
kvc Kove Papua New Guinea
0%
kgu Kovol Papua New Guinea
0%
xow Kowaki Papua New Guinea
0%
kwh Kowiai Indonesia
0%
kff Koya India
0%
kga Koyaga Côte d'Ivoire
0%
kkt Koyee Nepal
0%
koh Koyo Republic of the Congo
0%
kqd Koy Sanjaq Surat Iraq
0%
kuw Kpagua Central African Republic
0%
kpl Kpala Democratic Republic of the Congo
0%
kpk Kpan Nigeria
0%
pbn Kpasham Nigeria
0%
kym Kpatili Central African Republic
0%
cpo Kpee Ghana
0%
kef Kpessi Togo
0%
kph Kplang Ghana
0%
bri Kpwe Cameroon
0%
xra Krahô Brazil
0%
rka Kraol Cambodia
0%
xre Kreye Brazil
0%
ngt Kriang Laos
0%
xri Krikati-Timbira Brazil
0%
buj Kɔrɔmba Nigeria
0%
kxb Krobu Côte d'Ivoire
0%
kgo Krongo Sudan
0%
krr Krung Cambodia
0%
kut Ktunaxa United States
0%
yku Kuamasi China
0%
xnh Kuanhua China
0%
ykn Kua-Nsi China
0%
ksd Kuanua Papua New Guinea
0%
kdt Kuay Cambodia
0%
kgf Kube Papua New Guinea
0%
jko Kubo Papua New Guinea
0%
lkc Kucong Vietnam
0%
kfg Kudiya India
0%
kyw Kudmali India
0%
kov Kudu-Camo Nigeria
0%
kow Kugama Nigeria
0%
kes Kugbo Nigeria
0%
fay Kuhmareyi Iran
0%
kvd Kui Indonesia
0%
uki Kui India
0%
dkr Kuijau Malaysia
0%
kui Kuikúro-Kalapálo Brazil
0%
vkj Kujarge Chad
0%
kux Kukatja Australia
0%
kez Kukele Nigeria
0%
kex Kukna India
0%
kul Kulere Nigeria
0%
kxj Kulfa Chad
0%
cul Kulina Brazil
0%
xpk Kulina Pano Brazil
0%
vkl Kulisusu Indonesia
0%
krx Kuloonaay Senegal
0%
bbu Kulung Nigeria
0%
kle Kulung Nepal
0%
kra Kumal Nepal
0%
ksl Kumalu Papua New Guinea
0%
kdi Kumam Uganda
0%
kfy Kumaoni India
0%
kmj Kumarbhag Paharia India
0%
ksm Kumba Nigeria
0%
kgs Kumbainggar Australia
0%
wkb Kumbaran India
0%
xks Kumbewaha Indonesia
0%
dih Kumeyaay United States
0%
kuo Kumukio Papua New Guinea
0%
zum Kumzari Iran
0%
wlg Kunbarlang Australia
0%
shd Kundal Shahi Pakistan
0%
wku Kunduvadi India
0%
xug Kunigami Japan
0%
big Kunimaipa Papua New Guinea
0%
kup Kunimaipa Papua New Guinea
0%
kjn Kunjen Australia
0%
njx Kunyi Republic of the Congo
0%
xuo Kúo Chad
0%
kto Kuot Papua New Guinea
0%
kug Kupa Nigeria
0%
key Kupia India
0%
kpz Kupsapiiny Uganda
0%
kuj Kuria Tanzania
0%
kfh Kurichiya India
0%
kfv Kurmukar India
0%
unn Kurnai Australia
0%
faj Kursav Papua New Guinea
0%
ktm Kurti Papua New Guinea
0%
xkz Kurtöp Bhutan
0%
kjr Kurundu Indonesia
0%
ksg Kusaghe Solomon Islands
0%
kuh Kushi Nigeria
0%
kgg Kusunda Nepal
0%
tdl Kusur-Myet Nigeria
0%
kub Kutep Nigeria
0%
skm Kutong Papua New Guinea
0%
kpa Kutto Nigeria
0%
kdc Kutu Tanzania
0%
khj Kuturmi Nigeria
0%
thd Kuuk Thayorre Australia
0%
kxv Kuvi India
0%
kwd Kwaio Solomon Islands
0%
kdz Kwaja Cameroon
0%
kwu Kwakum Cameroon
0%
ktf Kwami Democratic Republic of the Congo
0%
knp Kwànjâ Cameroon
0%
kwf Kwara'ae Solomon Islands
0%
gyi Kwasio Cameroon
0%
nmg Kwasio Cameroon
0%
cwt Kwatay Senegal
0%
xwa Kwaza Brazil
0%
xwg Kwegu Ethiopia
0%
kwr Kwer Indonesia
0%
kwe Kwerba Indonesia
0%
xwr Kwerba Mamberamo Indonesia
0%
kkb Kwerisa Indonesia
0%
kws Kwese Democratic Republic of the Congo
0%
kwt Kwesten Indonesia
0%
gww Kwini Australia
0%
kuc Kwinsu Indonesia
0%
kmo Kwoma Papua New Guinea
0%
bka Kyãk Nigeria
0%
kyc Kyaka Papua New Guinea
0%
tye Kyangganya Nigeria
0%
kql Kyenele Papua New Guinea
0%
kgy Kyerung China
0%
ncu Kyo̱ŋbo̱ro̱ŋ-nɔ Ghana
0%
acd Kyode Ghana
0%
ldn Láadan United States
0%
gdm Laal Chad
0%
bwj Láá Láá Bwamu Burkina Faso
0%
ldi Laari Republic of the Congo
0%
loh Laarim South Sudan
0%
lau Laba Indonesia
0%
lmj Labalekan-Mingar Indonesia
0%
lbb Label Papua New Guinea
0%
ypb Labo Phowa China
0%
lbu Labu Papua New Guinea
0%
lsi Lachit Myanmar
0%
lkl Laeko-Libuat Papua New Guinea
0%
laf Lafofa Sudan
0%
lgb Laghu Solomon Islands
0%
kot Lagwan Cameroon
0%
lhn Lahanan Malaysia
0%
lah Lahnda India
0%
lhl Lahul Lohar India
0%
lhi Lahu Shi China
0%
lji Laiyolo Indonesia
0%
lap Laka Chad
0%
lka Lakalei Timor-Leste
0%
lkh Lakha Bhutan
0%
lki Laki Iran
0%
lbc Lakkia China
0%
lkn Lakon Vanuatu
0%
lkd Lakondê Brazil
0%
lxm Lakurumau Papua New Guinea
0%
lal Lalia Democratic Republic of the Congo
0%
slp Lamaholot Indonesia
0%
lmr Lamalera Indonesia
0%
hia Lamang Nigeria
0%
lmq Lamatuka Indonesia
0%
lmy Lamboya Indonesia
0%
bma Lame Nigeria
0%
lmu Lamenu Vanuatu
0%
lmk Lamkaang India
0%
lns Lǎm Nso' Cameroon
0%
lmg Lamogai Papua New Guinea
0%
ljp Lampung Api Indonesia
0%
abl Lampung Nyo Indonesia
0%
llh Lamu China
0%
ruu Lanas Lobu Malaysia
0%
ldm Landoma Guinea
0%
lna Langbashe Central African Republic
0%
yne Lang'e China
0%
yrm Lang'e China
0%
yln Langnian Buyang China
0%
lnh Lanoh Malaysia
0%
lwm Laomian China
0%
lbg Laopang Laos
0%
lrv Larevat Vanuatu
0%
lrl Lari Iran
0%
lar Larteh Ghana
0%
lan Laru Nigeria
0%
llm Lasalimu Indonesia
0%
lsa Lasgerdi Iran
0%
lss Lasi Pakistan
0%
ltu Latu Indonesia
0%
ltn Latundê Brazil
0%
llx Lauan Fiji
0%
law Lauje Indonesia
0%
llu Lauje Solomon Islands
0%
lbv Lavatbura-Lamusong Papua New Guinea
0%
lbo Laven Laos
0%
lvi Lavi Laos
0%
lbx Lawangan Indonesia
0%
lwu Lawu China
0%
tgi Lawunuia Papua New Guinea
0%
lya Layakha Bhutan
0%
lec Leco Bolivia
0%
ldk Leelau Nigeria
0%
lcc Legenyem Australia
0%
tql Lehali Vanuatu
0%
cae Lehar Senegal
0%
lek Leipon Papua New Guinea
0%
lvu Lekuva Indonesia
0%
dri Lela Nigeria
0%
lef Lelemi Ghana
0%
lpa Lelepa Vanuatu
0%
leq Lembena Papua New Guinea
0%
lei Lemio Papua New Guinea
0%
ldj Lemoro Nigeria
0%
tnl Lenakel Vanuatu
0%
lgi Lengilu Indonesia
0%
lej Lengola Democratic Republic of the Congo
0%
bxc Lengue Equatorial Guinea
0%
ler Lenkau Papua New Guinea
0%
ldg Lenyima Nigeria
0%
tgp Leon Tatangoa Vanuatu
0%
lpe Lepki Indonesia
0%
les Lese Democratic Republic of the Congo
0%
nms Letemboi Vanuatu
0%
lww Lewo Vanuatu
0%
lwe Lewoeleng Indonesia
0%
lwt Lewotobi Indonesia
0%
mhx Lhaovo Myanmar
0%
tee Lhima'alh'ama Mexico
0%
lhm Lhomi China
0%
lhp Lhopku Bhutan
0%
loy Lhowa Nepal
0%
koo Lhukonzo Uganda
0%
lix Liabuku Indonesia
0%
ste Liana-Seti Indonesia
0%
liq Libido Ethiopia
0%
liz Libinza Democratic Republic of the Congo
0%
lfa Lifa' Cameroon
0%
lgz Ligenza Democratic Republic of the Congo
0%
lih Lihir Papua New Guinea
0%
nfa Lii Dhao Indonesia
0%
mgi Lijili Nigeria
0%
lie Likila Democratic Republic of the Congo
0%
lib Likum Papua New Guinea
0%
lll Lilao Papua New Guinea
0%
lik Liliko Democratic Republic of the Congo
0%
lil Lillooet Canada
0%
lmp Limbùm Cameroon
0%
ylm Limi China
0%
ley Limola Indonesia
0%
onb Lingao China
0%
lfn Lingua Franca Nova United States
0%
lcs Lisabata-Nuniali Indonesia
0%
lcl Lisela Indonesia
0%
lsh Lish India
0%
lsd Lishana Deni Israel
0%
trg Lishán Noshan Israel
0%
lzl Litzlitz Vanuatu
0%
lrk Loarki Pakistan
0%
loq Loɓala Democratic Republic of the Congo
0%
lob 'Lobiire Burkina Faso
0%
lbm Lodhi India
0%
lom Löghömàgòòi Liberia
0%
lqr Logir South Sudan
0%
liu Logorik Sudan
0%
lgu Logu Solomon Islands
0%
lbr Lohorung India
0%
jbo Lojban United States
0%
yaz Lokạạ Nigeria
0%
lky Lokoya South Sudan
0%
llq Lolak Indonesia
0%
loa Lolodaka Indonesia
0%
rmi Lomavren Armenia
0%
lmi Lombi Democratic Republic of the Congo
0%
wok Longto Cameroon
0%
lnu Longuda Nigeria
0%
ttw Long Wat Malaysia
0%
los Loniu Papua New Guinea
0%
crc Lonwolwol Vanuatu
0%
lnz Lonzo Democratic Republic of the Congo
0%
lop Lopa Nigeria
0%
lov Lopi China
0%
lrn Lorang Indonesia
0%
lnn Lorediakarkar Vanuatu
0%
uvl Lote Papua New Guinea
0%
lht Lo-Toga Vanuatu
0%
dtr Lotud Malaysia
0%
lur Loura Indonesia
0%
vnk Lovono Solomon Islands
0%
tto Lower Ta'oih Laos
0%
ycl Loxrlavu China
0%
urr Löyöp Vanuatu
0%
lex Lteri Lgona Indonesia
0%
kcc Lubila Nigeria
0%
knb Lubuagan Kalinga Philippines
0%
tlj Lubwisi Democratic Republic of the Congo
0%
ldq Lufu Nigeria
0%
rub Lugungu Uganda
0%
lcq Luhu Indonesia
0%
ida Luidakho-Luisukha-Lutirichi Kenya
0%
lum Luimbi Angola
0%
lkb Lukabaras Kenya
0%
dop Lukpa Benin
0%
rag Lulogooli Kenya
0%
luj Luna Democratic Republic of the Congo
0%
luk Lunanakha Bhutan
0%
nle Lunyala Kenya
0%
lga Luqa Solomon Islands
0%
lsm Lusaamya-Lugwe Uganda
0%
lse Lusengo Democratic Republic of the Congo
0%
lts Lutachoni Kenya
0%
ndy Luto Chad
0%
lud Lüüdikien Russia
0%
luv Luwati Oman
0%
vau Lɨvanʉma Democratic Republic of the Congo
0%
lwa Lwalu Angola
0%
lvl Lwel Democratic Republic of the Congo
0%
lee Lyélé Burkina Faso
0%
lyg Lyngngam India
0%
mhy Ma'anyan Indonesia
0%
vot Maatšeeli Russia
0%
mmz Mabaale Democratic Republic of the Congo
0%
mfz Mabaan South Sudan
0%
kkg Mabaka Valley Kalinga Philippines
0%
mcl Macaguaje Colombia
0%
mbn Macaguán Colombia
0%
jmc Machame Tanzania
0%
mpd Machinere Brazil
0%
mvw Machinga Tanzania
0%
mmx Madak Papua New Guinea
0%
tbf Madara Papua New Guinea
0%
dmd Madhi-Madhi Australia
0%
mdm Madyogo Democratic Republic of the Congo
0%
mme Mae Vanuatu
0%
itt Maeng Itneg Philippines
0%
maf Mafa Cameroon
0%
mkv Mafea Vanuatu
0%
gkd Magɨ Papua New Guinea
0%
gmd Mághdì Nigeria
0%
mgu Magi Papua New Guinea
0%
gmg Magiyi Papua New Guinea
0%
gmx Magoma Tanzania
0%
zgr Magori Papua New Guinea
0%
mjx Mahali India
0%
mhe Mah Meri Malaysia
0%
mhb Mahongwe Gabon
0%
mxx Mahou Côte d'Ivoire
0%
sks Maia Papua New Guinea
0%
mzz Maiadomu Papua New Guinea
0%
tnh Maiani Papua New Guinea
0%
mmm Maii Vanuatu
0%
ore Maijuna Peru
0%
zrs Mairasi Indonesia
0%
mbq Maisin Papua New Guinea
0%
mti Maiwa Papua New Guinea
0%
wmm Maiwa Indonesia
0%
mum Maiwalei Papua New Guinea
0%
mpe Majang Ethiopia
0%
xmj Majera Cameroon
0%
mmj Majhwar India
0%
kmd Majukayang Kalinga Philippines
0%
mcp Makaá Cameroon
0%
mjb Makalero Timor-Leste
0%
mkz Makasae Timor-Leste
0%
mgf Maklew Indonesia
0%
kde Makonde Mozambique
0%
mpu Makuráp Brazil
0%
jmn Makury Nagar Myanmar
0%
mbc Makusi Guyana
0%
lva Makuva Timor-Leste
0%
ymk Makwe Tanzania
0%
mpb Malak Malak Australia
0%
ima Mala Malasar India
0%
mln Malango Solomon Islands
0%
mjo Malankuravan India
0%
mjp Malapandaram India
0%
ymr Malasar Indonesia
0%
mjr Malavedan India
0%
xdy Malayic Dayak Indonesia
0%
mlz Malaynon Philippines
0%
hot Malei Papua New Guinea
0%
gut Maléku Jaíka Costa Rica
0%
mgl Maleu-Kilenge Papua New Guinea
0%
mli Malimpung Indonesia
0%
mla Malo Vanuatu
0%
mbk Malol Papua New Guinea
0%
mkb Mal Paharia India
0%
mll Malua Bay Vanuatu
0%
myk Mamaara Mali
0%
wmd Mamainsahai'gidu Brazil
0%
skc Ma Manda Papua New Guinea
0%
mqj Mamasa Indonesia
0%
mgm Mambae Timor-Leste
0%
mcs Mambai Cameroon
0%
mvd Mamboru Indonesia
0%
maw Ŋmampulli Ghana
0%
mqx Mamuju Indonesia
0%
kdf Mamusi Papua New Guinea
0%
muy Ma Muyaŋ Cameroon
0%
mdi Mamvu Democratic Republic of the Congo
0%
mle Manambu Papua New Guinea
0%
mva Manam Pile Papua New Guinea
0%
pmr Manat Papua New Guinea
0%
mry Mandaya Philippines
0%
mjl Mandeali India
0%
mzv Mandja Central African Republic
0%
aax Mandobo Indonesia
0%
bwp Mandobo Bawah Indonesia
0%
jet Manem Indonesia
0%
mkr Manep Papua New Guinea
0%
mge Mangɔ Chad
0%
mpc Mangarrayi Australia
0%
myj Mangayat South Sudan
0%
mdk Mangbutu Democratic Republic of the Congo
0%
mqc Mangole Indonesia
0%
mbh Mangseng Papua New Guinea
0%
abd Manide Philippines
0%
mzj Maninyakan Guinea
0%
mqp Manipa Indonesia
0%
nlm Mankiyali Pakistan
0%
mml Man Met China
0%
mju Manna-Dora India
0%
mjv Mannan India
0%
woo Manombai Indonesia
0%
nty Mantsi Vietnam
0%
mny Manyawa Mozambique
0%
mxc Manyika Zimbabwe
0%
mmd Maonan China
0%
mlh Mape Papua New Guinea
0%
mnm Mapena Papua New Guinea
0%
mpw Mapidian Brazil
0%
bzh Mapos Buang Papua New Guinea
0%
mcg Mapoyo Venezuela
0%
mrs Maragus Vanuatu
0%
wax Marangis Papua New Guinea
0%
zmr Maranunggu Australia
0%
mgb Mararit Chad
0%
mvr Marau Indonesia
0%
mpg Marba Chad
0%
vmr Marenje Mozambique
0%
mrt Marghi Central Nigeria
0%
mfm Marghi South Nigeria
0%
mds Maria Papua New Guinea
0%
mrr Maria India
0%
mrc Maricopa United States
0%
mrz Marind Indonesia
0%
mbw Maring Papua New Guinea
0%
zmt Maringarr Australia
0%
mrb Marino Vanuatu
0%
mqi Mariri Indonesia
0%
ayt Mariveleño Philippines
0%
zmy Mariyedi Australia
0%
rmz Marma Bangladesh
0%
mvo Marovo Solomon Islands
0%
amy Marranj Australia
0%
xru Marriammu Australia
0%
mfr Marrithiyel Australia
0%
mpj Martu Wangka Australia
0%
mzr Marubo Brazil
0%
tis Masadiit Itneg Philippines
0%
mcn Masana Chad
0%
msb Masbatenyo Philippines
0%
ism Masimasi Indonesia
0%
bnf Masiwang Indonesia
0%
klv Maskelynes Vanuatu
0%
msv Maslam Chad
0%
mes Masmaje Chad
0%
wpc Maso Venezuela
0%
mdg Massalat Chad
0%
mvs Massep Indonesia
0%
hhy Matakaia Hoia Hoia Papua New Guinea
0%
mfh Matal Cameroon
0%
wtb Matambwe Tanzania
0%
xmt Matbat Indonesia
0%
mgv Matengo Tanzania
0%
mqe Matepi Papua New Guinea
0%
xem Mateq Indonesia
0%
mbt Matigsalug Manobo Philippines
0%
mzo Matipuhy Brazil
0%
mpq Matís Brazil
0%
met Mato Papua New Guinea
0%
mcf Matses Peru
0%
mcb Matsigenka Peru
0%
xnz Mattokki Egypt
0%
mjk Matukar Panau Papua New Guinea
0%
mgw Matumbi Tanzania
0%
cty Maundadan Chetti India
0%
mph Maung Australia
0%
mhl Mauwake Papua New Guinea
0%
mjj Mawak Papua New Guinea
0%
mcz Mawan Papua New Guinea
0%
mke Mawchi India
0%
mgk Mawes Indonesia
0%
myf Mawes Aasse Ethiopia
0%
udl Ma Wuzlam Cameroon
0%
mbl Maxakalí Brazil
0%
mxl Maxi Gbe Benin
0%
xmy Mayaguduna Australia
0%
yan Mayangna Nicaragua
0%
ayz Maybrat Indonesia
0%
myc Mayeka Democratic Republic of the Congo
0%
ifu Mayoyao Ifugao Philippines
0%
dkx Mazagway Cameroon
0%
vmz Mazatlán Mazatec Mexico
0%
myb Mbaï Chad
0%
lnb Mbalanhu Namibia
0%
mxg Mbangala Angola
0%
mgn Mbangi Central African Republic
0%
zmn Mbangwe Gabon
0%
mpk Mbara Chad
0%
mql Mbɛlímɛ̀ Benin
0%
nza Mbémbe Cameroon
0%
txu Mẽbêngôkre Kabẽ Brazil
0%
mdt Mbere Republic of the Congo
0%
zms Mbesa Democratic Republic of the Congo
0%
moi Mboi Nigeria
0%
bqm Mboko Cameroon
0%
mdu Mboko Republic of the Congo
0%
mdq Mbole Democratic Republic of the Congo
0%
xmb Mbonga Cameroon
0%
bgu Mbongno Nigeria
0%
gai Mbore Papua New Guinea
0%
bcg Mboteni Guinea
0%
xmd Mbudum Cameroon
0%
mhd Mbugu Tanzania
0%
mgz Mbugwe Tanzania
0%
mna Mbula Papua New Guinea
0%
mbu Mbula-Bwazza Nigeria
0%
mlb Mbule Cameroon
0%
mbv Mbulungish Guinea
0%
mdd Mbum Cameroon
0%
mgy Mbunga Tanzania
0%
bbt Mburku Nigeria
0%
zmp Mbuun Democratic Republic of the Congo
0%
mfu Mbwela Angola
0%
mjm Medebur Papua New Guinea
0%
mue Media Lengua Ecuador
0%
mym Mɛ'ɛnɛn Ethiopia
0%
mfj Mefele Cameroon
0%
mef Megam Bangladesh
0%
nux Mehek Papua New Guinea
0%
mmh Mehináku Brazil
0%
mek Mekeo Papua New Guinea
0%
mvk Mekmek Papua New Guinea
0%
msf Mekwei Indonesia
0%
mxe Mele-Fila Vanuatu
0%
med Melpa Papua New Guinea
0%
mby Memoni Pakistan
0%
xkd Mendalam Kayan Indonesia
0%
mfd Mendankwe-Nkwen Cameroon
0%
mee Mengen Papua New Guinea
0%
mct Mengisa Cameroon
0%
tnr Ménik Senegal
0%
mea Menka Cameroon
0%
mwv Mentawai Indonesia
0%
bce Menyam Cameroon
0%
mvx Meoswar Indonesia
0%
tcf Mè'phàà Mañuwìín Mexico
0%
tpc Mè'pháà Tsìndíì Mexico
0%
mxm Meramera Papua New Guinea
0%
lmb Merei Vanuatu
0%
meq Merey Cameroon
0%
ulk Meriam Mir Australia
0%
mci Mesem Papua New Guinea
0%
sac Meskwaki United States
0%
zim Mesme Chad
0%
mvz Mesqan Ethiopia
0%
keh Mevembet Papua New Guinea
0%
wtm Mewati India
0%
mej Meyah Indonesia
0%
soy Mɛyɔ́bɛ Benin
0%
ote Mezquital Otomí Indonesia
0%
zmf Mfinu Democratic Republic of the Congo
0%
gmz Mgbolizhia Nigeria
0%
pla Miani Papua New Guinea
0%
mmc Michoacán Mazahua Mexico
0%
mpl Middle Kodut Papua New Guinea
0%
mei Midob Sudan
0%
mmy Migaama Chad
0%
mpp Migabac Papua New Guinea
0%
klm Migum Papua New Guinea
0%
sjl Miji India
0%
mxj Miju-Mishmi India
0%
mik Mikasuki United States
0%
ymh Mili China
0%
mlj Miltu Chad
0%
mmn Minamanwa Philippines
0%
mcv Minanibai Papua New Guinea
0%
msk Minansaka Philippines
0%
msm Minanubu Philippines
0%
mvn Minaveha Papua New Guinea
0%
mmf Mindat Nigeria
0%
mpn Mindiri Papua New Guinea
0%
mko Mingang Doso Nigeria
0%
wii Minidien Papua New Guinea
0%
hto Minika Witoto Colombia
0%
mqq Minokok Malaysia
0%
mnq Minriq Malaysia
0%
mzt Mintil Malaysia
0%
yiq Miqie China
0%
zrg Mirgan India
0%
mep Miriwoong Australia
0%
gmr Mirning Australia
0%
mjs Miship Nigeria
0%
mrg Mising India
0%
mgo Mita' Cameroon
0%
zmq Mituku Democratic Republic of the Congo
0%
mpo Miu Papua New Guinea
0%
mvi Miyako Japan
0%
mra Mlabri Laos
0%
kja Mlap Indonesia
0%
mlo Mlomp Senegal
0%
bfm Mmen Cameroon
0%
mhk Mʉ̀ngâkà Cameroon
0%
ahm Mobu Côte d'Ivoire
0%
old Mochi Tanzania
0%
mhc Mocho Mexico
0%
moc Mocoví Argentina
0%
gbn Mo'da South Sudan
0%
mxd Modang Indonesia
0%
mqo Modole Indonesia
0%
mvq Moere Papua New Guinea
0%
mif Mofu-Gudur Cameroon
0%
mou Mogume Chad
0%
mov Mohave United States
0%
mxn Moi Kelim Indonesia
0%
mkp Moikodi Papua New Guinea
0%
mow Moikodi Republic of the Congo
0%
sbg Moi Lemas Indonesia
0%
mwz Moingi Democratic Republic of the Congo
0%
wlr Moiso Vanuatu
0%
ymi Moji China
0%
wnb Mokati Papua New Guinea
0%
mwt Moken Myanmar
0%
mkm Moklen Thailand
0%
pwm Molbog Philippines
0%
mox Molima Papua New Guinea
0%
msl Molof Indonesia
0%
msz Momare Papua New Guinea
0%
mso Mombum Indonesia
0%
mmb Momina Indonesia
0%
mqf Momuna Indonesia
0%
npn Mondropolon Papua New Guinea
0%
bxm Mongol Buryat Mongolia
0%
mog Mongondow Indonesia
0%
myu Mõnjoroko Brazil
0%
moo Monom Vietnam
0%
mxk Monumbo Papua New Guinea
0%
moj Monzombo Republic of the Congo
0%
msg Moraid Indonesia
0%
mze Morawa Papua New Guinea
0%
xmo Morerebi Brazil
0%
rga Mores Vanuatu
0%
msx Moresada Papua New Guinea
0%
mzq Mori Atas Indonesia
0%
xmz Mori Bawah Indonesia
0%
mdb Morigi Papua New Guinea
0%
mok Moroi Indonesia
0%
mgc Morokondo South Sudan
0%
bdo Morom Chad
0%
mqn Moronene Indonesia
0%
iwo Morop Indonesia
0%
mrp Morouas Vanuatu
0%
mrl Mortlockese Micronesia
0%
mqv Mosimo Papua New Guinea
0%
mtj Moskona Indonesia
0%
meu Motu Papua New Guinea
0%
siw Motuna Papua New Guinea
0%
kpx Mountain Koiali Papua New Guinea
0%
jmw Mouwase Papua New Guinea
0%
ity Moyadan Itneg Philippines
0%
mpi Mpade Cameroon
0%
mpz Mpi Thailand
0%
pnd Mpinda Angola
0%
mvt Mpotovoro Vanuatu
0%
mgg Mpumpoŋ Cameroon
0%
akc Mpur Indonesia
0%
mcx Mpyemɔ Central African Republic
0%
mro Mru Bangladesh
0%
kqx Mser Cameroon
0%
mtd Mualang Indonesia
0%
muo Mubako Cameroon
0%
tsx Mubami Papua New Guinea
0%
mub Mubi Chad
0%
ymd Muda China
0%
dmw Mudburra Australia
0%
udg Muduga India
0%
vmd Mudu Koraga India
0%
aoj Mufian Papua New Guinea
0%
lmh Mugali Nepal
0%
muk Mugom-Karmarong Nepal
0%
bmr Muinane Colombia
0%
mmk Mukha-Dora India
0%
mlm Mulam China
0%
mvh Mulgi Chad
0%
mzd Mulimba Cameroon
0%
kpb Mullu Kurumba India
0%
mug Mulwi Cameroon
0%
mzm Mumuye Nigeria
0%
mth Munggui Indonesia
0%
mpv Mungkip Papua New Guinea
0%
myr Muniche Peru
0%
mtc Munit Papua New Guinea
0%
mnj Munji Afghanistan
0%
grx Muno Papua New Guinea
0%
ncb Mūöt India
0%
asx Muratayak Papua New Guinea
0%
mtf Murik Papua New Guinea
0%
mxr Murik Malaysia
0%
rmh Murkim Indonesia
0%
mur Murleye South Sudan
0%
tkv Mur Pano Papua New Guinea
0%
muz Mursi Ethiopia
0%
huu Murui Huitoto Colombia
0%
mqw Murupi Papua New Guinea
0%
smm Musasa Nepal
0%
mse Museyna Chad
0%
xma Mushungulu Somalia
0%
msu Musom Papua New Guinea
0%
emi Mussau-Emira Papua New Guinea
0%
muv Muthuvan India
0%
mcj Mvanip Nigeria
0%
mxh Mvuba Democratic Republic of the Congo
0%
sur Mwaghavul Nigeria
0%
mgt Mwakai Papua New Guinea
0%
mwa Mwatebu Papua New Guinea
0%
mjh Mwera Tanzania
0%
mwe Mwera Tanzania
0%
mrm Mwerlap Vanuatu
0%
mws Mwimbi-Muthambi Kenya
0%
mkj Mwoakilloa Micronesia
0%
mlv Mwotlap Vanuatu
0%
mlx Na'ahai Vanuatu
0%
nas Naasioina' Papua New Guinea
0%
naf Nabak Papua New Guinea
0%
ncd Nachiring Nepal
0%
mbj Nadëb Brazil
0%
nfr Nafaanra Ghana
0%
srf Nafi Papua New Guinea
0%
nxx Nafri Indonesia
0%
jbn Nafusi Libya
0%
nag Nagamiz India
0%
nxe Nage Indonesia
0%
nlx Nahali India
0%
nhh Nahari India
0%
sns Nahavaq Vanuatu
0%
naj Naj Guinea
0%
nkj Nakai Indonesia
0%
nib Nakame Papua New Guinea
0%
nak Nakanai Papua New Guinea
0%
nck Na-Kara Australia
0%
nbk Nake Papua New Guinea
0%
mff Naki Cameroon
0%
nax Nakwi Papua New Guinea
0%
nlc Nalca Indonesia
0%
nss Nali Papua New Guinea
0%
nal Nalik Papua New Guinea
0%
nlz Nalögo Solomon Islands
0%
ylo Naluo China
0%
nmx Nama Papua New Guinea
0%
nmk Naman Aban Vanuatu
0%
nkm Namat Papua New Guinea
0%
tbx Nambei Nyon Papua New Guinea
0%
ncm Nambo Papua New Guinea
0%
neo Ná-Meo Vietnam
0%
nnm Namia Papua New Guinea
0%
nvm Namiaiko Papua New Guinea
0%
naa Namla Indonesia
0%
mxw Namo Papua New Guinea
0%
nmt Namonuito Micronesia
0%
bwb Namosi-Naitasiri-Serua Fiji
0%
nmy Namuyi China
0%
gld Nanai Russia
0%
svm Na-Našu Italy
0%
tpj Ñandeva Paraguay
0%
nnk Nankinawam Papua New Guinea
0%
cox Nanti Peru
0%
afk Nanubae Papua New Guinea
0%
nxq Naqxi Geezheeq China
0%
nac Narak Papua New Guinea
0%
nrm Narom Malaysia
0%
npa Nar Phu Nepal
0%
nnr Narungga Australia
0%
nsy Nasal Indonesia
0%
nvh Nasarian Vanuatu
0%
pbb Nasa Yuwe Colombia
0%
nsk Naskapi Canada
0%
tfr Naso Panama
0%
ntz Natanzi Iran
0%
nti Natioro Burkina Faso
0%
ntu Natqgu Solomon Islands
0%
nxa Nauete Timor-Leste
0%
nwr Nawaru Papua New Guinea
0%
nmz Nawdm Togo
0%
naw Nawuri Ghana
0%
noz Nayi Ethiopia
0%
nyq Nayini Iran
0%
ncr Nchane Cameroon
0%
nlu Nchumbulu Ghana
0%
gke Ndai Cameroon
0%
ndk Ndaka Democratic Republic of the Congo
0%
ndm Ndam Chad
0%
ndj Ndamba Tanzania
0%
nxo Ndambomo Gabon
0%
nda Ndasa Gabon
0%
dne Ndendeule Tanzania
0%
ndg Ndengereko Tanzania
0%
eli Nding Sudan
0%
djj Ndjébbana Australia
0%
mnf Ndɨ̧ Mundàni Cameroon
0%
ndw Ndobo Democratic Republic of the Congo
0%
nbb Ndoe Nigeria
0%
njd Ndonde Hamba Tanzania
0%
ndr Ndoola Cameroon
0%
duf Ndrumbea France
0%
ndx Nduga Indonesia
0%
nmd Ndumu Gabon
0%
nuh Ndunda Nigeria
0%
ndt Ndunga Democratic Republic of the Congo
0%
ndv Ndút Senegal
0%
nww Ndwewe Tanzania
0%
nec Nedebang Indonesia
0%
yrl Ñe'engatú Venezuela
0%
nef Nefamese India
0%
neg Negidal Russia
0%
nsn Nehan Papua New Guinea
0%
ncn Neherneh Papua New Guinea
0%
nif Nek Papua New Guinea
0%
nkg Nekgini Papua New Guinea
0%
nej Neko Papua New Guinea
0%
nek Neku France
0%
nee Nêlêmwa-Nixumwak France
0%
gsn Nema Papua New Guinea
0%
nex Neme Papua New Guinea
0%
nem Nemi France
0%
spn Nenlhet Paraguay
0%
cla Nenqayni Ch'ih Canada
0%
mid Neo-Mandaic Iran
0%
bir Nete Papua New Guinea
0%
net Nete Papua New Guinea
0%
vnm Neve'ei Vanuatu
0%
lgk Neverver Vanuatu
0%
ney Neyo Côte d'Ivoire
0%
ntj Ngaanyatjarra Australia
0%
gym Ngäbere Panama
0%
nxg Ngad'a Indonesia
0%
nnf Ngaing Papua New Guinea
0%
kdj Ng'akarimojong Uganda
0%
szb Ngalum Indonesia
0%
nbv Ngamambo Cameroon
0%
sba Ngambay Chad
0%
nbh Ngamo Nigeria
0%
nne Ngandjera Namibia
0%
ngd Ngando Central African Republic
0%
nxd Ngando Democratic Republic of the Congo
0%
nnj Nga-Nyangatom Ethiopia
0%
ajn Ngarinyin Australia
0%
ung Ngarinyin Australia
0%
nbj Ngarinyman Australia
0%
nrl Ngarluma Australia
0%
ngm Ngatik Men's Creole Micronesia
0%
nga Ngbaka Democratic Republic of the Congo
0%
nbm Ngbaka Ma'bo Central African Republic
0%
ngg Ngbaka Manza Central African Republic
0%
nbd Ngbinda Democratic Republic of the Congo
0%
nuu Ngbundu Democratic Republic of the Congo
0%
nge Ngemba Cameroon
0%
nql Ngendelengo Angola
0%
nnn Ngete Chad
0%
nbq Nggem Indonesia
0%
ngx Nggwahyi Nigeria
0%
cwe Ngh'wele Tanzania
0%
nnh Ngiembɔɔn Cameroon
0%
nnq Ngindo Tanzania
0%
ngi Ngizim Nigeria
0%
kcd Ngkâlmpw Kanum Indonesia
0%
nsh Ngoshie Cameroon
0%
ngp Ngulu Tanzania
0%
nuw Nguluwan Micronesia
0%
ndn Ngundi Republic of the Congo
0%
nue Ngundu Democratic Republic of the Congo
0%
nuo Nguôn Vietnam
0%
ngw Ngwaba Nigeria
0%
nlo Ngwii Democratic Republic of the Congo
0%
nha Nhanda Australia
0%
jay Nhangu Australia
0%
nie Niellim Chad
0%
nll Nihali India
0%
gbe Niksek Papua New Guinea
0%
kdp Nikyob-Nindem Nigeria
0%
niw Nimo Papua New Guinea
0%
shb Ninam Venezuela
0%
mwi Ninde Vanuatu
0%
nxi Nindi Tanzania
0%
nby Ningera Papua New Guinea
0%
nxr Ninggerum Papua New Guinea
0%
niz Ningil Papua New Guinea
0%
nlk Ninia Yali Indonesia
0%
nps Nipsan Indonesia
0%
njs Nisa Indonesia
0%
ncg Nisga'a Canada
0%
num Niuafo'ou Tonga
0%
cag Nivaclé Paraguay
0%
hrc Niwer Mil Papua New Guinea
0%
sgi Nizaa Cameroon
0%
njl Njalgulgule South Sudan
0%
nzb Njebi Gabon
0%
njj Njen Cameroon
0%
njy Njyem Cameroon
0%
nkq Nkami Ghana
0%
nkn Nkangala Angola
0%
nkz Nkari Nigeria
0%
sku N'kep Vanuatu
0%
nkc Nkongho Cameroon
0%
nko Nkonya Ghana
0%
nbo Nkukoli Nigeria
0%
lem Nɔmaándɛ́ Cameroon
0%
nir Nmblong Nmbuo Indonesia
0%
nbp Nnam Nigeria
0%
ngh Nǁng South Africa
0%
tnk Nɨninɨfe Vanuatu
0%
fia Nobiin Sudan
0%
gaw Nobonob Papua New Guinea
0%
npx Noipä Solomon Islands
0%
noi Noiri India
0%
nof Nomane Papua New Guinea
0%
not Nomatsigenga Peru
0%
nol Nomlaki United States
0%
cuj Nomole-Piro Peru
0%
noh Nomu Papua New Guinea
0%
noj Nonuya Colombia
0%
bly Nootre Benin
0%
cya Nopala Chatino Mexico
0%
aqg North Akoko Nigeria
0%
nks North Asmat Indonesia
0%
yir North Awyu Indonesia
0%
bcd North Babar Indonesia
0%
kiw Northeast Kiwai Papua New Guinea
0%
kyn Northern Binukidnon Philippines
0%
rbk Northern Bontok Philippines
0%
dgi Northern Dagara Burkina Faso
0%
ghh Northern Ghale Nepal
0%
gbo Northern Grebo Liberia
0%
ymx Northern Muji China
0%
ngb Northern Ngbandi Democratic Republic of the Congo
0%
yiv Northern Nisu China
0%
nuv Northern Nuni Burkina Faso
0%
cst Northern Ohlone United States
0%
pao Northern Paiute United States
0%
cnp Northern Pinghua China
0%
pmi Northern Pumi China
0%
cng Northern Qiang China
0%
rog Northern Roglai Vietnam
0%
stb Northern Sinubanen Philippines
0%
bks Northern Sorsogon Philippines
0%
ntd Northern Tidung Malaysia
0%
twf Northern Tiwa United States
0%
tsp Northern Toussian Burkina Faso
0%
ttm Northern Tutchone Canada
0%
fll North Fali Cameroon
0%
gis North Giziga Cameroon
0%
xnn North Kankanay Philippines
0%
una North Kodut Papua New Guinea
0%
mfk North Mofu Cameroon
0%
kti North Muyu Indonesia
0%
nni North Nuaulu Indonesia
0%
tbg North Tairora Papua New Guinea
0%
kfb Northwestern Kolami India
0%
nsf Northwestern Nisu China
0%
gya Northwest Gbaya Central African Republic
0%
ncf Notsi Papua New Guinea
0%
nov Novial Denmark
0%
noy Noy Chad
0%
oka Nsyilxcen Canada
0%
nqt Nteng Nigeria
0%
thp Nthlakampx Canada
0%
nto Ntomba Democratic Republic of the Congo
0%
yav Nuasúɛ Cameroon
0%
kte Nubri Nepal
0%
yas Nugunu Cameroon
0%
noc Nuk Papua New Guinea
0%
mbr Nukak Makú Colombia
0%
nur Nukeria Papua New Guinea
0%
klt Nukna Papua New Guinea
0%
nuq Nukumanu Papua New Guinea
0%
nkr Nukuoro Micronesia
0%
nop Numaŋgaŋ Papua New Guinea
0%
mmu Numála Cameroon
0%
nbr Numana Nigeria
0%
sij Numbani Papua New Guinea
0%
tgs Nume Vanuatu
0%
kdk Numèè France
0%
nuy Nunggubuyu Australia
0%
rin Nungu Nigeria
0%
npb Nupbikha Bhutan
0%
nup Nupe-Nupe-Tako Nigeria
0%
hux Nüpode Huitoto Peru
0%
nul Nusa Laut Indonesia
0%
nuf Nu-Su China
0%
nwb Nyabwa Côte d'Ivoire
0%
byd Nyadu' Indonesia
0%
nev Nyaheun Laos
0%
cbn Nyah Kur Thailand
0%
nlj Nyali Democratic Republic of the Congo
0%
nmi Nyam Nigeria
0%
nly Nyamal Australia
0%
now Nyambo Tanzania
0%
nyp Nyang'i Uganda
0%
nna Nyangumarta Australia
0%
wja Nyan Wịyáù Nigeria
0%
nyw Nyaw Thailand
0%
yly Nyelâyu France
0%
nba Nyemba Angola
0%
nye Nyengo Angola
0%
neh Nyenkha Bhutan
0%
nmm Nyeshangte Nepal
0%
nyl Nyeu Thailand
0%
nkv Nyika Zambia
0%
nyh Nyikina Australia
0%
lid Nyindrou Papua New Guinea
0%
njz Nyishi India
0%
xny Nyiyaparli Australia
0%
nvo Nyokon Cameroon
0%
nzd Nzadi Democratic Republic of the Congo
0%
nzk Nzakala Central African Republic
0%
nzy Nzakambay Chad
0%
nja Nzanyi Nigeria
0%
odk Oadki India
0%
bzy Obanliku Nigeria
0%
obl Oblo Cameroon
0%
afz Obokuitai Indonesia
0%
ann Obolo Nigeria
0%
obo Obo Manobo Philippines
0%
obu Obulom Nigeria
0%
stp O'dam Mexico
0%
kkc Odoodee Papua New Guinea
0%
tyh O'du Vietnam
0%
odu Ọḍual Nigeria
0%
oda Odut Nigeria
0%
opy Ofayé Brazil
0%
ogc Ọgbah Nigeria
0%
ogb Ogbia Nigeria
0%
ogg Ogbogolo Nigeria
0%
ogu Ogbronuagum Nigeria
0%
eri Ogea Papua New Guinea
0%
soe Ohendo Democratic Republic of the Congo
0%
oia Oirata Indonesia
0%
okn Oki-No-Erabu Japan
0%
okb Okobo Nigeria
0%
oie Okolie South Sudan
0%
kqv Okolod Indonesia
0%
adu Okpamheri Nigeria
0%
opa Okpamheri Nigeria
0%
oke Okpe Nigeria
0%
okx Okpe Nigeria
0%
atg Okpela Nigeria
0%
opm Oksapmin Papua New Guinea
0%
ole Olekha Bhutan
0%
olk Olkol Australia
0%
gdb Ollari India
0%
olm Oloma Nigeria
0%
olr Olrat Vanuatu
0%
lko Olukhayo Kenya
0%
xdo Olukwandu Angola
0%
iko Olulumo-Ikom Nigeria
0%
luy Oluluyia Kenya
0%
lri Olumarachi Kenya
0%
lrm Olumarama Kenya
0%
nuj Olunyole Uganda
0%
nyd Olunyole Kenya
0%
lks Olushisa Kenya
0%
lto Olutsotso Kenya
0%
lwg Oluwanga Kenya
0%
omg Omagua Peru
0%
ymp Ômbê Papua New Guinea
0%
oml Ombo Democratic Republic of the Congo
0%
aom Ömie Papua New Guinea
0%
omi Òmíti Democratic Republic of the Congo
0%
omt Omotik Kenya
0%
bxe Ongata Ethiopia
0%
oon Öñge India
0%
oni Onin Indonesia
0%
onj Onjob Papua New Guinea
0%
onn Onobasulu Papua New Guinea
0%
ono Onoñda'géga Canada
0%
ont Ontenu Papua New Guinea
0%
pia Oob No'ok Mexico
0%
ntp Oodamicudu Mexico
0%
opo Opao Papua New Guinea
0%
org Oring Nigeria
0%
orz Ormu Indonesia
0%
oru Ormuri Pakistan
0%
oaa Oroch Russia
0%
ora Oroha Solomon Islands
0%
oaa Orok Russia
0%
okv Orokaiva Papua New Guinea
0%
oro Orokolo Papua New Guinea
0%
orh Oroqen China
0%
bpk Orowe France
0%
orw Oro Win Brazil
0%
ura Oruarinya Peru
0%
ury Orya Indonesia
0%
kwm Oshikwambi Namibia
0%
oso Ososo Nigeria
0%
tuj O Totobeloho Indonesia
0%
lot Otuho Papua New Guinea
0%
oue Oune Papua New Guinea
0%
stn Owa Solomon Islands
0%
wsr Owenia Papua New Guinea
0%
owi Owiniga Papua New Guinea
0%
oyy Oya'oya Papua New Guinea
0%
oyd Oyda Ethiopia
0%
pbo Oyum Guinea-Bissau
0%
pfa Pááfang Micronesia
0%
pma Paama Vanuatu
0%
pqa Pa'anci Nigeria
0%
sig Paasaal Ghana
0%
pcp Pacahuara Bolivia
0%
pdi Pa Di China
0%
pdo Padoe Indonesia
0%
pgi Pagi Papua New Guinea
0%
pae Pagibete Democratic Republic of the Congo
0%
pgu Pagu Indonesia
0%
apf Pahanan Agta Philippines
0%
kjo Pahari Kinnauri India
0%
pha Pa-Hng China
0%
pri Paicî France
0%
sey Paicoca Peru
0%
plu Pa'ikwaki Brazil
0%
lmf Painara Indonesia
0%
ppi Paipai Mexico
0%
pta Pai Tavyterã Paraguay
0%
cjo Pajonal Ashéninka Peru
0%
pav Pakaásnovos Brazil
0%
pkg Pak-Tong Papua New Guinea
0%
pku Paku Indonesia
0%
pln Palenquero Colombia
0%
pcf Paliyan India
0%
sjm Pallun Mapun Philippines
0%
fap Palor Senegal
0%
ple Palu'e Indonesia
0%
phl Palula Pakistan
0%
bpx Palya Bareli India
0%
pad Pamoari Brazil
0%
pmf Pamona Indonesia
0%
hih Pamosu Papua New Guinea
0%
att Pamplona Atta Philippines
0%
kre Panãra Pẽẽ Brazil
0%
psn Panasuan Indonesia
0%
pwb Panawa Nigeria
0%
pnp Pancana Indonesia
0%
tdb Panchpargania India
0%
pkh Pangkhua India
0%
pgs Pangseng Nigeria
0%
png Pangu Nigeria
0%
pgg Pangwali India
0%
pnr Panim Papua New Guinea
0%
pcg Paniya India
0%
pnc Pannei Indonesia
0%
knt Panoan Katukína Brazil
0%
top Papantla Totonac Mexico
0%
ppn Papapana Papua New Guinea
0%
dpp Papar Malaysia
0%
pas Papasena Indonesia
0%
ppm Papuma Indonesia
0%
prc Parachi Afghanistan
0%
gvp Pará Gavião Brazil
0%
pak Parakanã Brazil
0%
prf Paranan Philippines
0%
prw Parawen Papua New Guinea
0%
pch Pardhan India
0%
pcl Pardhi India
0%
pab Parecís Brazil
0%
pcj Parenga India
0%
kvx Parkari Koli India
0%
paq Parya Tajikistan
0%
psq Pasi Papua New Guinea
0%
yac Pass Valley Yali Indonesia
0%
pbc Patamona Guyana
0%
ptp Patep Papua New Guinea
0%
pty Pathiya India
0%
gfk Patpatar Papua New Guinea
0%
ptq Pattapu India
0%
plh Paulohi Indonesia
0%
pnk Paunaka Bolivia
0%
bfb Pauri Bareli India
0%
pwa Pawaia Papua New Guinea
0%
pzh Pazeh Taiwan
0%
pay Pech Honduras
0%
pip Péerò Nigeria
0%
ppq Pefiyahe Papua New Guinea
0%
npy Pekurehua Indonesia
0%
ppp Pelende Democratic Republic of the Congo
0%
aoc Pemon Venezuela
0%
pek Penchal Papua New Guinea
0%
ums Pendau Indonesia
0%
peg Pengo India
0%
pnh Penrhyn New Zealand
0%
wet Perai Indonesia
0%
pfe Perɛ Cameroon
0%
prq Perené Ashéninka Peru
0%
pze Pesse Nigeria
0%
pex Petats Papua New Guinea
0%
lme Pévé Chad
0%
phk Phake India
0%
phq Phana' Laos
0%
phw Phangduwali Nepal
0%
phm Phimbi Mozambique
0%
yip Pholo China
0%
pnx Phong-Kniang Laos
0%
phu Phuan Thailand
0%
phd Phudagi India
0%
pug Phuĩé Burkina Faso
0%
ypm Phuma China
0%
pho Phunoi Laos
0%
phg Phuong Vietnam
0%
ypp Phupa China
0%
aub Phupha China
0%
pht Phu Thai Laos
0%
ypz Phuza China
0%
pin Piame Papua New Guinea
0%
pio Piapoco Colombia
0%
pcw Piapung Nigeria
0%
pid Piaroa Venezuela
0%
cpu Pichis Ashéninka Peru
0%
piz Pije France
0%
plg Pilagá Argentina
0%
pnn Pinai-Hagahai Papua New Guinea
0%
pwn Pinayuanan Taiwan
0%
pif Pingelapese Micronesia
0%
pic Pinji Gabon
0%
pti Pintiini Australia
0%
piu Pintupi-Luritja Australia
0%
pyu Pinuyumayan Taiwan
0%
pir Piratapuyo Brazil
0%
pig Pisabo Peru
0%
tpp Pisaflores Tepehua Mexico
0%
pix Piu Papua New Guinea
0%
byo Piyo China
0%
ktj Plapo Krumen Côte d'Ivoire
0%
gob Playero Venezuela
0%
pbv Pnar India
0%
poy Pogolo Tanzania
0%
pok Pokangá Brazil
0%
kjy Pole Papua New Guinea
0%
wiv Pole Vitu Papua New Guinea
0%
ncc Ponam Papua New Guinea
0%
wed Pona Wedau Papua New Guinea
0%
lnm Pondi Papua New Guinea
0%
poh Poqonchi' Guatemala
0%
prh Porohanon Philippines
0%
psw Port Sandwich Vanuatu
0%
ptv Port Vatu Vanuatu
0%
pot Potawatomie United States
0%
bye Pouye Papua New Guinea
0%
pwr Powari India
0%
prn Prasuni Afghanistan
0%
kvj Psikye Cameroon
0%
pux Puare Papua New Guinea
0%
atp Pudtol Atta Philippines
0%
pbm Puebla and Northeastern Mazatec Mexico
0%
pui Puinave Colombia
0%
fuc Pulaar Senegal
0%
pup Pulabu Papua New Guinea
0%
fuf Pular Guinea
0%
puw Puluwatese Micronesia
0%
pum Puma Nepal
0%
yae Pumé Venezuela
0%
pud Punan Aput Indonesia
0%
puf Punan Merah Indonesia
0%
puc Punan Merap Indonesia
0%
puj Punan Tubu Indonesia
0%
puo Puoc Vietnam
0%
pru Puragi Indonesia
0%
iar Purari Papua New Guinea
0%
tsz P'urhé Mexico
0%
prx Purig India
0%
suv Puroik India
0%
pub Purum India
0%
mfl Putai Nigeria
0%
put Putoh Indonesia
0%
afe Putukwam Nigeria
0%
pme Pwaamei France
0%
pop Pwapwâ France
0%
pym Pyam Nigeria
0%
pai Pye Nigeria
0%
pyy Pyen Myanmar
0%
pby Pyu Papua New Guinea
0%
laq Qabiao Vietnam
0%
kjb Q'anjob'al Guatemala
0%
byx Qaqet Papua New Guinea
0%
poc Qaq'oral Guatemala
0%
gqu Qau China
0%
ymq Qila Muji China
0%
ahg Qimant Ethiopia
0%
yum Quechan United States
0%
otq Querétaro Otomí Mexico
0%
qvy Queyu China
0%
raz Rahambuu Indonesia
0%
mqk Rajah Kabunsuwan Manobo Philippines
0%
rjs Rajbanshi Nepal
0%
rji Raji Nepal
0%
rjg Rajong Indonesia
0%
gra Rajput Garasia India
0%
rkh Rakahanga-Manihiki New Zealand
0%
ral Ralte Indonesia
0%
rai Ramoaaina Papua New Guinea
0%
kjx Ramopa Papua New Guinea
0%
rnl Ranglong India
0%
kyx Rapoisi Papua New Guinea
0%
lra Rara Bakati' Malaysia
0%
rac Rasawa Indonesia
0%
btn Ratagnon Philippines
0%
rth Ratahan Indonesia
0%
rtw Rathawi India
0%
bgd Rathwi Bareli India
0%
rau Raute Nepal
0%
yea Ravula India
0%
jnl Rawat India
0%
rwa Rawo Papua New Guinea
0%
zor Rayón Zoque Mexico
0%
rat Razajerdi Iran
0%
rzh Rāziḥī Yemen
0%
gir Red Gelao Vietnam
0%
atu Reel South Sudan
0%
rmb Rembarrnga Australia
0%
reb Rembong Indonesia
0%
agv Remontado Agta Philippines
0%
lkj Remun Malaysia
0%
mnv Rennell-Bellona Solomon Islands
0%
rpn Repanbitip Vanuatu
0%
rea Rerau Papua New Guinea
0%
pgk Rerep Vanuatu
0%
rgr Resígaro Peru
0%
ret Reta Indonesia
0%
ril Reu Yaang Myanmar
0%
rey Reyesano Bolivia
0%
jya rGyalrong China
0%
yin Riang Lai Myanmar
0%
ran Riantana Indonesia
0%
rir Ribun Indonesia
0%
nmw Rifao Papua New Guinea
0%
rkb Rikbaktsa Brazil
0%
rgu Rikou Indonesia
0%
ksf Rikpa Cameroon
0%
rri Ririo Solomon Islands
0%
rsw Rishiwa Nigeria
0%
rit Ritharrngu Australia
0%
riu Riung Indonesia
0%
uji Rjili Nigeria
0%
lbn Rmeet Laos
0%
ibm Robambami Nigeria
0%
rod Rogo Nigeria
0%
rmv Romanova Spain
0%
bbi Rombi Cameroon
0%
rof Rombo Tanzania
0%
rmk Romkun Papua New Guinea
0%
ren Rơngao Vietnam
0%
ror Rongga Indonesia
0%
rnp Rongpo India
0%
rnn Roon Indonesia
0%
sed Rơtéang Vietnam
0%
llg Rote Lole Indonesia
0%
roo Rotokas Reo Papua New Guinea
0%
rtm Rotuman Fiji
0%
rug Roviana Solomon Islands
0%
mmg Rral Vanuatu
0%
pce Ruching Palaung Myanmar
0%
rdb Rudbari Iran
0%
rui Rufiji Tanzania
0%
ruh Ruga India
0%
dru Rukai Taiwan
0%
ruz Ruma Nigeria
0%
rbb Rumai Palaung Myanmar
0%
rol Rumblumãnun Philippines
0%
klq Rumuhei Papua New Guinea
0%
rou Runga Chad
0%
drg Rungus Malaysia
0%
rnw Rungwa Tanzania
0%
nyo Runyoro Uganda
0%
ruc Ruruuli-Runyala Uganda
0%
raw Rvwang Myanmar
0%
sav Saafi-Saafi Senegal
0%
srm Saamáka Suriname
0%
sxr Saaroa Taiwan
0%
sjw Saawanwaatoweewe United States
0%
bsy Sabah Bisaya Malaysia
0%
snv Sa'ban Indonesia
0%
sae Sabanê Brazil
0%
skb Saek Laos
0%
spd Saep Papua New Guinea
0%
saf Safale̱ba Ghana
0%
apz Safeyoka Papua New Guinea
0%
sbm Sagala Tanzania
0%
sjb Sajau Basap Indonesia
0%
sch Sakachep India
0%
sak Sake Gabon
0%
skf Sakirabiá Brazil
0%
szy Sakizaya Taiwan
0%
slx Salampasu Democratic Republic of the Congo
0%
sgu Salas Indonesia
0%
xmx Salawati Indonesia
0%
sau Saleman Indonesia
0%
sbe Saliba Papua New Guinea
0%
slc Saliba Colombia
0%
kps Salo Tkoin Indonesia
0%
loe Saluan Indonesia
0%
slj Salumá Brazil
0%
tmj Samarokena Indonesia
0%
ysd Samatao China
0%
syx Samay Gabon
0%
spv Sambalpuri India
0%
ssx Samberigi Papua New Guinea
0%
saq Samburu Kenya
0%
smh Samei China
0%
swm Samosa Papua New Guinea
0%
rav Sampang Nepal
0%
stu Samtao Myanmar
0%
smv Samvedi India
0%
sad Sandawegki Tanzania
0%
hve San Dionisio Del Mar Huave Mexico
0%
hue San Francisco del Mar Huave Mexico
0%
mat San Francisco Matlatzinca Mexico
0%
scg Sanggau Indonesia
0%
sxn Sangihẹ̆ Indonesia
0%
snl Sangiré Philippines
0%
sgr Sangisari Iran
0%
sgk Sangkong China
0%
sgy Sanglechi Afghanistan
0%
snq Sangu Gabon
0%
ysn Sani China
0%
ysy Sanie China
0%
sny Saniyo-Hiyewe Papua New Guinea
0%
huv San Mateo Del Mar Huave Mexico
0%
xsu Sanöma Venezuela
0%
ssi Sansi India
0%
hvv Santa María Del Mar Huave Mexico
0%
cok Santa Teresa Cora Mexico
0%
spr Sapaura Indonesia
0%
spc Sapé Venezuela
0%
krn Sapo Liberia
0%
spu Sapuan Laos
0%
sbz Sara Kaba Central African Republic
0%
kwv Sara Kaba Naa Chad
0%
bps Sarangani Blaan Philippines
0%
mbs Sarangani Manobo Philippines
0%
zsa Sarasira Papua New Guinea
0%
srh Sarikoli China
0%
sdf Sarli Iraq
0%
srs Sarsi Canada
0%
onp Sartang India
0%
swy Sarua Chad
0%
sdu Sarudu Indonesia
0%
sra Saruga Papua New Guinea
0%
sxs Sasaru Nigeria
0%
stw Satawalese Micronesia
0%
mav Satere Mawe Brazil
0%
stq Saterfriesisch Germany
0%
srt Sauri Indonesia
0%
mjt Sauria Paharia India
0%
sao Sause Indonesia
0%
tuc Saveeng Papua New Guinea
0%
sdg Savi Afghanistan
0%
svs Savosavo Solomon Islands
0%
szw Sawai Indonesia
0%
swr Saweru Indonesia
0%
saw Sawi Indonesia
0%
swt Sawila Indonesia
0%
sxw Saxwɛ Gbe Benin
0%
xsy SaySiyat Taiwan
0%
sbx Seberuang Indonesia
0%
sib Sebop Malaysia
0%
shs Secwépemctsín Canada
0%
tvw Sedoa Indonesia
0%
sos Seenku Burkina Faso
0%
sge Segai Indonesia
0%
seg Segeju Tanzania
0%
skp Sekapan Malaysia
0%
skz Sekar Indonesia
0%
syi Seki Gabon
0%
skx Seko Padang Indonesia
0%
sko Seko Tengah Indonesia
0%
lip Sekpele Ghana
0%
sly Selayar Indonesia
0%
spl Selepet Papua New Guinea
0%
slg Selungai Murut Indonesia
0%
sws Seluwasan Indonesia
0%
sea Semai Malaysia
0%
sdq Semandang Indonesia
0%
szc Semaq Beri Malaysia
0%
sbr Sembakung Murut Indonesia
0%
sza Semelai Malaysia
0%
etz Semimi Indonesia
0%
ssm Semnam Malaysia
0%
smy Semnani Iran
0%
xse Sempan Indonesia
0%
syn Senaya Iran
0%
spk Sengo Papua New Guinea
0%
ssz Sengseng Papua New Guinea
0%
set Sentani Indonesia
0%
spb Sepa Indonesia
0%
spe Sepa Papua New Guinea
0%
iws Sepik Iwam Papua New Guinea
0%
sve Serili Indonesia
0%
srk Serudung Murut Malaysia
0%
seu Serui-Laut Indonesia
0%
stf Seta Papua New Guinea
0%
stm Setaman Papua New Guinea
0%
sbi Seti Papua New Guinea
0%
sew Sewa Bay Papua New Guinea
0%
sze Seze Ethiopia
0%
sdb Shabak Iraq
0%
srz Shahmirzadi Iran
0%
shm Shahrudi Iran
0%
sha Shall-Zwall Nigeria
0%
xsh Shamang Nigeria
0%
sqa Shama-Sambuga Nigeria
0%
ksb Shambala Tanzania
0%
swo Shanenawa Brazil
0%
mcd Sharanahua Tsain Peru
0%
swq Sharwa Cameroon
0%
sec Sháshíshálh Canada
0%
swv Shekhawati India
0%
moy Shekki-Noone Ethiopia
0%
seb Shempire Sénoufo Côte d'Ivoire
0%
shl Shendu India
0%
scv Sheni Nigeria
0%
cnu Shenwa Algeria
0%
bun Sherbro Sierra Leone
0%
sdp Sherdukpen India
0%
aws Shiaxa Indonesia
0%
gua Shiki Nigeria
0%
shk Shilluk South Sudan
0%
asg Shingini Nigeria
0%
nka Shinkoya Zambia
0%
nyr Shinyiha Malawi
0%
shp Shipibo-Conibo Peru
0%
sbk Shisafwa Tanzania
0%
sbp Shisangu Tanzania
0%
acu Shiwiar Ecuador
0%
yey Shiyeyi Botswana
0%
mgq Shɨmalɨla Tanzania
0%
sle Sholaga India
0%
sii Shom Peng India
0%
shg Shua Botswana
0%
jiv Shuar Ecuador
0%
suj Shubi Tanzania
0%
sxg Shuhi China
0%
sts Shumashti Afghanistan
0%
scu Shumcho India
0%
pll Shwe Palaung Myanmar
0%
slw Sialum Papua New Guinea
0%
sif Siamou Burkina Faso
0%
snp Siane Papua New Guinea
0%
sya Siang Indonesia
0%
sjr Siar-Lak Papua New Guinea
0%
mmp Siawi Papua New Guinea
0%
sdx Sibu Melanau Malaysia
0%
sep Sìcìté Sénoufo Burkina Faso
0%
snr Sihan Papua New Guinea
0%
spg Sihan Malaysia
0%
ski Sika Indonesia
0%
sky Sikaiana Solomon Islands
0%
tty Sikaritai Indonesia
0%
sik Sikiana Brazil
0%
skh Sikule Indonesia
0%
wul Silimo Indonesia
0%
mkc Siliput Papua New Guinea
0%
xsp Silopi Papua New Guinea
0%
loz Silozi Botswana
0%
stv Silt'e Ethiopia
0%
sbw Simba Gabon
0%
smg Simbali Papua New Guinea
0%
smb Simbari Papua New Guinea
0%
sbb Simbo Solomon Islands
0%
smz Simeku Papua New Guinea
0%
smr Simeulue Indonesia
0%
smt Simte India
0%
siu Sinagen Papua New Guinea
0%
sst Sinasina Papua New Guinea
0%
snc Sinaugoro Papua New Guinea
0%
sgp Singpho India
0%
skq Sininkere Burkina Faso
0%
qum Sipakapense Guatemala
0%
swj Sira Gabon
0%
sir Siri Nigeria
0%
sri Siriano Brazil
0%
srq Sirionó Bolivia
0%
srx Sirmauri India
0%
ssd Siroi Papua New Guinea
0%
sbq Sirva Papua New Guinea
0%
amw Siryon Syria
0%
wji Sirzakwai Nigeria
0%
siy Sivandi Papua New Guinea
0%
siz Siwi Egypt
0%
akp Siwu Ghana
0%
skv Skou Indonesia
0%
squ Skwxwú7mesh Canada
0%
kxq Smärky Kanum Indonesia
0%
trq Snáhánj Nìh Mexico
0%
urw Sob Papua New Guinea
0%
sob Sobei Indonesia
0%
soj Soi Iran
0%
she S'oku Noogu Ethiopia
0%
aaw Solong Papua New Guinea
0%
smu Somray Cambodia
0%
kgt Somyev Nigeria
0%
ysg Sonaga China
0%
shc Sonde Democratic Republic of the Congo
0%
sop Songe Democratic Republic of the Congo
0%
nsx Songo Angola
0%
soo Songo Democratic Republic of the Congo
0%
sod Songoora Democratic Republic of the Congo
0%
soi Sonha Nepal
0%
siq Sonia Papua New Guinea
0%
sok Soŋoroŋ Chad
0%
sqo Sorkhei Iran
0%
sdk Sos Kundi Papua New Guinea
0%
krz Sota Kanum Indonesia
0%
mnx Sougb Indonesia
0%
sor Soumraye Chad
0%
tlt Sou Nama Indonesia
0%
saz Sourashtra India
0%
tvk Southeast Ambrym Vanuatu
0%
vbb Southeast Babar Indonesia
0%
nit Southeastern Kolami India
0%
pom Southeastern Pomo United States
0%
tcu Southeastern Tarahumara Mexico
0%
ams Southern Amami Ōshima Japan
0%
mtw Southern Binukidnon Philippines
0%
obk Southern Bontok Philippines
0%
caf Southern Carrier Canada
0%
ghe Southern Ghale Nepal
0%
grj Southern Grebo Libera
0%
ksc Southern Kalinga Philippines
0%
kjd Southern Kiwai Papua New Guinea
0%
ysp Southern Lolopo China
0%
mnn Southern Mnong Vietnam
0%
ymc Southern Muji China
0%
nab Southern Nambikuára Brazil
0%
nsd Southern Nisu China
0%
nnw Southern Nuni Burkina Faso
0%
pmj Southern Pumi China
0%
rgs Southern Roglai Vietnam
0%
laa Southern Sinubanen Philippines
0%
srv Southern Sorsoganon Philippines
0%
itd Southern Tidung Indonesia
0%
tix Southern Tiwa United States
0%
tce Southern Tutchone Canada
0%
lrr Southern Yamphu Nepal
0%
fal South Fali Cameroon
0%
mcy South Kodut Papua New Guinea
0%
kts South Muyu Indonesia
0%
nxl South Nuaulu Indonesia
0%
omw South Tairoa Papua New Guinea
0%
bhq South Tukang Besi Indonesia
0%
cpy South Ucayali Ashéninka Peru
0%
vbk Southwestern Bontok Philippines
0%
nsv Southwestern Nisu China
0%
twr Southwestern Tarahumara Mexico
0%
tla Southwestern Tepehuan Mexico
0%
wha Sou Upaa Indonesia
0%
sow Sowanda Indonesia
0%
vmp Soyaltepec Mazatec Mexico
0%
spt Spiti Bhoti India
0%
sci Sri Lankan Malay Creole Sri Lanka
0%
sld Sɩ́ssalɩ́ Burkina Faso
0%
sbu Stod Bhoti India
0%
jih sTodsde China
0%
szp Suabo Indonesia
0%
swp Suau Papua New Guinea
0%
xsj Subi Tanzania
0%
tgo Sudest Papua New Guinea
0%
sue Suena Papua New Guinea
0%
sug Suganga Papua New Guinea
0%
kzs Sugut Dusun Malaysia
0%
sui Suki Papua New Guinea
0%
zsu Sukurum Papua New Guinea
0%
sua Sulka Papua New Guinea
0%
srg Sulod Philippines
0%
siv Sumariup Papua New Guinea
0%
six Sumau Papua New Guinea
0%
suw Sumbwa Tanzania
0%
sol Sumoun Papua New Guinea
0%
ssk Sunam India
0%
abf Sungai Malaysia
0%
ymn Sunum Indonesia
0%
suz Sunwar Nepal
0%
spp Supyire Sénoufo Mali
0%
tru Surayt Turkiye
0%
sjp Surjapuri India
0%
sgz Sursurunga Papua New Guinea
0%
swx Suruahá Brazil
0%
sru Suruí Brazil
0%
mdz Suruí do Pará Brazil
0%
ssu Susuami Papua New Guinea
0%
sdj Suundi Republic of the Congo
0%
syo Su'ung Cambodia
0%
swu Suwawa Indonesia
0%
suy Suyá Brazil
0%
scw Sya Nigeria
0%
shz Syenara Sénoufo Mali
0%
syw Syuba Nepal
0%
tap Taabwa Democratic Republic of the Congo
0%
tby Tabaru Indonesia
0%
zoq Tabasco Zoque Mexico
0%
knv Tabo Papua New Guinea
0%
tbp Taburta Indonesia
0%
tna Tacana Bolivia
0%
tcw Tachiwiin Mexico
0%
klw Tado Indonesia
0%
tdy Tadyawan Philippines
0%
klg Tagakolu Philippines
0%
oua Tagargrent Algeria
0%
bgs Tagawba Philippines
0%
tbw Tagbanwa Philippines
0%
tbm Tagbu Democratic Republic of the Congo
0%
tgj Tagin India
0%
tht Tahltan Canada
0%
mvv Tahol Murut Malaysia
0%
tyr Tai Daeng Vietnam
0%
blt Tai Dam Thailand
0%
tiz Tai Hongjin China
0%
aos Taikat Indonesia
0%
tnu Tai Khang Laos
0%
tjl Tai Laing Myanmar
0%
tlq Tai Loi Myanmar
0%
tji Tai Long Laos
0%
ago Tainae Papua New Guinea
0%
tdd Tai Nüa China
0%
tpo Tai Pao Vietnam
0%
uar Tairuma Papua New Guinea
0%
dav Taita Kenya
0%
tmm Tai Thanh Vietnam
0%
cuu Tai Ya China
0%
tyj Tai Yo Vietnam
0%
pee Taje Indonesia
0%
tdj Tajio Indonesia
0%
tja Tajuasohn Liberia
0%
tks Takestani Iran
0%
tbc Takia Papua New Guinea
0%
dka Takpa India
0%
tkz Takua Vietnam
0%
nho Takuu Papua New Guinea
0%
tld Talaud Indonesia
0%
tan Táŋlɛ Nigeria
0%
tlv Taliabu Indonesia
0%
tdf Talieng Laos
0%
tlr Talise Solomon Islands
0%
tlo Talodi Sudan
0%
tlk Taloki Indonesia
0%
tln Talondo' Indonesia
0%
tzl Talossan United States
0%
yta Talu China
0%
tcg Tamagario Indonesia
0%
tls Tambotalo Vanuatu
0%
tax Tamki Chad
0%
tml Tamnim Citak Indonesia
0%
low Tampias Lobu Malaysia
0%
tpu Tampuan Cambodia
0%
tpm Tampulma Ghana
0%
tcm Tanahmerah Indonesia
0%
tfn Tanaina United States
0%
tpv Tanapag United States
0%
ygm Tandɨ Papua New Guinea
0%
tgn Tandaganon Philippines
0%
tnx Tanema Solomon Islands
0%
txa Tangar nu Tombonuo Malaysia
0%
tnv Tangchangya Bangladesh
0%
bjp Tangga Papua New Guinea
0%
tgu Tanggu Papua New Guinea
0%
tkx Tangko Indonesia
0%
ytl Tanglang China
0%
tbs Tanguat Papua New Guinea
0%
tbe Tanibili Solomon Islands
0%
nkk Tanokuku Vanuatu
0%
kml Tanudan Kalinga Philippines
0%
nkt Tanzania Nyika Tanzania
0%
afp Tapei Papua New Guinea
0%
vnp Tapesena Vanuatu
0%
ptr Tapiafaru Vanuatu
0%
kaq Tapiche Capanhua Peru
0%
lgn T'apo South Sudan
0%
tgr Tareng Laos
0%
tri Tarëno Ijomi Suriname
0%
tae Tariana Brazil
0%
tpf Tarpia Indonesia
0%
tdm Taruma Guyana
0%
cta Tataltepec Chatino Mexico
0%
txx Tatana Malaysia
0%
tav Tatuyo Ye Colombia
0%
ttd Tauade Papua New Guinea
0%
tco Taungyo Myanmar
0%
tpa Taupota Papua New Guinea
0%
tad Tause Indonesia
0%
vlp Tavanlav Vanuatu
0%
tvn Tavoyan Myanmar
0%
tbo Tawala Papua New Guinea
0%
xtw Tawandê Brazil
0%
twm Tawang Monpa India
0%
twl Tawara Mozambique
0%
twb Tawbuid Philippines
0%
twy Tawoyan Indonesia
0%
gpn Tayap Papua New Guinea
0%
smc Tayatuk Papua New Guinea
0%
twh Tãy Ðón Vietnam
0%
tys Tày Sa Pa Vietnam
0%
tyt Tày Tac Vietnam
0%
grr Taznatit Algeria
0%
tbl Tboli Philippines
0%
tck Tchitchege Gabon
0%
bqa Tchumbuli Benin
0%
tkw Teanu Solomon Islands
0%
tio Teapu Papua New Guinea
0%
dmu Tebi Indonesia
0%
tiy Teduray Philippines
0%
tkq Tèẹ̀ ̣ Nigeria
0%
lor Téén Côte d'Ivoire
0%
tfo Tefaro Indonesia
0%
mtl Tehl Nigeria
0%
teh Tehuelche Argentina
0%
twe Teiwa Indonesia
0%
kkw Teke-Kukuya Republic of the Congo
0%
lli Teke-Laali Republic of the Congo
0%
nzu Teke-Nzikou Republic of the Congo
0%
tyi Teke-Tsaayi Republic of the Congo
0%
tyx Teke-Tyee Republic of the Congo
0%
ifm Teke-Wuumu Democratic Republic of the Congo
0%
tlf Telefol Papua New Guinea
0%
pkp Te Leo Wale New Zealand
0%
slu Tel Maslyarkwe Indonesia
0%
tqb Tembé Brazil
0%
tdo Teme Nigeria
0%
teq Temein Sudan
0%
tea Temiar Malaysia
0%
ott Temoaya Otomí Mexico
0%
tmo Temoq Malaysia
0%
otn Tenango Otomí Mexico
0%
tnz Ten'edn Thailand
0%
tes Tengger Indonesia
0%
tqn Tenino United States
0%
tns Tenis Papua New Guinea
0%
tex Te̱nne̱tte̱ South Sudan
0%
tev Teor Indonesia
0%
tnm Tepera Indonesia
0%
cux Tepeuxila Cuicatec Mexico
0%
ted Tepowin Côte d'Ivoire
0%
ash Tequiraca Peru
0%
ttr Tera Nigeria
0%
trb Terebu Papua New Guinea
0%
buo Terei Papua New Guinea
0%
tef Teressa India
0%
twg Tereweng Indonesia
0%
twu Termanu Indonesia
0%
tft Ternate Indonesia
0%
tez Tetserret Niger
0%
cut Teutila Cuicatec Mexico
0%
tew Tewa United States
0%
twx Tewe Mozambique
0%
otx Texcatepec Otomí Mexico
0%
thn Thachanadan India
0%
ths Thakali Nepal
0%
thf Thangmi Nepal
0%
ssf Thaw a Lalawa Taiwan
0%
tem Themne Sierra Leone
0%
ytp Thopho China
0%
tyl Thu Lao Vietnam
0%
tdh Thulung Nepal
0%
tbj Tiaang Papua New Guinea
0%
mnl Tiale Vanuatu
0%
ngy Tibea Cameroon
0%
tcn Tichurong Nepal
0%
tca Ticunaga Brazil
0%
tvo Tidore Indonesia
0%
tiq Tiéfo Burkina Faso
0%
tii Tiene Democratic Republic of the Congo
0%
tif Tifal Papua New Guinea
0%
tgc Tigak Papua New Guinea
0%
otl Tilapa Otomí Mexico
0%
tij Tilung Nepal
0%
tim Timbe Papua New Guinea
0%
par Timbisha United States
0%
tih Timugon Murut Malaysia
0%
lbf Tinani India
0%
tgv Tingui-Boto Brazil
0%
tit Tinigua Colombia
0%
tpz Tinputz Papua New Guinea
0%
tpe Tippera Bangladesh
0%
aup Tirio Papua New Guinea
0%
tdq Tita Nigeria
0%
ttv Titan Papua New Guinea
0%
lax Tiwa India
0%
tyy Tiyaa Nigeria
0%
tjj Tjungundji Australia
0%
tjp Tjupany Australia
0%
tpt Tlachichilco Tepehua Mexico
0%
tqo Toaripi Papua New Guinea
0%
tng Tobanga Chad
0%
tlb Tobelo Indonesia
0%
tgb Tobilung Malaysia
0%
tbv Tobo Papua New Guinea
0%
tdr Todrah Vietnam
0%
tlg Tofanma Indonesia
0%
tfi Tofin Gbe Benin
0%
toj Tojol-ab'al Mexico
0%
tkn Toku-No-Shima Japan
0%
tlm Tolomako Vanuatu
0%
tod Toma Guinea
0%
tdi Tomadino Indonesia
0%
ttp Tombelala Indonesia
0%
tom Tombulu Indonesia
0%
txm Tomini Indonesia
0%
tqp Tomoip Papua New Guinea
0%
tny Tongwe Tanzania
0%
tnw Tonsawang Indonesia
0%
txs Tonsea Indonesia
0%
tnt Tontemboan Indonesia
0%
toy Topoiyo Indonesia
0%
mlu Toqabaqita Solomon Islands
0%
trj Toram Chad
0%
ttu Torau Papua New Guinea
0%
trw Torwali Pakistan
0%
ttl Totela Zambia
0%
txo Toto India
0%
txe Totoli Indonesia
0%
ttk Totoro Colombia
0%
tdn Toundano Indonesia
0%
tqu Touo Solomon Islands
0%
ttn Towei Indonesia
0%
trm Tregami Afghanistan
0%
stg Trieng Vietnam
0%
tip Trimuris Indonesia
0%
tgq Tring Malaysia
0%
trx Tringgus-Sembaan Bidayuh Malaysia
0%
trn Trinitario Bolivia
0%
sti Troong Sdiêng Vietnam
0%
tpy Trumai Brazil
0%
tsa Tsaangi Republic of the Congo
0%
cof Tsafiki Ecuador
0%
huq Tsat China
0%
kvz Tsaukambo Indonesia
0%
sek Tsek'ene Canada
0%
tsk Tseku China
0%
kdl Tsikimba Nigeria
0%
cas Tsimané Bolivia
0%
tsw Tsishingini Nigeria
0%
tsv Tsogo Gabon
0%
fly Tsotsitaal South Africa
0%
tsu Tsou China
0%
ttz Tsum Nepal
0%
tsl Ts'ün-Lao Vietnam
0%
res Tsureshe Nigeria
0%
tvd TsuVaɗi Nigeria
0%
tsh Tsuvan Cameroon
0%
two Tswapong Botswana
0%
kmq Ttwa Gwama Ethiopia
0%
tuq Tudaga Chad
0%
grh Tugbiri-Niragu Papua New Guinea
0%
tzn Tugun Indonesia
0%
quv Tujaal Tziij Guatemala
0%
khc Tukang Besi North Indonesia
0%
tkd Tukudede Timor-Leste
0%
tlu Tulehu Indonesia
0%
tuh Tulil Papua New Guinea
0%
tey Tulishi Sudan
0%
iou Tuma-Irumu Papua New Guinea
0%
tmc Tumak Chad
0%
tmq Tumelo Papua New Guinea
0%
kku Tumi Nigeria
0%
tbr Tumtum Sudan
0%
mzb Tumzabt Algeria
0%
tvu Tunen Cameroon
0%
lcm Tungag Papua New Guinea
0%
trt Tunggare Indonesia
0%
tug Tunia Chad
0%
tjg Tunjung Indonesia
0%
dza Tunzu Nigeria
0%
ttf Tuotomb Cameroon
0%
tpr Tuparí Brazil
0%
trh Turaka Papua New Guinea
0%
tqm Turumsa Papua New Guinea
0%
ttg Tutong Brunei
0%
nyb Tutrugbu Ghana
0%
tuu Tututni United States
0%
ifk Tuwali Ifugao Philippines
0%
tww Tuwari Papua New Guinea
0%
udu Twampa Sudan
0%
twn Twendi Cameroon
0%
kcg Tyap Nigeria
0%
tzh Tzeltal Mexico
0%
tzj Tz'utujil Guatemala
0%
ksj Uare Papua New Guinea
0%
byc Ubaghara Nigeria
0%
uba Ubang Nigeria
0%
ubr Ubir Papua New Guinea
0%
cpb Ucayali-Yurúa Ashéninka Peru
0%
uda Uda Nigeria
0%
ude Udihe Russia
0%
ufi Ufim Papua New Guinea
0%
uge Ughele Solomon Islands
0%
ugo Ugong Thailand
0%
uha Uhami Nigeria
0%
uis Uisai Papua New Guinea
0%
udj Ujir Indonesia
0%
kcf Ukaan Nigeria
0%
ukh Ukhwejo Central African Republic
0%
umi Ukit Malaysia
0%
uku Ukue Nigeria
0%
ukg Ukuriguma Papua New Guinea
0%
hhi Ukusi-Koparamio Hoia Hoia Papua New Guinea
0%
ukq Ukwa Nigeria
0%
ukw Ukwuani-Aboh-Ndoni Nigeria
0%
svb Ulau-Suain Papua New Guinea
0%
ulc Ulch Russia
0%
uli Ulithian Micronesia
0%
ulb Ulukwumi Nigeria
0%
ulm Ulumanda' Indonesia
0%
ulw Ulwa Nicaragua
0%
yla Ulwa Papua New Guinea
0%
xky Uma' Lasan Malaysia
0%
ulu Uma' Lung Indonesia
0%
gdn Umanakaina Papua New Guinea
0%
uma Umatilla United States
0%
upi Umeda Papua New Guinea
0%
due Umiray Dumaget Philippines
0%
umm Umon Nigeria
0%
ump Umpila Australia
0%
unz Unde Kaili Indonesia
0%
bbn Uneapa Papua New Guinea
0%
une Uneme Nigeria
0%
xgu Unggumi Australia
0%
onu Unua Vanuatu
0%
unu Unubahe Papua New Guinea
0%
dmg Upper Kinabatangan Malaysia
0%
tku Upper Necaxa Totonac Mexico
0%
tth Upper Ta'oih Laos
0%
tov Upper Taromi Iran
0%
urm Urapmin Papua New Guinea
0%
urt Urat Papua New Guinea
0%
urh Urhobo Nigeria
0%
uri Urim Papua New Guinea
0%
urx Urimo Papua New Guinea
0%
urn Uruangnirin Indonesia
0%
urp Uru-Pa-In Brazil
0%
usk Usaghade Cameroon
0%
wnu Usan Papua New Guinea
0%
ush Ushojo Pakistan
0%
ulf Usku Indonesia
0%
usp Uspanteko Guatemala
0%
omo Utarmbung Papua New Guinea
0%
uth u̠t-Hun Nigeria
0%
utu Utu Papua New Guinea
0%
usa Uturábáímmá Brazil
0%
evh Uvwiẹ Nigeria
0%
tuf Uw Cuwa Colombia
0%
usu Uya Papua New Guinea
0%
vaa Vaagri Booli India
0%
piv Vaeakau-Taumako Solomon Islands
0%
vaf Vafsi Iran
0%
vgr Vaghri Pakistan
0%
tva Vaghua Solomon Islands
0%
vag Vagla Ghana
0%
vai Vai Liberia
0%
vap Vaiphei India
0%
mkt Vamale France
0%
mlr Vamé Cameroon
0%
mpr Vangunu Solomon Islands
0%
vao Vao Vanuatu
0%
bbg Varama Gabon
0%
vrs Varisi Solomon Islands
0%
vav Varli India
0%
nrg Varsaf Vanuatu
0%
vas Vasavi India
0%
ved Veddah Sri Lanka
0%
vem Vemgo-Mabas Nigeria
0%
nmb V'ënen Taut Vanuatu
0%
bav Vengo Cameroon
0%
vra Vera'a Vanuatu
0%
hus Veracruz Huastec Mexico
0%
ver Verre Nigeria
0%
vig Viemɔ̃ Burkina Faso
0%
snu Viid Indonesia
0%
tmi Vinekula Vanuatu
0%
vmg Vinitiri Papua New Guinea
0%
vis Vishavan India
0%
vto Vitou Indonesia
0%
kch Vono Nigeria
0%
sde Vori Nigeria
0%
buw Vove Gabon
0%
vum Vumbu Gabon
0%
mkf Vune Mi Nigeria
0%
msn Vurës Vanuatu
0%
vut Vute Cameroon
0%
wbi Vwanji Tanzania
0%
wlx Waalii Ghana
0%
wwa Waama Benin
0%
ssn Waata Kenya
0%
wbb Wabo Indonesia
0%
kmx Waboda Papua New Guinea
0%
wci Waci Gbe Togo
0%
wdg Wadaginam Papua New Guinea
0%
wbq Waddar India
0%
kxp Wadiyari Koli India
0%
wdj Wadjiginy Australia
0%
wag Wa'ema Papua New Guinea
0%
wrx Wae Rana Indonesia
0%
waj Waffa Papua New Guinea
0%
wgb Wagawaga Papua New Guinea
0%
waq Wagiman Australia
0%
wgi Wahgi Papua New Guinea
0%
wbk Waigali Afghanistan
0%
rro Waima Papua New Guinea
0%
wmh Waima'a Timor-Leste
0%
atr Waimiri Atroari Brazil
0%
wli Waioli Indonesia
0%
waw Waiwai Brazil
0%
oym Wajãpi Brazil
0%
wbv Wajarri Australia
0%
yui Wajiaraye Colombia
0%
wav Waka Nigeria
0%
alo Wakasihu Indonesia
0%
wlw Walak Indonesia
0%
wll Wali Sudan
0%
wla Walio Papua New Guinea
0%
waa Walla Walla United States
0%
wmt Walmajarri Australia
0%
van Walman Papua New Guinea
0%
wrs Walsa Papua New Guinea
0%
ola Walungge Nepal
0%
wmc Wamas Papua New Guinea
0%
wmb Wambaya Australia
0%
wms Wambon Indonesia
0%
wme Wambule Nepal
0%
wad Wamesa Indonesia
0%
cou Wamey Senegal
0%
hub Wampís Peru
0%
waz Wampur Papua New Guinea
0%
wnp Wanap Papua New Guinea
0%
mfi Wandala Nigeria
0%
wdd Wandji Gabon
0%
hwa Wané Côte d'Ivoire
0%
wne Waneci Pakistan
0%
wng Wanggom Indonesia
0%
jub Wannu Nigeria
0%
wno Wano Indonesia
0%
wnc Wantoat Papua New Guinea
0%
wnk Wanukaka Indonesia
0%
auc Waorani Ecuador
0%
juk Wapan Nigeria
0%
juw Wãpha Nigeria
0%
wap Wapichan Guyana
0%
wba Warao Venezuela
0%
wrr Wardaman Australia
0%
gae Warekena Venezuela
0%
wsa Warembori Indonesia
0%
wai Wares Indonesia
0%
var Warijio Mexico
0%
wbe Waritai Indonesia
0%
wrl Warlmanpa Australia
0%
wrn Warnang Sudan
0%
wbt Warnman Australia
0%
wrp Waropen Indonesia
0%
gnt Wartha Thuntai Papua New Guinea
0%
wru Waru Indonesia
0%
wrm Warumungu Australia
0%
wrv Waruna Papua New Guinea
0%
hrw Warwar Feni Papua New Guinea
0%
wss Wasa Ghana
0%
gsp Wasembo Papua New Guinea
0%
was Wášiw ʔítlu United States
0%
wsk Waskia Papua New Guinea
0%
wtk Watakataui Papua New Guinea
0%
wtf Watiwa Papua New Guinea
0%
wah Watubela Indonesia
0%
kop Waube Papua New Guinea
0%
wau Waurá Brazil
0%
wuy Wauyai Indonesia
0%
wow Wawonii Indonesia
0%
wxa Waxianghua China
0%
way Wayâna France
0%
ctt Wayanad Chetti India
0%
wyr Wayoró Brazil
0%
vay Wayu Nepal
0%
guc Wayuu Colombia
0%
mtp 'Weenhayeklhayi' Bolivia
0%
weh Weh Cameroon
0%
tnc Wejeñememaja Colombia
0%
wew Wejewa Indonesia
0%
wlh Welaun Timor-Leste
0%
klh Weliki Papua New Guinea
0%
weo Wemale Indonesia
0%
wem Weme Gbe Benin
0%
weg Wergaia Australia
0%
kvw Wersing Indonesia
0%
apo West Arawe Papua New Guinea
0%
zbw West Berawan Malaysia
0%
drn West Damar Indonesia
0%
awc Western Acipa Nigeria
0%
mbb Western Bukidnon Manobo Philippines
0%
ctp Western Highland Chatino Mexico
0%
pua Western Highland Purepecha Mexico
0%
kza Western Karaboro Burkina Faso
0%
kuf Western Katu Laos
0%
kjq Western Keres United States
0%
krw Western Krahn Liberia
0%
ywl Western Lalu China
0%
lcp Western Lawa Thailand
0%
raf Western Mewahang Nepal
0%
wmg Western Minyag China
0%
mut Western Muria India
0%
lev Western Pantar Indonesia
0%
pne Western Penan Malaysia
0%
ssl Western Sisaala Ghana
0%
suc Western Subanon Philippines
0%
tac Western Tarahumara Mexico
0%
tnb Western Tunebo Colombia
0%
xwl Western Xwla Gbe Benin
0%
kew West Kewapi Papua New Guinea
0%
mqs West Makian Indonesia
0%
mss West Masela Indonesia
0%
txn West Tarangan Indonesia
0%
ybe West Yugur China
0%
adb Wetarese Timor-Leste
0%
apx Wetarese Timor-Leste
0%
woy Weyto Ethiopia
0%
tnp Whitesands Vanuatu
0%
tua Wiarumus Papua New Guinea
0%
wik Wik-Alkan Australia
0%
wij Wik-Iiyanh Australia
0%
wih Wik-Me'anha Australia
0%
wim Wik-Mungknh Australia
0%
wig Wik-Ngathan Australia
0%
wua Wik-Ngenchera Australia
0%
wib Wĩ́nwɛ́y Burkina Faso
0%
kst Winyé Burkina Faso
0%
gdr Wipi Papua New Guinea
0%
wrh Wiradjuri Australia
0%
wiu Witu Papua New Guinea
0%
wog Wogamusin Papua New Guinea
0%
woc Wogeo Papua New Guinea
0%
wbw Woi Indonesia
0%
jod Wojenaka Côte d'Ivoire
0%
wle Wolane Ethiopia
0%
wod Wolani Indonesia
0%
woe Woleaian Micronesia
0%
wlo Wolio Indonesia
0%
won Wongo Democratic Republic of the Congo
0%
wor Woria Indonesia
0%
jud Worodougou Côte d'Ivoire
0%
wro Worrorra Australia
0%
wtw Wotu Indonesia
0%
noa Woun Meu Colombia
0%
wum Wumbvu Gabon
0%
ywu Wumeng Nasu China
0%
wub Wunambal Australia
0%
wud Wundu Togo
0%
yig Wusa Nasu China
0%
bse Wushi Cameroon
0%
wut Wutung Papua New Guinea
0%
wuh Wutunhua China
0%
wuv Wuvula-Aua Papua New Guinea
0%
xan Xamtanga Ethiopia
0%
ane Xârâcùù France
0%
axx Xârâgurè France
0%
xeg ǁXegwi South Africa
0%
xer Xerénte Brazil
0%
xet Xetá Brazil
0%
too Xicotepec de Juárez Totonac Mexico
0%
pmq Xi'iuy Mexico
0%
xnq Xingoni Mozambique
0%
asn Xingú Asuriní Brazil
0%
tqt Xinulajgsípij Totonaco Mexico
0%
pbs Xi'oi Mexico
0%
xiy Xipaya Brazil
0%
xii Xiri South Africa
0%
trc Xna'ánj nu̱ Mexico
0%
xok Xokleng Brazil
0%
sgh Xuǧnůn Ziv Tajikistan
0%
xwe Xwela Gbe Benin
0%
ixc Xwja Mexico
0%
yar Yabarana Venezuela
0%
jae Yabem Papua New Guinea
0%
ybm Yaben Papua New Guinea
0%
ybo Yabong Papua New Guinea
0%
ekr Yace Nigeria
0%
ydg Yadgha Pakistan
0%
rys Yaeyama Japan
0%
ygr Yagaria Papua New Guinea
0%
yai Yagnobi Tajikistan
0%
ygw Yagwoia Papua New Guinea
0%
ner Yahadian Indonesia
0%
rhp Yahang Papua New Guinea
0%
ykk Yakaikeke Papua New Guinea
0%
yky Yakoma Central African Republic
0%
yba Yala Nigeria
0%
ylg Yalaku Papua New Guinea
0%
nce Yalë Papua New Guinea
0%
ylb Yaleba Papua New Guinea
0%
yam Yamba Cameroon
0%
ymb Yambes Papua New Guinea
0%
yat Yambɛ'tá Cameroon
0%
jmd Yamdena Indonesia
0%
tao Yami Taiwan
0%
yaa Yamĩnãfa Mekapã Brazil
0%
ymg Yamongeri Democratic Republic of the Congo
0%
ybi Yamphu Nepal
0%
ame Yanesha' Peru
0%
bsx Yangkam Nigeria
0%
yde Yangum Dey Papua New Guinea
0%
ygl Yangum Gel Papua New Guinea
0%
kdd Yankunytjatjara Australia
0%
wca Yanomámi Brazil
0%
guu Yanomamö Venezuela
0%
jao Yanyuwa Australia
0%
jaq Yaqay Indonesia
0%
yrw Yarawata Democratic Republic of the Congo
0%
yrb Yareba Papua New Guinea
0%
yro Yaroamë Brazil
0%
yrs Yarsun Indonesia
0%
yax Yauma Angola
0%
jau Yaur Indonesia
0%
yaw Yawalapití Brazil
0%
yva Yawa Unat Indonesia
0%
yby Yaweyuha Papua New Guinea
0%
ybx Yawiyo Papua New Guinea
0%
itr Yawuno Teneyo Papua New Guinea
0%
awo Yebu Nigeria
0%
tlc Yecuatla Totonac Mexico
0%
bdm Yedina Chad
0%
ykr Yekora Papua New Guinea
0%
mch Ye'kuana Venezuela
0%
jel Yelmek Indonesia
0%
ybb Yemba Cameroon
0%
jnj Yemsa Ethiopia
0%
ynq Yendang Nigeria
0%
yec Yeniche Germany
0%
yra Yerakai Papua New Guinea
0%
ire Yeresiam Indonesia
0%
gop Yeretuar Indonesia
0%
yev Yeri Papua New Guinea
0%
yrn Yerong China
0%
yeu Yerukula India
0%
yet Yetfa Indonesia
0%
yej Yevanic Israel
0%
yii Yidiny Australia
0%
yij Yidjibarndi Australia
0%
ayi Yigha Nigeria
0%
tul Yii Kitule Nigeria
0%
yll Yil Papua New Guinea
0%
yee Yimas Papua New Guinea
0%
kvu Yinbaw Myanmar
0%
pib Yine Peru
0%
ywg Yinhawangka Australia
0%
kvy Yintale Myanmar
0%
byr Yipma Papua New Guinea
0%
puu Yipunu Gabon
0%
yis Yis Papua New Guinea
0%
gud Yocoboué Dida Côte d'Ivoire
0%
yaq Yo'em Noki Mexico
0%
yog Yogad Philippines
0%
ydk Yoidik Papua New Guinea
0%
yki Yoke Indonesia
0%
pil Yom Benin
0%
yno Yong Thailand
0%
yon Yongkom Papua New Guinea
0%
yut Yopno Papua New Guinea
0%
mts Yora Peru
0%
yox Yoron Japan
0%
xyy Yorta Yorta Australia
0%
wab Yote Papua New Guinea
0%
yot Yotti Nigeria
0%
ytw Yout Wam Papua New Guinea
0%
yoy Yoy Thailand
0%
nua Yuanga France
0%
yuc Yuchi United States
0%
ycn Yucuna Colombia
0%
bdy Yugambeh-Bundjalung Australia
0%
yab Yuhup Brazil
0%
yup Yukpa Colombia
0%
ybl Yukuben Nigeria
0%
yul Yulu Central African Republic
0%
yuz Yuracare Bolivia
0%
whg Yu We Papua New Guinea
0%
yre Yɔwlɛ Côte d'Ivoire
0%
gek Ywom Nigeria
0%
mua Záá Múndàŋ Chad
0%
kji Zabana Solomon Islands
0%
ctz Zacatepec Chatino Mexico
0%
zag Zaghawa Chad
0%
zkr Zakhring China
0%
zah Zamwal Nigeria
0%
zau Zangskari India
0%
zro Záparo Ecuador
0%
zal Zauzou China
0%
zwa Zay Ethiopia
0%
kxk Zayein Myanmar
0%
zay Zaysite Ethiopia
0%
jaj Zazao Solomon Islands
0%
eze Zekwe Nigeria
0%
dhm Zemba Angola
0%
zeg Zenag Papua New Guinea
0%
zen Zenaga Mauritania
0%
czn Zenzontepec Chatino Mexico
0%
zrn Zerenkele Chad
0%
yah Zgamiǵai Tajikistan
0%
zhb Zhaba China
0%
zhi Zhire Nigeria
0%
zhw Zhoa Cameroon
0%
zil Zialo Guinea
0%
ziw Zigula Tanzania
0%
zik Zimakani Papua New Guinea
0%
tic Zittiro Sudan
0%
ziz Zizilivakan Cameroon
0%
pto Zo'é Brazil
0%
yzk Zokhuo China
0%
cbo Zora Nigeria
0%
wfg Zorop Indonesia
0%
dbm Zugur Nigeria
0%
zla Zula Democratic Republic of the Congo
0%
gnd Zulgo-Gemzek Cameroon
0%
jmb Zumbun Nigeria
0%
No matching quizzes found
Score Distribution
Percent of People with Each Score
Percentile by Number Answered
Your Score History
You have not taken this quiz since the last reset